{"text_format":"2","workbook":"xlsx","n_sheets":20,"sheets":["PFP","PFP1.1Serv Graficos","PFP1.3_Consultoria","PFP1.2_Equi_div","PFP2.1_FatorKa","PFP2.2_FatorKb","PFP2.3_FatorKc","PFP3_FatorKd","Cronograma Físico-Financeiro","CPU ESCRIT. CONTAINER","Cotação Voos","CPU-VEICULO_Leve","CPU-VEICULO_PickUp","CPU HOSPEDAGEM","MDO - DNIT","C.G - DNIT","AUX - NOTEBOOK","AUX - GPS","AUX - MOBILIÁRIO","AUX - IMPRESSORA"],"not_rendered":{"charts":0,"images":83,"macros":0,"external_links":50,"defined_names":22005,"comments":2,"pivot_tables":0},"unopened":[],"bounds":{"document_bytes":16777216,"sheet_cells":100000,"run_cost":"one","rows_first":2000,"rows_last":500,"rows_between":2000,"halvings":0,"cell_chars":16384,"cell_head_chars":4096},"cells_cut":0,"cells_raw":0,"read":"whole","date_system":"1900"}

{"sheet":"PFP","index":0,"n_rows":57,"n_cols":16,"rows_kept":57,"cut":false,"hidden":false,"merged":[[5,9,5,10],[5,5,5,8],[35,0,35,5],[35,7,35,10],[5,0,5,4],[34,0,34,5],[34,7,34,10],[0,0,1,8],[4,5,4,8],[0,9,0,10],[1,9,1,10],[4,9,4,10],[2,0,2,10],[3,0,3,10],[4,0,4,4],[51,0,51,10],[44,0,44,10],[46,0,46,10],[38,0,38,10],[45,0,45,10],[41,0,41,10],[47,0,47,10],[48,0,48,10],[49,0,49,10],[50,0,50,10],[42,0,42,10],[36,7,36,10],[36,0,36,5],[43,0,43,10],[37,0,37,5],[37,7,37,10],[40,0,40,10],[39,0,39,10]]}
["PROPOSTA FINANCEIRA DO PROJETO",{"$nulls":8},"CODIGO:"]
[{"$nulls":9},"PFP"]
["NOME DA CONSULTORA:"]
[]
["PROJETO:",{"$nulls":4},"CONTRATANTE:",null,null,null,"DATA BASE:"]
["CONTRATAÇÃO DOS SERVIÇOS DE APOIO À FISCALIZAÇÃO PARA EXECUÇÃO DAS OBRAS DE ENGENHARIA, VISANDO A IMPLANTAÇÃO DO SISTEMA ADUTOR DO AGRESTE POTIGUAR, NO ESTADO DO RIO GRANDE DO NORTE.",{"$nulls":4},"CODEVASF (SEDE)",null,null,null,"SICRO ABR/2025; SINAPI MAI/2025; EMBASA JAN/2025; ORSE ABR/2025; SUDECAP ABR/2025; SETOP JAN/2025                            DATA-BASE ORÇAMENTO: JUL/2025"]
["Base","Cod2","Código","Categoria / Insumo","Uni","Qde","CUD","PU","FatorK","CT","PT","Encargos COMP E ADICIONAIS","SOCIAIS","TOTAIS",null,"Encargos Comp e Adicionais"]
["SICRO","MO1","P8066","Engenheiro Pleno","mês",63,{"$f":"VLOOKUP(C8,'MDO - DNIT'!$A:$Z,4,0)","v":14740.22},{"$f":"ROUND(I8*G8,2)","v":31547.02},{"$f":"'PFP2.1_FatorKa'!$E$36","v":2.1402000000000001},{"$f":"ROUND(G8*F8,2)","v":928633.86},{"$f":"ROUND(H8*F8,2)","v":1987462.26},{"$f":"N8-M8","v":1026.8900000000012},13451.98,14478.87,null,{"$f":"VLOOKUP(C8,'MDO - DNIT'!$A:$Z,26,0)","v":1091.7899999999991}]
["SICRO","MO1","P8065","Engenheiro - Profissional Júnior","mês",180,{"$f":"VLOOKUP(C9,'MDO - DNIT'!$A:$Z,4,0)","v":12903},{"$f":"ROUND(I9*G9,2)","v":27615},{"$f":"'PFP2.1_FatorKa'!$E$36","v":2.1402000000000001},{"$f":"ROUND(G9*F9,2)","v":2322540},{"$f":"ROUND(H9*F9,2)","v":4970700},{"$nulls":4},{"$f":"VLOOKUP(C9,'MDO - DNIT'!$A:$Z,26,0)","v":1091.8000000000011}]
["SICRO","MO1","P8057","Engenheiro Ambiental Júnior","mês",60,{"$f":"VLOOKUP(C10,'MDO - DNIT'!$A:$Z,4,0)","v":12903},27615,{"$f":"'PFP2.1_FatorKa'!$E$36","v":2.1402000000000001},774180,1656900,1030.1899999999987,8980.3700000000008,10010.56,null,{"$f":"VLOOKUP(C10,'MDO - DNIT'!$A:$Z,26,0)","v":1092.6799999999985}]
["SICRO","MO1","P8026","Auxiliar de Administrativo","mês",{"$f":"60+60","v":120},{"$f":"VLOOKUP(C11,'MDO - DNIT'!$A:$Z,4,0)","v":1931.52},4133.84,{"$f":"'PFP2.1_FatorKa'!$E$36","v":2.1402000000000001},231782.39999999999,496060.8,1070.1799999999998,2450.48,3520.66,null,{"$f":"VLOOKUP(C11,'MDO - DNIT'!$A:$Z,26,0)","v":1198.5799999999995}]
["SICRO","MO1","P8147","Técnico - Profissional Especial","mês",{"$f":"3*55","v":165},{"$f":"VLOOKUP(C12,'MDO - DNIT'!$A:$Z,4,0)","v":3268.63},6995.52,{"$f":"'PFP2.1_FatorKa'!$E$36","v":2.1402000000000001},539323.94999999995,1154260.8,1070.1799999999998,2450.48,3520.66,null,{"$f":"VLOOKUP(C12,'MDO - DNIT'!$A:$Z,26,0)","v":1147.7799999999997}]
["SICRO","MO1","P8147","Técnico Mecânico","mês",45,{"$f":"VLOOKUP(C13,'MDO - DNIT'!$A:$Z,4,0)","v":3268.63},6995.52,{"$f":"'PFP2.1_FatorKa'!$E$36","v":2.1402000000000001},147088.35,314798.40000000002,{"$nulls":4},{"$f":"VLOOKUP(C13,'MDO - DNIT'!$A:$Z,26,0)","v":1147.7799999999997}]
["SICRO","MO1","P8147","Técnico Eletrotécnico","mês",45,{"$f":"VLOOKUP(C14,'MDO - DNIT'!$A:$Z,4,0)","v":3268.63},6995.52,{"$f":"'PFP2.1_FatorKa'!$E$36","v":2.1402000000000001},147088.35,314798.40000000002,{"$nulls":4},{"$f":"VLOOKUP(C14,'MDO - DNIT'!$A:$Z,26,0)","v":1147.7799999999997}]
["SICRO","MO1","P8163","Topógrafo","mês",{"$f":"2*60","v":120},{"$f":"VLOOKUP(C15,'MDO - DNIT'!$A:$Z,4,0)","v":2558.11},5474.87,{"$f":"'PFP2.1_FatorKa'!$E$36","v":2.1402000000000001},306973.2,656984.4,{"$nulls":4},{"$f":"VLOOKUP(C15,'MDO - DNIT'!$A:$Z,26,0)","v":1190.81}]
["SICRO","MO1","P8028","Auxiliar topografo","mês",{"$f":"2*60","v":120},{"$f":"VLOOKUP(C16,'MDO - DNIT'!$A:$Z,4,0)","v":1665.28},3564.03,{"$f":"'PFP2.1_FatorKa'!$E$36","v":2.1402000000000001},199833.60000000001,427683.6,{"$nulls":4},{"$f":"VLOOKUP(C16,'MDO - DNIT'!$A:$Z,26,0)","v":1248.47}]
["SICRO","MO1","P8147","Técnico de Edificações","mês",{"$f":"2*55","v":110},{"$f":"VLOOKUP(C17,'MDO - DNIT'!$A:$Z,4,0)","v":3268.63},6995.52,{"$f":"'PFP2.1_FatorKa'!$E$36","v":2.1402000000000001},359549.3,769507.2,{"$nulls":4},{"$f":"VLOOKUP(C17,'MDO - DNIT'!$A:$Z,26,0)","v":1147.7799999999997}]
["SICRO","MO1","P8147","Técnico Profissional Especial (Desenhista)","mês",60,{"$f":"VLOOKUP(C18,'MDO - DNIT'!$A:$Z,4,0)","v":3268.63},6995.52,{"$f":"'PFP2.1_FatorKa'!$E$36","v":2.1402000000000001},196117.8,419731.20000000001,{"$nulls":4},{"$f":"VLOOKUP(C18,'MDO - DNIT'!$A:$Z,26,0)","v":1147.7799999999997}]
["SICRO","MO1","P8021","Assistente Social","mês",60,{"$f":"VLOOKUP(C19,'MDO - DNIT'!$A:$Z,4,0)","v":7579.69},16222.05,{"$f":"'PFP2.1_FatorKa'!$E$36","v":2.1402000000000001},454781.4,973323,{"$nulls":4},{"$f":"VLOOKUP(C19,'MDO - DNIT'!$A:$Z,26,0)","v":1092.2699999999995}]
["SICRO","MO1","P8098","Técnico Auxiliar (Laboratorista)","mês",{"$f":"2*60","v":120},{"$f":"VLOOKUP(C20,'MDO - DNIT'!$A:$Z,4,0)","v":2449.31},5242.01,{"$f":"'PFP2.1_FatorKa'!$E$36","v":2.1402000000000001},293917.2,629041.19999999995,{"$nulls":4},{"$f":"VLOOKUP(C20,'MDO - DNIT'!$A:$Z,26,0)","v":1197.1500000000001}]
["SICRO","MO1","P8027","Servente (Auxiliar de Laboratório)","mês",{"$f":"2*60","v":120},{"$f":"VLOOKUP(C21,'MDO - DNIT'!$A:$Z,4,0)","v":1836.99},3931.53,{"$f":"'PFP2.1_FatorKa'!$E$36","v":2.1402000000000001},220438.8,471783.6,{"$nulls":4},{"$f":"VLOOKUP(C21,'MDO - DNIT'!$A:$Z,26,0)","v":1239.9800000000002}]
["SICRO","MO1","P8143","Técnico Ambiental","mês",60,{"$f":"VLOOKUP(C22,'MDO - DNIT'!$A:$Z,4,0)","v":2987.19},6393.18,{"$f":"'PFP2.1_FatorKa'!$E$36","v":2.1402000000000001},179231.4,383590.8,{"$nulls":4},{"$f":"VLOOKUP(C22,'MDO - DNIT'!$A:$Z,26,0)","v":1165.6999999999994}]
["SICRO","MO1","P8151","Tecnico Segurança do Trabalho","mês",60,{"$f":"VLOOKUP(C23,'MDO - DNIT'!$A:$Z,4,0)","v":4601.83},9848.84,{"$f":"'PFP2.1_FatorKa'!$E$36","v":2.1402000000000001},276109.8,590930.4,{"$nulls":4},{"$f":"VLOOKUP(C23,'MDO - DNIT'!$A:$Z,26,0)","v":1095.7399999999998}]
["CODE","MO2","PROP","Consultoria Engenheiro Consultor - \nConcreto Armado","und",5,{"$f":"'PFP1.3_Consultoria'!G10","v":10447.227272727272},15928.89,{"$f":"'PFP2.2_FatorKb'!E35","v":1.5246999999999999},52236.14,79644.45,{"$nulls":4},{"$f":"VLOOKUP('PFP1.3_Consultoria'!B8,'MDO - DNIT'!$A:$Z,26,0)","v":1089.4500000000044}]
["CODE","MO2","PROP","Consultoria Engenheiro Consultor \n- Transiente Hidráulico","und",5,{"$f":"'PFP1.3_Consultoria'!G15","v":10447.227272727272},15928.89,{"$f":"'PFP2.2_FatorKb'!E35","v":1.5246999999999999},52236.14,79644.45,{"$nulls":4},{"$f":"VLOOKUP('PFP1.3_Consultoria'!B13,'MDO - DNIT'!$A:$Z,26,0)","v":1089.4500000000044}]
["CODE","MO2","PROP","Consultoria Geólogo","und",5,{"$f":"'PFP1.3_Consultoria'!G20","v":10447.227272727272},15928.89,{"$f":"'PFP2.2_FatorKb'!E35","v":1.5246999999999999},52236.14,79644.45,{"$nulls":4},{"$f":"VLOOKUP('PFP1.3_Consultoria'!B18,'MDO - DNIT'!$A:$Z,26,0)","v":1089.4500000000044}]
["SICRO","LO","B8958","Cesta de Instalações Topografia","mês",120,{"$f":"'C.G - DNIT'!G23","v":5150.2700000000004},6232.34,{"$f":"PFP3_FatorKd!E17","v":1.2101},618032.4,747880.8]
["CODE","LO","PROP","PICK-UP - CD 4X4 Diesel ","mês",{"$f":"3*60","v":180},{"$f":"'CPU-VEICULO_PickUp'!C52","v":2693.9572961889662},3259.96,{"$f":"PFP3_FatorKd!E17","v":1.2101},484912.31,586792.80000000005]
["CODE","LO","PROP","Veículo leve - 71 a 115 CV","mês",363,{"$f":"'CPU-VEICULO_Leve'!D49","v":1183.6202897398389},1432.3,{"$f":"PFP3_FatorKd!E17","v":1.2101},429654.17,519924.9]
["CODE","EM","PROP","Aquisição de GPS","und",1,{"$f":"'AUX - GPS'!E8","v":3890.89},4708.37,{"$f":"PFP3_FatorKd!E17","v":1.2101},3890.89,4708.37]
["CODE","LO","PROP","Passagem ida e volta","und",{"$f":"9+4+4","v":17},{"$f":"'Cotação Voos'!C106","v":1607},1944.63,{"$f":"PFP3_FatorKd!E17","v":1.2101},27319,33058.71]
["CODE","LO","PROP","Diaria","und",{"$f":"F31*4","v":68},{"$f":"'CPU HOSPEDAGEM'!C19","v":160.85757575757575},194.65,{"$f":"PFP3_FatorKd!E17","v":1.2101},10938.32,13236.2]
["CODE","LO","PROP","Infraestrutura e Equipamentos de Escritório","unid",1,{"$f":"'PFP1.2_Equi_div'!G11","v":548146.77},663312.41,{"$f":"PFP3_FatorKd!E17","v":1.2101},548146.77,663312.41]
["CODE","EC","SICRO","Encargos Complementares Adicionais","mês",{"$f":"SUM(F8:F26)","v":1523},{"$f":"AVERAGE(P8:P26)","v":1142.748421052632},{"$f":"ROUND(I34*G34,2)","v":1382.84},{"$f":"PFP3_FatorKd!E17","v":1.2101},1740405.85,2106065.3199999998]
["TOTAL DOS CUSTOS DIRETOS",{"$nulls":6},{"$f":"SUM(J8:J34)","v":11597597.539999999}]
["TOTAL DOS ENCARGOS E DESPESAS DIVERSAS",{"$nulls":6},{"$f":"H37-H35","v":9533871.379999999}]
["TOTAL DA PROPOSTA A PREÇO GLOBAL",{"$nulls":6},{"$f":"SUM(K8:K34)","v":21131468.919999998}]
["TOTAL DA PROPOSTA",{"$nulls":6},{"$f":"H37","v":21131468.919999998}]
["OBSERVAÇÃO:"]
["*Encargos Complementares e adicionais já incluem auxílio transporte"]
["Alocar os Insumos MO, com respectivo FatorK, dentro da categoria de vínculo contratual (celetista, autonomo, societario)"]
["Uni - unidade de medição do insumo;"]
["Qde - Quantidade do Insumo (não pode ocorrer alteração pela Licitante)"]
["CUD - Custo Unitário Direto do Insumo (sem encargos, taxas e impostos, valor não pode ser maior que o Orçado pela Codevasf)"]
["CT - Custo Total (sem encargos, taxas e impostos) - CT = Qde x CUD"]
["FatorK - Taxa de Ressarcimento de Despesas e Encargos (detalhar composição nas Planilhas \"PFP2.1\", \"PFP2.2\", \"PFP3\")"]
["PU - Preço Unitário do Insumo (incluído encargos, taxas e impostos) - PU = CUD x FatorK"]
["PT - Preço Total do Insumo (incluído encargos, taxas e impostos) - PT = Qde x PU"]
["P - Profissionais nível superior nas áreas de Engenharia, Química, Arquitetura, Agronomia e Veterinária, conforme disposições da Lei 4.950-A/66",{"$nulls":14},"OBSERVAÇÃO:"]
["S - Profissionais de nível superior nas demais áreas de atuação, incluindo Arqueólogo, Biólogo, Geógrafo e Sociólogo",{"$nulls":14},"A mão de obra do Sinapi já possui encargos sociais, por isso deve se usar o \"fator K\" sem encargos"]
["T - Profissionais de nível médio técnico nas diversas áreas de atuação"]
["A - Profissionais de nível médio de apoio técnico-administrativo"]
[]
["Observações: "]
["1- Sistemas oficiais de referência de preços utilizados"]
["Tabela Consultiva do DNIT-Out/2022."]
["SINAPI/GO - 11/2022"]

{"sheet":"PFP1.1Serv Graficos","index":1,"n_rows":42,"n_cols":9,"rows_kept":42,"cut":false,"hidden":false,"merged":[[27,0,27,3],[2,0,2,4],[14,0,14,4],[19,0,19,3],[21,1,21,2],[22,0,22,4],[37,0,37,4],[38,0,38,4],[39,0,39,4],[40,0,40,4],[41,0,41,4]]}
[]
[]
["Serviços Gráficos"]
[]
["Serviço",null,"Referencia","Código","Valor",null,null,"1 Vol Impressão Rel Final"]
["Impressão colorida",null,"SETOP/COMPOSIÇÃO","CO-2019",1.8,null,"Preto",{"$f":"C17*E7","v":97.65}]
["Impressão preta",null,"SETOP/COMPOSIÇÃO","CO-2017",0.31,null,"Colorida",{"$f":"D17*E6","v":63}]
["Encadernação até 350 fls.",null,"EMBASA/COMPOSIÇÃO","30.02.30 / 30.02.27",{"$f":"20+7.2","v":27.2},"Foi considerado a soma de 2 composições, com encadernação de 250 e 100 folhas","Encader",{"$f":"E8","v":27.2}]
["Encadernação até 50 fls.",null,"EMBASA/COMPOSIÇÃO","30.02.26",6,null,"Total",{"$f":"SUM(H6:H8)","v":187.85}]
["Encadernação até 100 fls.",null,"EMBASA/COMPOSIÇÃO","30.02.27",7.2]
["Impressão em A3",null,"SETOP/COMPOSIÇÃO","CO-2020 / CO-2018",{"$f":"(4.33+0.83)/2","v":2.58},"Foi considerado o valor médio entre a impressão colorida e preta/branco",null,"1 Rel A3"]
["Impressão em A1",null,"-","-",{"$f":"2*E11","v":5.16},"Foi considerado o dobro do valor da impressão A3","Impresão A3",{"$f":"B18*E11","v":645}]
["Impressão em A0",null,"-","-",{"$f":"2*E12","v":10.32},"Foi considerado o dobro do valor da impressão A1","Encader",{"$f":"E8","v":27.2}]
[{"$nulls":6},"Total",{"$f":"SUM(H12:H13)","v":672.2}]
["RELATÓRIO FINAL"]
["Qtd Rel Final (Volumes)","Qtd Pág por Volume","Qtd Impressão Preta","Qtd Impressão Color","Custo Unitário Parcial"]
[3,350,{"$f":"B17*0.9","v":315},{"$f":"B17*0.1","v":35},{"$f":"H9*A17","v":563.54999999999995},"Estimamos 90% do total de páginas de impressões pretas e 10% coloridas."]
["Peça Gráfica - Impressão em A3",250,null,null,{"$f":"ROUND(((B18*E11)+E8),2)","v":672.2}]
["Peça Gráfica - Impressão em A1",50,null,null,{"$f":"ROUND(((B19*E12)+E8),2)","v":285.2}]
["Custo Unitário Rel Final",null,null,null,{"$f":"SUM(E17:E19)","v":1520.95}]
[]
[]
["MINUTA DO RELATÓRIO FINAL"]
["Qtd Rel Final (Volumes)","Qtd Pág por Volume","Qtd Impressão Preta","Qtd Impressão Color","Custo Unitário Parcial"]
[3,350,{"$f":"B25*0.9","v":315},{"$f":"B25*0.1","v":35},{"$f":"H9*A25","v":563.54999999999995}]
["Peça Gráfica - Impressão em A4",350,null,null,{"$f":"(E7*B26)+H8","v":135.69999999999999}]
[]
["Custo Unitário Rel Final",null,null,null,{"$f":"SUM(E25:E26)","v":699.25}]
[]
[]
["Descrição","Qtd Pág por Volume","Qtd Impressão Preta","Qtd Impressão Color","Custo Unitário Total"]
["Relatório Mensal",50,{"$f":"B32*0.9","v":45},{"$f":"B32*0.1","v":5},{"$f":"H36","v":28.95},"Estimamos a quantidade de página por volume.",null,"1 Rel Mensal","1 Rel Parcial"]
["Relatório Parcial",100,{"$f":"B33*0.9","v":90},{"$f":"B33*0.1","v":10},{"$f":"I36","v":53.1},"Estimamos a quantidade de página por volume.",null,{"$f":"C32*E7","v":13.95},{"$f":"C33*E7","v":27.9}]
["Minuta do Relatório Final",null,null,null,{"$f":"E28","v":699.25},null,null,{"$f":"D32*E6","v":9},{"$f":"D33*E6","v":18}]
["Relatório Final",null,null,null,{"$f":"E20","v":1520.95},null,null,{"$f":"E9","v":6},{"$f":"E10","v":7.2}]
[{"$nulls":6},"Total",{"$f":"SUM(H33:H35)","v":28.95},{"$f":"SUM(I33:I35)","v":53.1}]
[]
["OBS:      A quantidade de páginas por volume foi estimada"]
["1 - Relatório Mensal: Será considerado 01 Volume com uma quantidade estimada de 50 páginas."]
["2 - Relatório Parcial: Será considerado 01 Volumes com uma quantidade estimada de 100 páginas."]
["3 - Minuta do Relatório Final:  Será considerado 03 Volumes com uma quantidade estimada de 350 páginas, cada, + 01 Volume de desenho em Folha A4, com estimativa de 350 páginas."]
["4 - Relatório Final:  Será considerado 03 Volumes com uma quantidade estimada de 350 páginas, cada, + 01 Volume de desenho em Folha A3, com estimativa de 350 páginas."]

{"sheet":"PFP1.3_Consultoria","index":2,"n_rows":20,"n_cols":7,"rows_kept":20,"cut":false,"hidden":false,"merged":[[0,0,1,5],[14,0,14,5],[19,0,19,5],[2,0,2,6],[3,0,3,6],[4,0,4,3],[4,4,4,5],[5,0,5,3],[5,4,5,5],[9,0,9,5]]}
["CONSULTORIA",{"$nulls":5},"CODIGO:"]
[{"$nulls":6},"PFP1.3"]
["NOME DA EMPRESA:"]
[]
["PROJETO: ",null,null,null,"CONTRATANTE:",null,{"$f":"PFP!J5","v":"DATA BASE:"}]
["CONTRATAÇÃO DOS SERVIÇOS DE APOIO À FISCALIZAÇÃO PARA EXECUÇÃO DAS OBRAS DE ENGENHARIA, VISANDO A IMPLANTAÇÃO DO SISTEMA ADUTOR DO AGRESTE POTIGUAR, NO ESTADO DO RIO GRANDE DO NORTE.",null,null,null,"CODEVASF (SEDE)",null,{"$f":"PFP!J6","v":"SICRO ABR/2025; SINAPI MAI/2025; EMBASA JAN/2025; ORSE ABR/2025; SUDECAP ABR/2025; SETOP JAN/2025                            DATA-BASE ORÇAMENTO: JUL/2025"}]
["Base","Código","Insumos","Uni","Qde","Custo Unitário (PU)","Custo Total (PT)"]
["SICRO","P8060","Engenheiro Consultor - Concreto Armado","hora",{"$f":"80/176","v":0.45454545454545453},{"$f":"VLOOKUP(B8,'MDO - DNIT'!$A:$Z,4,0)","v":22750.26},{"$f":"E8*F8","v":10341.027272727271}]
["CODE","PROP","Relatório","und","2",{"$f":"'PFP1.1Serv Graficos'!E33","v":53.1},{"$f":"E9*F9","v":106.2}]
["TOTAL",{"$nulls":5},{"$f":"SUM(G8:G9)","v":10447.227272727272}]
[]
[]
["SICRO","P8060","Engenheiro Consultor - Transiente Hidráulico","hora",{"$f":"80/176","v":0.45454545454545453},{"$f":"VLOOKUP(B13,'MDO - DNIT'!$A:$Z,4,0)","v":22750.26},{"$f":"E13*F13","v":10341.027272727271}]
["CODE","PROP","Relatório","und","2",{"$f":"F9","v":53.1},106.2]
["TOTAL",{"$nulls":5},{"$f":"SUM(G13:G14)","v":10447.227272727272}]
[]
[]
["SICRO","P8060","Geólogo Consultor - Adutora","hora",{"$f":"80/176","v":0.45454545454545453},{"$f":"VLOOKUP(B18,'MDO - DNIT'!$A:$Z,4,0)","v":22750.26},{"$f":"E18*F18","v":10341.027272727271}]
["CODE","PROP","Relatório","und","2",{"$f":"F9","v":53.1},106.2]
["TOTAL",{"$nulls":5},{"$f":"SUM(G18:G19)","v":10447.227272727272}]

{"sheet":"PFP1.2_Equi_div","index":3,"n_rows":11,"n_cols":7,"rows_kept":11,"cut":false,"hidden":false,"merged":[[10,0,10,5],[0,0,1,5],[2,0,2,6],[3,0,3,6],[4,0,4,3],[4,4,4,5],[5,0,5,3],[5,4,5,5]]}
["RECURSOS GERAIS",{"$nulls":5},"CODIGO:"]
[{"$nulls":6},"PFP1.4"]
["NOME DA EMPRESA:"]
[]
["PROJETO: ",null,null,null,"CONTRATANTE:",null,{"$f":"PFP!J5","v":"DATA BASE:"}]
[{"$f":"'PFP1.3_Consultoria'!A6","v":"CONTRATAÇÃO DOS SERVIÇOS DE APOIO À FISCALIZAÇÃO PARA EXECUÇÃO DAS OBRAS DE ENGENHARIA, VISANDO A IMPLANTAÇÃO DO SISTEMA ADUTOR DO AGRESTE POTIGUAR, NO ESTADO DO RIO GRANDE DO NORTE."},null,null,null,"CODEVASF (SEDE)",null,{"$f":"PFP!J6","v":"SICRO ABR/2025; SINAPI MAI/2025; EMBASA JAN/2025; ORSE ABR/2025; SUDECAP ABR/2025; SETOP JAN/2025                            DATA-BASE ORÇAMENTO: JUL/2025"}]
["Base","Código","Insumos","Uni","Qde","CUD","CT"]
["CODE","PROP","Aluguel de notebook","mês",{"$f":"63+60+60+60+60+60+60+60+60+60+60+60+60","v":783},{"$f":"'AUX - NOTEBOOK'!H10","v":43.32},{"$f":"ROUND(E8*F8,2)","v":33919.56}]
["CODE","PROP","Aluguel de impressora","mês",63,{"$f":"'AUX - IMPRESSORA'!H10","v":25.470000000000002},{"$f":"ROUND(E9*F9,2)","v":1604.61}]
["CODE","PROP","Escritório","mês",{"$f":"60*1","v":60},{"$f":"'CPU ESCRIT. CONTAINER'!C14","v":8543.7100000000009},{"$f":"ROUND(E10*F10,2)","v":512622.6}]
["TOTAL",{"$nulls":5},{"$f":"SUM(G8:G10)","v":548146.77}]

{"sheet":"PFP2.1_FatorKa","index":4,"n_rows":41,"n_cols":6,"rows_kept":41,"cut":false,"hidden":false,"merged":[[20,1,20,3],[21,1,21,3],[23,1,23,3],[9,1,9,3],[10,1,10,3],[11,1,11,3],[12,1,12,3],[34,1,34,3],[0,0,1,4],[2,0,2,5],[5,0,5,1],[5,2,5,4],[4,2,4,4],[3,0,3,5],[24,1,24,3],[7,1,7,3],[17,1,17,3],[8,1,8,3],[13,1,13,3],[14,1,14,3],[15,1,15,3],[18,1,18,3],[19,1,19,3],[35,1,35,3],[6,1,6,3],[40,0,40,5],[39,0,39,5],[38,0,38,5],[37,0,37,5],[22,1,22,3],[29,1,29,3],[30,1,30,3],[28,1,28,3],[25,1,25,3],[26,1,26,3],[27,1,27,3],[33,1,33,3],[31,1,31,3],[32,1,32,3]]}
["DETALHAMENTO DOS ENCARGOS SOCIAIS: Ka",{"$nulls":4},"CODIGO:"]
[{"$nulls":5},"PFP-2.1"]
["NOME DA CONSULTORA:"]
[]
["PROJETO:",null,"CONTRATANTE:",null,null,{"$f":"PFP!J5","v":"DATA BASE:"}]
[{"$f":"PFP!A6","v":"CONTRATAÇÃO DOS SERVIÇOS DE APOIO À FISCALIZAÇÃO PARA EXECUÇÃO DAS OBRAS DE ENGENHARIA, VISANDO A IMPLANTAÇÃO DO SISTEMA ADUTOR DO AGRESTE POTIGUAR, NO ESTADO DO RIO GRANDE DO NORTE."},null,"CODEVASF (SEDE)",null,null,"SINAPI/RN"]
["Cod","DESCRIÇÃO",null,null,"%","R$"]
["A","ENCARGOS SOCIAIS BÁSICOS",null,null,{"$f":"ROUND(SUM(E9:E17),4)","v":0.36799999999999999},{"$f":"ROUND(E8*SUMIF(PFP!B:B,\"MO1\",PFP!J:J),2)","v":2788552.9}]
["A1","INSS",null,null,0.2,{"$f":"ROUND(E9*SUMIF(PFP!B:B,\"MO1\",PFP!J:J),2)","v":1515517.88}]
["A2","SESI",null,null,1.4999999999999999E-2,{"$f":"ROUND(E10*SUMIF(PFP!B:B,\"MO1\",PFP!J:J),2)","v":113663.84}]
["A3","SENAI",null,null,0.01,{"$f":"ROUND(E11*SUMIF(PFP!B:B,\"MO1\",PFP!J:J),2)","v":75775.89}]
["A4","INCRA",null,null,2E-3,{"$f":"ROUND(E12*SUMIF(PFP!B:B,\"MO1\",PFP!J:J),2)","v":15155.18}]
["A5","SEBRAE",null,null,6.0000000000000001E-3,{"$f":"ROUND(E13*SUMIF(PFP!B:B,\"MO1\",PFP!J:J),2)","v":45465.54}]
["A6","Salário Educação",null,null,2.5000000000000001E-2,{"$f":"ROUND(E14*SUMIF(PFP!B:B,\"MO1\",PFP!J:J),2)","v":189439.74}]
["A7","Seguro Contra Acidentes de Trabalho",null,null,0.03,{"$f":"ROUND(E15*SUMIF(PFP!B:B,\"MO1\",PFP!J:J),2)","v":227327.68}]
["A8","FGTS",null,null,0.08,{"$f":"ROUND(E16*SUMIF(PFP!B:B,\"MO1\",PFP!J:J),2)","v":606207.15}]
["A9","SECONCI",null,null,0,{"$f":"ROUND(E17*SUMIF(PFP!B:B,\"MO1\",PFP!J:J),2)","v":0}]
["B"," ENCARGOS SOCIAIS QUE RECEBEM INCIDÊNCIA DE \"A\"",null,null,{"$f":"ROUND(SUM(E19:E25),4)","v":0.19620000000000001},{"$f":"ROUND(E18*SUMIF(PFP!B:B,\"MO1\",PFP!J:J),2)","v":1486723.04}]
["B3","Auxílio Enfermidade",null,null,6.4999999999999997E-3,{"$f":"ROUND(E19*SUMIF(PFP!B:B,\"MO1\",PFP!J:J),2)","v":49254.33}]
["B4","13º Salário",null,null,8.3299999999999999E-2,{"$f":"ROUND(E20*SUMIF(PFP!B:B,\"MO1\",PFP!J:J),2)","v":631213.19999999995}]
["B5","Licença Paternidade",null,null,5.0000000000000001E-4,{"$f":"ROUND(E21*SUMIF(PFP!B:B,\"MO1\",PFP!J:J),2)","v":3788.79}]
["B6","Faltas Justificadas",null,null,5.5999999999999999E-3,{"$f":"ROUND(E22*SUMIF(PFP!B:B,\"MO1\",PFP!J:J),2)","v":42434.5}]
["B8","Auxílio Acidente de Trabalho",null,null,6.9999999999999999E-4,{"$f":"ROUND(E23*SUMIF(PFP!B:B,\"MO1\",PFP!J:J),2)","v":5304.31}]
["B9","Férias Gozadas",null,null,9.9299999999999999E-2,{"$f":"ROUND(E24*SUMIF(PFP!B:B,\"MO1\",PFP!J:J),2)","v":752454.63}]
["B10","Salário Maternidade",null,null,2.9999999999999997E-4,{"$f":"ROUND(E25*SUMIF(PFP!B:B,\"MO1\",PFP!J:J),2)","v":2273.2800000000002}]
["C"," ENCARGOS SOCIAIS QUE NÃO RECEBEM INCIDÊNCIA DE \"A\"",null,null,{"$f":"ROUND(SUM(E27:E31),4)","v":6.8699999999999997E-2},{"$f":"ROUND(E26*SUMIF(PFP!B:B,\"MO1\",PFP!J:J),2)","v":520580.39}]
["C1","Aviso Prévio Indenizado",null,null,3.9100000000000003E-2,{"$f":"ROUND(E27*SUMIF(PFP!B:B,\"MO1\",PFP!J:J),2)","v":296283.75}]
["C2","Aviso Prévio Trabalhado",null,null,8.9999999999999998E-4,{"$f":"ROUND(E28*SUMIF(PFP!B:B,\"MO1\",PFP!J:J),2)","v":6819.83}]
["C3","Férias Indenizadas",null,null,6.3E-3,{"$f":"ROUND(E29*SUMIF(PFP!B:B,\"MO1\",PFP!J:J),2)","v":47738.81}]
["C4","Depósito Rescisão Sem Justa Causa",null,null,1.9099999999999999E-2,{"$f":"ROUND(E30*SUMIF(PFP!B:B,\"MO1\",PFP!J:J),2)","v":144731.96}]
["C5","Indenização Adicional",null,null,3.3E-3,{"$f":"ROUND(E31*SUMIF(PFP!B:B,\"MO1\",PFP!J:J),2)","v":25006.05}]
["D"," REINCIDÊNCIAS",null,null,{"$f":"ROUND(SUM(E33:E34),4)","v":7.5700000000000003E-2},{"$f":"ROUND(E32*SUMIF(PFP!B:B,\"MO1\",PFP!J:J),2)","v":573623.52}]
["D1","Reincidência de \"A\" sobre \"B\"",null,null,7.22E-2,{"$f":"ROUND(E33*SUMIF(PFP!B:B,\"MO1\",PFP!J:J),2)","v":547101.96}]
["D2","Reincidência de \"A\" sobre Aviso Prévio Trabalhado e reincidência do FGTS sobre Aviso Prévio Indenizado",null,null,3.5000000000000001E-3,{"$f":"ROUND(E34*SUMIF(PFP!B:B,\"MO1\",PFP!J:J),2)","v":26521.56}]
["K1a","ENCARGOS SOCIAIS",null,null,{"$f":"ROUND(E8+E18+E26+E32,4)","v":0.70860000000000001},{"$f":"ROUND(E35*SUMIF(PFP!B:B,\"MO1\",PFP!J:J),2)","v":5369479.8600000003}]
["Ka","TAXA DE RESSARCIMENTO DE DESPESAS E ENCARGOS SOBRE MO1",null,null,{"$f":"ROUND((1+E35+PFP3_FatorKd!E13)*(1+PFP3_FatorKd!E12)*(1+PFP3_FatorKd!E8),4)","v":2.1402000000000001}]
["OBSERVAÇÃO: CELETISTAS E EQUIVALENTES"]
["1 - DISCRIMINAR OS ENCARGOS SOCIAIS COM SEUS RESPECTIVOS PERCENTUAS TOTALIZANDO OS MESMOS. "]
["2 - APLICAR O  % TOTAL P/ CALCULAR OS E. SOCIAIS INCIDENTES NA MÃO-DE-OBRA CELETISTAS"]
["Ka - Taxa de Ressarcimento de Despesas e Encargos sobre a Mão de Obra CELETISTA (incide apenas no Insumo Codigo MO1)"]
["Ka = (1 + K1 + K2) x (1 + K3) x (1 + K4)"]

{"sheet":"PFP2.2_FatorKb","index":5,"n_rows":40,"n_cols":6,"rows_kept":40,"cut":false,"hidden":false,"merged":[[7,1,7,3],[16,1,16,3],[17,1,17,3],[8,1,8,3],[9,1,9,3],[10,1,10,3],[14,1,14,3],[15,1,15,3],[11,1,11,3],[0,0,1,4],[2,0,2,5],[3,0,3,5],[4,2,4,4],[5,0,5,1],[5,2,5,4],[6,1,6,3],[12,1,12,3],[13,1,13,3],[39,0,39,5],[36,0,36,5],[37,0,37,5],[38,0,38,5],[31,1,31,3],[32,1,32,3],[33,1,33,3],[34,1,34,3],[18,1,18,3],[30,1,30,3],[19,1,19,3],[20,1,20,3],[21,1,21,3],[27,1,27,3],[28,1,28,3],[29,1,29,3],[22,1,22,3],[23,1,23,3],[24,1,24,3],[25,1,25,3],[26,1,26,3]]}
["DETALHAMENTO DOS ENCARGOS SOCIAIS: Kb",{"$nulls":4},"CODIGO:"]
[{"$nulls":5},"PFP-2.2"]
["NOME DA CONSULTORA:"]
[]
["PROJETO:",null,"CONTRATANTE:",null,null,{"$f":"'PFP2.1_FatorKa'!F5","v":"DATA BASE:"}]
[{"$f":"PFP!A6","v":"CONTRATAÇÃO DOS SERVIÇOS DE APOIO À FISCALIZAÇÃO PARA EXECUÇÃO DAS OBRAS DE ENGENHARIA, VISANDO A IMPLANTAÇÃO DO SISTEMA ADUTOR DO AGRESTE POTIGUAR, NO ESTADO DO RIO GRANDE DO NORTE."},null,"CODEVASF (SEDE)",null,null,{"$f":"'PFP2.1_FatorKa'!F6","v":"SINAPI/RN"}]
["Cod","DESCRIÇÃO",null,null,"%","R$"]
["A","ENCARGOS SOCIAIS BÁSICOS",null,null,{"$f":"ROUND(SUM(E9:E16),4)","v":0.2},{"$f":"ROUND(E8*SUMIF(PFP!$B:$B,\"MO2\",PFP!$J:$J),2)","v":31341.68}]
["A1","INSS",null,null,0.2,{"$f":"ROUND(E9*SUMIF(PFP!$B:$B,\"MO2\",PFP!$J:$J),2)","v":31341.68}]
["A2","SESI",null,null,0,{"$f":"ROUND(E10*SUMIF(PFP!$B:$B,\"MO2\",PFP!$J:$J),2)","v":0}]
["A3","SENAI",null,null,0,{"$f":"ROUND(E11*SUMIF(PFP!$B:$B,\"MO2\",PFP!$J:$J),2)","v":0}]
["A4","INCRA",null,null,0,{"$f":"ROUND(E12*SUMIF(PFP!$B:$B,\"MO2\",PFP!$J:$J),2)","v":0}]
["A5","SEBRAE",null,null,0,{"$f":"ROUND(E13*SUMIF(PFP!$B:$B,\"MO2\",PFP!$J:$J),2)","v":0}]
["A6","Salário Educação",null,null,0,{"$f":"ROUND(E14*SUMIF(PFP!$B:$B,\"MO2\",PFP!$J:$J),2)","v":0}]
["A7","Seguro Contra Acidentes de Trabalho",null,null,0,{"$f":"ROUND(E15*SUMIF(PFP!$B:$B,\"MO2\",PFP!$J:$J),2)","v":0}]
["A8","FGTS",null,null,0,{"$f":"ROUND(E16*SUMIF(PFP!$B:$B,\"MO2\",PFP!$J:$J),2)","v":0}]
["B"," ENCARGOS SOCIAIS QUE RECEBEM INCIDÊNCIA DE \"A\"",null,null,{"$f":"ROUND(SUM(E18:E24),4)","v":0},{"$f":"ROUND(E17*SUMIF(PFP!$B:$B,\"MO2\",PFP!$J:$J),2)","v":0}]
["B3","Auxílio Enfermidade",null,null,0,{"$f":"ROUND(E18*SUMIF(PFP!$B:$B,\"MO2\",PFP!$J:$J),2)","v":0}]
["B4","13º Salário",null,null,0,{"$f":"ROUND(E19*SUMIF(PFP!$B:$B,\"MO2\",PFP!$J:$J),2)","v":0}]
["B5","Licença Paternidade",null,null,0,{"$f":"ROUND(E20*SUMIF(PFP!$B:$B,\"MO2\",PFP!$J:$J),2)","v":0}]
["B6","Faltas Justificadas",null,null,0,{"$f":"ROUND(E21*SUMIF(PFP!$B:$B,\"MO2\",PFP!$J:$J),2)","v":0}]
["B8","Auxílio Acidente de Trabalho",null,null,0,{"$f":"ROUND(E22*SUMIF(PFP!$B:$B,\"MO2\",PFP!$J:$J),2)","v":0}]
["B9","Férias Gozadas",null,null,0,{"$f":"ROUND(E23*SUMIF(PFP!$B:$B,\"MO2\",PFP!$J:$J),2)","v":0}]
["B10","Salário Maternidade",null,null,0,{"$f":"ROUND(E24*SUMIF(PFP!$B:$B,\"MO2\",PFP!$J:$J),2)","v":0}]
["C"," ENCARGOS SOCIAIS QUE NÃO RECEBEM INCIDÊNCIA DE \"A\"",null,null,{"$f":"ROUND(SUM(E26:E30),4)","v":0},{"$f":"ROUND(E25*SUMIF(PFP!$B:$B,\"MO2\",PFP!$J:$J),2)","v":0}]
["C1","Aviso Prévio Indenizado",null,null,0,{"$f":"ROUND(E26*SUMIF(PFP!$B:$B,\"MO2\",PFP!$J:$J),2)","v":0}]
["C2","Aviso Prévio Trabalhado",null,null,0,{"$f":"ROUND(E27*SUMIF(PFP!$B:$B,\"MO2\",PFP!$J:$J),2)","v":0}]
["C3","Férias Indenizadas",null,null,0,{"$f":"ROUND(E28*SUMIF(PFP!$B:$B,\"MO2\",PFP!$J:$J),2)","v":0}]
["C4","Depósito Rescisão Sem Justa Causa",null,null,0,{"$f":"ROUND(E29*SUMIF(PFP!$B:$B,\"MO2\",PFP!$J:$J),2)","v":0}]
["C5","Indenização Adicional",null,null,0,{"$f":"ROUND(E30*SUMIF(PFP!$B:$B,\"MO2\",PFP!$J:$J),2)","v":0}]
["D"," REINCIDÊNCIAS",null,null,{"$f":"ROUND(SUM(E32:E33),4)","v":0},{"$f":"ROUND(E31*SUMIF(PFP!$B:$B,\"MO2\",PFP!$J:$J),2)","v":0}]
["D1","Reincidência de \"A\" sobre \"B\"",null,null,{"$f":"ROUND(E8*E17,4)","v":0},{"$f":"ROUND(E32*SUMIF(PFP!$B:$B,\"MO2\",PFP!$J:$J),2)","v":0}]
["D2","Reincidência de \"A\" sobre Aviso Prévio Trabalhado e reincidência do FGTS sobre Aviso Prévio Indenizado",null,null,{"$f":"ROUND((E27*E8)+(E26*E16),4)","v":0},{"$f":"ROUND(E33*SUMIF(PFP!$B:$B,\"MO2\",PFP!$J:$J),2)","v":0}]
["K1b","ENCARGOS SOCIAIS",null,null,{"$f":"ROUND(E8+E17+E25+E31,4)","v":0.2},{"$f":"ROUND(E34*SUMIF(PFP!$B:$B,\"MO2\",PFP!$J:$J),2)","v":31341.68}]
["Kb","TAXA DE RESSARCIMENTO DE DESPESAS E ENCARGOS SOBRE MO2",null,null,{"$f":"ROUND((1+E34+PFP3_FatorKd!E13)*(1+PFP3_FatorKd!E12)*(1+PFP3_FatorKd!E8),4)","v":1.5246999999999999}]
["OBSERVAÇÃO: AUTÔNOMOS E EQUIVALENTES"]
["1 - DISCRIMINAR OS ENCARGOS SOCIAIS COM SEUS RESPECTIVOS PERCENTUAS TOTALIZANDO OS MESMOS. "]
["2 - APLICAR O % TOTAL P/ CALCULAR OS E. SOCIAIS INCIDENTES NA MÃO-DE-OBRA AUTONÔMOS"]
["Kb - Taxa de Ressarcimento de Despesas e Encargos sobre a Mão de Obra AUTONÔMA (incide apenas no Insumo Codigo MO2)"]
["Kb = (1 + K1 + K2) x (1 + K3) x (1 + K4)"]

{"sheet":"PFP2.3_FatorKc","index":6,"n_rows":40,"n_cols":6,"rows_kept":40,"cut":false,"hidden":false,"merged":[[36,0,36,5],[37,0,37,5],[38,0,38,5],[39,0,39,5],[29,1,29,3],[30,1,30,3],[31,1,31,3],[32,1,32,3],[33,1,33,3],[34,1,34,3],[28,1,28,3],[17,1,17,3],[18,1,18,3],[19,1,19,3],[20,1,20,3],[21,1,21,3],[22,1,22,3],[23,1,23,3],[24,1,24,3],[25,1,25,3],[26,1,26,3],[27,1,27,3],[16,1,16,3],[6,1,6,3],[7,1,7,3],[8,1,8,3],[9,1,9,3],[10,1,10,3],[11,1,11,3],[12,1,12,3],[13,1,13,3],[14,1,14,3],[15,1,15,3],[0,0,1,4],[2,0,2,5],[3,0,3,5],[4,2,4,4],[5,0,5,1],[5,2,5,4]]}
["DETALHAMENTO DOS ENCARGOS SOCIAIS: Kc",{"$nulls":4},"CODIGO:"]
[{"$nulls":5},"PFP-2.3"]
["NOME DA CONSULTORA:"]
[]
["PROJETO:",null,"CONTRATANTE:",null,null,{"$f":"'PFP2.2_FatorKb'!F5","v":"DATA BASE:"}]
[{"$f":"PFP!A6","v":"CONTRATAÇÃO DOS SERVIÇOS DE APOIO À FISCALIZAÇÃO PARA EXECUÇÃO DAS OBRAS DE ENGENHARIA, VISANDO A IMPLANTAÇÃO DO SISTEMA ADUTOR DO AGRESTE POTIGUAR, NO ESTADO DO RIO GRANDE DO NORTE."},null,"CODEVASF (SEDE)",null,null,{"$f":"'PFP2.2_FatorKb'!F6","v":"SINAPI/RN"}]
["Cod","DESCRIÇÃO",null,null,"%","R$"]
["A","ENCARGOS SOCIAIS BÁSICOS",null,null,{"$f":"SUM(E9:E16)","v":0},{"$f":"ROUND(E8*SUMIF(PFP!$B:$B,\"MO3\",PFP!$J:$J),2)","v":0}]
["A1","INSS",null,null,0,{"$f":"ROUND(E9*SUMIF(PFP!$B:$B,\"MO3\",PFP!$J:$J),2)","v":0}]
["A2","SESI",null,null,0,{"$f":"ROUND(E10*SUMIF(PFP!$B:$B,\"MO3\",PFP!$J:$J),2)","v":0}]
["A3","SENAI",null,null,0,{"$f":"ROUND(E11*SUMIF(PFP!$B:$B,\"MO3\",PFP!$J:$J),2)","v":0}]
["A4","INCRA",null,null,0,{"$f":"ROUND(E12*SUMIF(PFP!$B:$B,\"MO3\",PFP!$J:$J),2)","v":0}]
["A5","SEBRAE",null,null,0,{"$f":"ROUND(E13*SUMIF(PFP!$B:$B,\"MO3\",PFP!$J:$J),2)","v":0}]
["A6","Salário Educação",null,null,0,{"$f":"ROUND(E14*SUMIF(PFP!$B:$B,\"MO3\",PFP!$J:$J),2)","v":0}]
["A7","Seguro Contra Acidentes de Trabalho",null,null,0,{"$f":"ROUND(E15*SUMIF(PFP!$B:$B,\"MO3\",PFP!$J:$J),2)","v":0}]
["A8","FGTS",null,null,0,{"$f":"ROUND(E16*SUMIF(PFP!$B:$B,\"MO3\",PFP!$J:$J),2)","v":0}]
["B"," ENCARGOS SOCIAIS QUE RECEBEM INCIDÊNCIA DE \"A\"",null,null,{"$f":"ROUND(SUM(E18:E24),4)","v":0},{"$f":"ROUND(E17*SUMIF(PFP!$B:$B,\"MO3\",PFP!$J:$J),2)","v":0}]
["B3","Auxílio Enfermidade",null,null,0,{"$f":"ROUND(E18*SUMIF(PFP!$B:$B,\"MO3\",PFP!$J:$J),2)","v":0}]
["B4","13º Salário",null,null,0,{"$f":"ROUND(E19*SUMIF(PFP!$B:$B,\"MO3\",PFP!$J:$J),2)","v":0}]
["B5","Licença Paternidade",null,null,0,{"$f":"ROUND(E20*SUMIF(PFP!$B:$B,\"MO3\",PFP!$J:$J),2)","v":0}]
["B6","Faltas Justificadas",null,null,0,{"$f":"ROUND(E21*SUMIF(PFP!$B:$B,\"MO3\",PFP!$J:$J),2)","v":0}]
["B8","Auxílio Acidente de Trabalho",null,null,0,{"$f":"ROUND(E22*SUMIF(PFP!$B:$B,\"MO3\",PFP!$J:$J),2)","v":0}]
["B9","Férias Gozadas",null,null,0,{"$f":"ROUND(E23*SUMIF(PFP!$B:$B,\"MO3\",PFP!$J:$J),2)","v":0}]
["B10","Salário Maternidade",null,null,0,{"$f":"ROUND(E24*SUMIF(PFP!$B:$B,\"MO3\",PFP!$J:$J),2)","v":0}]
["C"," ENCARGOS SOCIAIS QUE NÃO RECEBEM INCIDÊNCIA DE \"A\"",null,null,{"$f":"ROUND(SUM(E26:E30),4)","v":0},{"$f":"ROUND(E25*SUMIF(PFP!$B:$B,\"MO3\",PFP!$J:$J),2)","v":0}]
["C1","Aviso Prévio Indenizado",null,null,0,{"$f":"ROUND(E26*SUMIF(PFP!$B:$B,\"MO3\",PFP!$J:$J),2)","v":0}]
["C2","Aviso Prévio Trabalhado",null,null,0,{"$f":"ROUND(E27*SUMIF(PFP!$B:$B,\"MO3\",PFP!$J:$J),2)","v":0}]
["C3","Férias Indenizadas",null,null,0,{"$f":"ROUND(E28*SUMIF(PFP!$B:$B,\"MO3\",PFP!$J:$J),2)","v":0}]
["C4","Depósito Rescisão Sem Justa Causa",null,null,0,{"$f":"ROUND(E29*SUMIF(PFP!$B:$B,\"MO3\",PFP!$J:$J),2)","v":0}]
["C5","Indenização Adicional",null,null,0,{"$f":"ROUND(E30*SUMIF(PFP!$B:$B,\"MO3\",PFP!$J:$J),2)","v":0}]
["D"," REINCIDÊNCIAS",null,null,{"$f":"ROUND(SUM(E32:E33),4)","v":0},{"$f":"ROUND(E31*SUMIF(PFP!$B:$B,\"MO3\",PFP!$J:$J),2)","v":0}]
["D1","Reincidência de \"A\" sobre \"B\"",null,null,{"$f":"ROUND(E8*E17,4)","v":0},{"$f":"ROUND(E32*SUMIF(PFP!$B:$B,\"MO3\",PFP!$J:$J),2)","v":0}]
["D2","Reincidência de \"A\" sobre Aviso Prévio Trabalhado e reincidência do FGTS sobre Aviso Prévio Indenizado",null,null,{"$f":"ROUND(E8*E27,4)+ROUND(E26*E11,4)","v":0},{"$f":"ROUND(E33*SUMIF(PFP!$B:$B,\"MO3\",PFP!$J:$J),2)","v":0}]
["K1c","ENCARGOS SOCIAIS",null,null,{"$f":"ROUND(E8+E17+E25+E31,4)","v":0},{"$f":"ROUND(E34*SUMIF(PFP!$B:$B,\"MO3\",PFP!$J:$J),2)","v":0}]
["Kc","TAXA DE RESSARCIMENTO DE DESPESAS E ENCARGOS SOBRE MO3",null,null,{"$f":"ROUND((1+E34+PFP3_FatorKd!E13)*(1+PFP3_FatorKd!E12)*(1+PFP3_FatorKd!E8),4)","v":1.2827}]
["OBSERVAÇÃO: SOCIETÁRIOS E EQUIVALENTES"]
["1 - DISCRIMINAR OS ENCARGOS SOCIAIS COM SEUS RESPECTIVOS PERCENTUAS TOTALIZANDO OS MESMOS. "]
["2 - APLICAR O % TOTAL P/ CALCULAR OS E. SOCIAIS INCIDENTES NA MÃO-DE-OBRA DE SOCIETÁRIOS"]
["Kc - Taxa de Ressarcimento de Despesas e Encargos sobre a Mão de Obra SOCIETÁRIA (incide apenas no Insumo Codigo MO3)"]
["Kc = (1 + K1 + K2) x (1 + K3) x (1 + K4)"]

{"sheet":"PFP3_FatorKd","index":7,"n_rows":35,"n_cols":6,"rows_kept":35,"cut":false,"hidden":false,"merged":[[33,0,33,5],[34,0,34,5],[16,1,16,3],[13,1,13,3],[14,1,14,3],[15,1,15,3],[21,0,21,5],[26,0,26,5],[27,0,27,5],[22,0,22,5],[23,0,23,5],[24,0,24,5],[28,0,28,5],[29,0,29,5],[30,0,30,5],[31,0,31,5],[7,1,7,2],[25,0,25,5],[6,1,6,2],[0,0,1,4],[2,0,2,5],[5,0,5,1],[5,2,5,4],[4,2,4,4],[3,0,3,5],[32,0,32,5],[12,1,12,3],[11,1,11,3],[8,1,8,2],[9,1,9,2],[10,1,10,2]]}
["DESPESAS FISCAIS E CUSTOS DIVERSOS: Kd",{"$nulls":4},"CODIGO:"]
[{"$nulls":5},"PFP-3"]
["NOME DA CONSULTORA:"]
[]
["PROJETO:",null,"CONTRATANTE:",null,null,{"$f":"'PFP2.3_FatorKc'!F5","v":"DATA BASE:"}]
[{"$f":"PFP!A6","v":"CONTRATAÇÃO DOS SERVIÇOS DE APOIO À FISCALIZAÇÃO PARA EXECUÇÃO DAS OBRAS DE ENGENHARIA, VISANDO A IMPLANTAÇÃO DO SISTEMA ADUTOR DO AGRESTE POTIGUAR, NO ESTADO DO RIO GRANDE DO NORTE."},null,"CODEVASF (SEDE)",null,null,{"$f":"'PFP2.3_FatorKc'!F6","v":"SINAPI/RN"}]
["Cod","DESCRIÇÃO1",null,"% preço2","% custo4","R$"]
["K4","TRIBUTOS",null,{"$f":"ROUND(D9+D10+D11,4)","v":0.124},{"$f":"ROUND(E9+E10+E11,4)","v":0.1416},{"$f":"E8*SUM(SUMIF(PFP!$B:$B,\"MO1\",PFP!$J:$J)*(1+'PFP2.1_FatorKa'!$E$35)+SUMIF(PFP!$B:$B,\"MO2\",PFP!$J:$J)*(1+'PFP2.2_FatorKb'!$E$34)+SUMIF(PFP!$B:$B,\"<>MO*\",PFP!$J:$J)+$F$13+$F$12)","v":2621047.9402760933}]
["K4.1","ISS",null,0.05,{"$f":"ROUND((1/(1-$D$8))*D9,4)","v":5.7099999999999998E-2},{"$f":"E9*SUM(SUMIF(PFP!$B:$B,\"MO1\",PFP!$J:$J)*(1+'PFP2.1_FatorKa'!$E$35)+SUMIF(PFP!$B:$B,\"MO2\",PFP!$J:$J)*(1+'PFP2.2_FatorKb'!$E$34)+SUMIF(PFP!$B:$B,\"<>MO*\",PFP!$J:$J)+$F$13+$F$12)","v":1056933.8798712213}]
["K4.2","PIS3 - aliquota efetiva aplicavel percentual-desconto",null,{"$f":"ROUND(1.65%*0.8,4)","v":1.32E-2},{"$f":"ROUND((1/(1-$D$8))*D10,4)","v":1.5100000000000001E-2},{"$f":"E10*SUM(SUMIF(PFP!$B:$B,\"MO1\",PFP!$J:$J)*(1+'PFP2.1_FatorKa'!$E$35)+SUMIF(PFP!$B:$B,\"MO2\",PFP!$J:$J)*(1+'PFP2.2_FatorKb'!$E$34)+SUMIF(PFP!$B:$B,\"<>MO*\",PFP!$J:$J)+$F$13+$F$12)","v":279504.40606051561}]
["K4.3","COFINS3 - aliquota efetiva aplicavel percentual-desconto",null,{"$f":"ROUND(7.6%*0.8,4)","v":6.08E-2},{"$f":"ROUND((1/(1-$D$8))*D11,4)","v":6.9400000000000003E-2},{"$f":"E11*SUM(SUMIF(PFP!$B:$B,\"MO1\",PFP!$J:$J)*(1+'PFP2.1_FatorKa'!$E$35)+SUMIF(PFP!$B:$B,\"MO2\",PFP!$J:$J)*(1+'PFP2.2_FatorKb'!$E$34)+SUMIF(PFP!$B:$B,\"<>MO*\",PFP!$J:$J)+$F$13+$F$12)","v":1284609.6543443564}]
["K3","REMUNERAÇÃO DA EMPRESA (LUCRO)",null,null,0.06,{"$f":"E12*SUM(SUMIF(PFP!$B:$B,\"MO1\",PFP!$J:$J)*(1+'PFP2.1_FatorKa'!$E$35)+SUMIF(PFP!$B:$B,\"MO2\",PFP!$J:$J)*(1+'PFP2.2_FatorKb'!$E$34)+SUMIF(PFP!$B:$B,\"<>MO*\",PFP!$J:$J)+$F$13)","v":1047748.61699556}]
["K2","CUSTOS DA ADMINISTRAÇÃO CENTRAL",null,null,{"$f":"ROUND(SUM(E14:E16),4)","v":0.06},{"$f":"ROUND(E13*SUMIF(PFP!$B:$B,\"MO*\",PFP!$J:$J),2)","v":464057.87}]
["K2.1","Custos da administração central da empresa (diretoria, pessoal técnico de apoio e pessoal administrativo não diretamente vinculado à prestação dos serviços)",null,null,0.03,{"$f":"ROUND(E14*SUMIF(PFP!$B:$B,\"MO*\",PFP!$J:$J),2)","v":232028.93}]
["K2.2","Outras despesas que afetam o custo de produção como treinamento, biblioteca, programa de qualidade, programa de benefícios, auditoria interna e externa",null,null,0.02,{"$f":"ROUND(E15*SUMIF(PFP!$B:$B,\"MO*\",PFP!$J:$J),2)","v":154685.96}]
["K2.3","Despesas fixas e variaveis com patrimônio, aluguéis, comunicação, manutenção e transporte não diretamente relacionados com o custo direto dos serviços",null,null,0.01,{"$f":"ROUND(E16*SUMIF(PFP!$B:$B,\"MO*\",PFP!$J:$J),2)","v":77342.98}]
["Kd","TAXA RESSARCIMENTO DE DESPESAS SOBRE CUSTOS DIVERSOS",null,null,{"$f":"ROUND((1+E12)*(1+E8),4)","v":1.2101}]
["NOME DO INFORMANTE:",null,null,null,"QUALIFICAÇÃO:"]
[]
["ASSINATURA:",null,null,null,"DATA:"]
[]
["Observação:"]
["1 - RELACIONAR OS CUSTOS DE ADMINISTRAÇÃO COM RESPECTIVOS PERCENTUAIS INCIDENTES NA MÃO -DE-OBRA"]
["1 - DISCRIMINAR OS TRIBUTOS QUE INCIDEM SOBRE OS CUSTOS DA PRESTAÇÃO DOS SERVIÇOS"]
["2 - K4 = INDICAR % DE CADA TRIBUTO E A SOMA DOS MESMOS (ex: ISS 5% + PIS 1,65% + COFINS 7,60% = 14,25%)"]
["3 - PIS e COFINS, Regime de Incidencia Acumulativa (0,65% e 3,00% - sem percentual de desconto) ou em Regime de Incidencia Não Acumulativa (1,65% e 7,60% - aplicável percentual de desconto) de acordo com a forma de apuração do lucro no IRPJ. APRESENTAR COMPROVANTES de aproveitamento de créditos tributários dos últimos 12 meses em caso de aplicação de \"percentual de desconto\"."]
["4 - AS DESPESAS FISCAIS (K4) INCIDEM SOBRE O TOTAL DA FATURA E NÃO SOBRE OS CUSTOS INCORRIDOS, "]
["     DEVENDO SER CALCULADO O K4' APLICANDO-SE A SEGUINTE FÓRMULA:"]
["     K4' = { [ 1 / ( 1 - K4) ] - 1 } x 100"]
[{"$f":"CONCATENATE(\"     K4' = { [ 1 / ( 1 - \",D8,\" ) ] - 1 } x 100\")","v":"     K4' = { [ 1 / ( 1 - 0,124 ) ] - 1 } x 100"}]
["Kc - Taxa de Ressarcimento de Despesas sobre Custos Diversos (incide sobre os Insumos Codigo DP e EM)"]
["Kc = (1 + K3) x (1 + K4)"]
["K2 - Incide sobre o Custo Total (CT) da Mão de Obra (MO* = MO1 + MO2)"]
["K3 - Incide sobre o Custo Total (CT) Mão de Obra com encargos (MO1 x Ka ou MO2 x Kb), demais Custos (DP e EM), e Custos da Administração Central (K2)"]
["K4 -  Incide sobre o Custo Total (CT) Mão de Obra com encargos (MO1 x Ka ou MO2 x Kb), demais Custos (DP e EM), e Custos da Administração Central (K2) e Lucro (K3)"]

{"sheet":"Cronograma Físico-Financeiro","index":8,"n_rows":67,"n_cols":67,"rows_kept":67,"cut":false,"hidden":false,"merged":[[54,1,55,1],[54,2,55,2],[56,1,57,1],[56,2,57,2],[42,1,43,1],[42,2,43,2],[44,1,45,1],[44,2,45,2],[46,1,47,1],[46,2,47,2],[48,1,49,1],[48,2,49,2],[50,1,51,1],[50,2,51,2],[52,1,53,1],[52,2,53,2],[36,1,37,1],[36,2,37,2],[38,1,39,1],[38,2,39,2],[40,1,41,1],[40,2,41,2],[0,1,1,66],[63,2,64,2],[8,1,9,1],[8,2,9,2],[4,1,5,1],[4,2,5,2],[6,1,7,1],[6,2,7,2],[61,1,62,2],[22,1,23,1],[24,1,25,1],[26,1,27,1],[28,1,29,1],[10,2,11,2],[12,2,13,2],[30,1,31,1],[14,2,15,2],[16,2,17,2],[10,1,11,1],[12,1,13,1],[14,1,15,1],[16,1,17,1],[32,1,33,1],[65,1,66,2],[18,1,19,1],[34,1,35,1],[58,1,59,1],[20,2,21,2],[22,2,23,2],[24,2,25,2],[26,2,27,2],[28,2,29,2],[30,2,31,2],[32,2,33,2],[34,2,35,2],[58,2,59,2],[20,1,21,1],[18,2,19,2]]}
[null,"CRONOGRAMA FÍSICO-FINANCEIRO"]
[]
[]
[null,null,null,"Mês 1","Mês 2","Mês 3","Mês 4","Mês 5","Mês 6","Mês 7","Mês 8","Mês 9","Mês 10","Mês 11","Mês 12","Mês 13","Mês 14","Mês 15","Mês 16","Mês 17","Mês 18","Mês 19","Mês 20","Mês 21","Mês 22","Mês 23","Mês 24","Mês 25","Mês 26","Mês 27","Mês 28","Mês 29","Mês 30","Mês 31","Mês 32","Mês 33","Mês 34","Mês 35","Mês 36","Mês 37","Mês 38","Mês 39","Mês 40","Mês 41","Mês 42","Mês 43","Mês 44","Mês 45","Mês 46","Mês 47","Mês 48","Mês 49","Mês 50","Mês 51","Mês 52","Mês 53","Mês 54","Mês 55","Mês 56","Mês 57","Mês 58","Mês 59","Mês 60","Mês 61","Mês 62","Mês 63"]
[null,{"$f":"PFP!D8","v":"Engenheiro Pleno"},{"$f":"PFP!K8","v":1987462.26},{"$f":"D6*$C$5","v":31547.019999999997},{"$f":"E6*$C$5","v":31547.019999999997},31547.019999999997,{"$f":"G6*$C$5","v":31547.019999999997},{"$f":"H6*$C$5","v":31547.019999999997},{"$f":"I6*$C$5","v":31547.019999999997},{"$f":"J6*$C$5","v":31547.019999999997},{"$f":"K6*$C$5","v":31547.019999999997},31547.019999999997,31547.019999999997,31547.019999999997,31547.019999999997,31547.019999999997,31547.019999999997,31547.019999999997,31547.019999999997,31547.019999999997,31547.019999999997,31547.019999999997,31547.019999999997,31547.019999999997,31547.019999999997,31547.019999999997,31547.019999999997,31547.019999999997,31547.019999999997,31547.019999999997,31547.019999999997,31547.019999999997,31547.019999999997,31547.019999999997,31547.019999999997,31547.019999999997,31547.019999999997,31547.019999999997,31547.019999999997,31547.019999999997,31547.019999999997,31547.019999999997,31547.019999999997,31547.019999999997,31547.019999999997,31547.019999999997,31547.019999999997,31547.019999999997,31547.019999999997,31547.019999999997,31547.019999999997,31547.019999999997,31547.019999999997,31547.019999999997,31547.019999999997,31547.019999999997,31547.019999999997,31547.019999999997,31547.019999999997,31547.019999999997,31547.019999999997,31547.019999999997,31547.019999999997,31547.019999999997,{"$f":"BM6*$C$5","v":31547.019999999997},{"$f":"BN6*$C$5","v":31547.019999999997},{"$f":"SUM(D5:BN5)","v":1987462.2600000009}]
[null,null,null,{"$f":"100/63/100","v":1.5873015873015872E-2},{"$f":"100/63/100","v":1.5873015873015872E-2},1.5873015873015872E-2,1.5873015873015872E-2,1.5873015873015872E-2,1.5873015873015872E-2,1.5873015873015872E-2,1.5873015873015872E-2,1.5873015873015872E-2,1.5873015873015872E-2,1.5873015873015872E-2,1.5873015873015872E-2,1.5873015873015872E-2,1.5873015873015872E-2,1.5873015873015872E-2,1.5873015873015872E-2,1.5873015873015872E-2,1.5873015873015872E-2,1.5873015873015872E-2,1.5873015873015872E-2,1.5873015873015872E-2,1.5873015873015872E-2,1.5873015873015872E-2,1.5873015873015872E-2,1.5873015873015872E-2,1.5873015873015872E-2,1.5873015873015872E-2,1.5873015873015872E-2,1.5873015873015872E-2,1.5873015873015872E-2,1.5873015873015872E-2,1.5873015873015872E-2,1.5873015873015872E-2,1.5873015873015872E-2,1.5873015873015872E-2,1.5873015873015872E-2,1.5873015873015872E-2,1.5873015873015872E-2,1.5873015873015872E-2,1.5873015873015872E-2,1.5873015873015872E-2,1.5873015873015872E-2,1.5873015873015872E-2,1.5873015873015872E-2,1.5873015873015872E-2,1.5873015873015872E-2,1.5873015873015872E-2,1.5873015873015872E-2,1.5873015873015872E-2,1.5873015873015872E-2,1.5873015873015872E-2,1.5873015873015872E-2,1.5873015873015872E-2,1.5873015873015872E-2,1.5873015873015872E-2,1.5873015873015872E-2,1.5873015873015872E-2,1.5873015873015872E-2,1.5873015873015872E-2,1.5873015873015872E-2,1.5873015873015872E-2,1.5873015873015872E-2,1.5873015873015872E-2,0.99999999999999822]
[null,"Engenheiro - Profissional Pleno",{"$f":"PFP!K9","v":4970700},{"$f":"D8*$C$7","v":0},{"$f":"E8*$C$7","v":0},0,{"$f":"G8*$C$7","v":82845},82845,82845,82845,82845,82845,82845,82845,82845,82845,82845,82845,82845,82845,82845,82845,82845,82845,82845,82845,82845,82845,82845,82845,82845,82845,82845,82845,82845,82845,82845,82845,82845,82845,82845,82845,82845,82845,82845,82845,82845,82845,82845,82845,82845,82845,82845,82845,82845,82845,82845,82845,82845,82845,82845,82845,82845,82845,82845,82845,4970700]
[{"$nulls":6},{"$f":"((100/60/100)/3)*3","v":1.6666666666666666E-2},1.6666666666666666E-2,1.6666666666666666E-2,1.6666666666666666E-2,1.6666666666666666E-2,{"$f":"((100/60/100)/3)*3","v":1.6666666666666666E-2},1.6666666666666666E-2,1.6666666666666666E-2,1.6666666666666666E-2,1.6666666666666666E-2,1.6666666666666666E-2,1.6666666666666666E-2,1.6666666666666666E-2,1.6666666666666666E-2,1.6666666666666666E-2,1.6666666666666666E-2,1.6666666666666666E-2,1.6666666666666666E-2,1.6666666666666666E-2,1.6666666666666666E-2,1.6666666666666666E-2,1.6666666666666666E-2,1.6666666666666666E-2,1.6666666666666666E-2,1.6666666666666666E-2,1.6666666666666666E-2,1.6666666666666666E-2,1.6666666666666666E-2,1.6666666666666666E-2,1.6666666666666666E-2,1.6666666666666666E-2,1.6666666666666666E-2,1.6666666666666666E-2,1.6666666666666666E-2,1.6666666666666666E-2,1.6666666666666666E-2,1.6666666666666666E-2,1.6666666666666666E-2,1.6666666666666666E-2,1.6666666666666666E-2,1.6666666666666666E-2,1.6666666666666666E-2,1.6666666666666666E-2,1.6666666666666666E-2,1.6666666666666666E-2,1.6666666666666666E-2,1.6666666666666666E-2,1.6666666666666666E-2,1.6666666666666666E-2,1.6666666666666666E-2,1.6666666666666666E-2,1.6666666666666666E-2,1.6666666666666666E-2,1.6666666666666666E-2,1.6666666666666666E-2,1.6666666666666666E-2,1.6666666666666666E-2,1.6666666666666666E-2,1.6666666666666666E-2,1.6666666666666666E-2,1.0000000000000013]
[null,"Engenheiro Ambiental",{"$f":"PFP!K10","v":1656900},{"$f":"D10*$C$9","v":0},{"$f":"E10*$C$9","v":0},0,27615,27615,27615,27615,27615,27615,27615,27615,27615,27615,27615,27615,27615,27615,27615,27615,27615,27615,27615,27615,27615,27615,27615,27615,27615,27615,27615,27615,27615,27615,27615,27615,27615,27615,27615,27615,27615,27615,27615,27615,27615,27615,27615,27615,27615,27615,27615,27615,27615,27615,27615,27615,27615,27615,27615,27615,27615,27615,27615,27615,1656900]
[{"$nulls":6},{"$f":"100/60/100","v":1.6666666666666666E-2},{"$f":"100/60/100","v":1.6666666666666666E-2},1.6666666666666666E-2,1.6666666666666666E-2,1.6666666666666666E-2,1.6666666666666666E-2,1.6666666666666666E-2,1.6666666666666666E-2,1.6666666666666666E-2,1.6666666666666666E-2,1.6666666666666666E-2,1.6666666666666666E-2,1.6666666666666666E-2,1.6666666666666666E-2,1.6666666666666666E-2,1.6666666666666666E-2,1.6666666666666666E-2,1.6666666666666666E-2,1.6666666666666666E-2,1.6666666666666666E-2,1.6666666666666666E-2,1.6666666666666666E-2,1.6666666666666666E-2,1.6666666666666666E-2,1.6666666666666666E-2,1.6666666666666666E-2,1.6666666666666666E-2,1.6666666666666666E-2,1.6666666666666666E-2,1.6666666666666666E-2,1.6666666666666666E-2,1.6666666666666666E-2,1.6666666666666666E-2,1.6666666666666666E-2,1.6666666666666666E-2,1.6666666666666666E-2,1.6666666666666666E-2,1.6666666666666666E-2,1.6666666666666666E-2,1.6666666666666666E-2,1.6666666666666666E-2,1.6666666666666666E-2,1.6666666666666666E-2,1.6666666666666666E-2,1.6666666666666666E-2,1.6666666666666666E-2,1.6666666666666666E-2,1.6666666666666666E-2,1.6666666666666666E-2,1.6666666666666666E-2,1.6666666666666666E-2,1.6666666666666666E-2,1.6666666666666666E-2,1.6666666666666666E-2,1.6666666666666666E-2,1.6666666666666666E-2,1.6666666666666666E-2,1.6666666666666666E-2,1.6666666666666666E-2,1.6666666666666666E-2,1.0000000000000013]
[null,"Auxiliar Administrativo",{"$f":"PFP!K11","v":496060.8},{"$f":"D12*$C$11","v":0},{"$f":"E12*$C$11","v":0},0,{"$f":"G12*$C$11","v":8267.68},{"$f":"H12*$C$11","v":8267.68},8267.68,8267.68,8267.68,8267.68,8267.68,8267.68,8267.68,8267.68,8267.68,8267.68,8267.68,8267.68,8267.68,8267.68,8267.68,8267.68,8267.68,8267.68,8267.68,8267.68,8267.68,8267.68,8267.68,8267.68,8267.68,8267.68,8267.68,8267.68,8267.68,8267.68,8267.68,8267.68,8267.68,8267.68,8267.68,8267.68,8267.68,8267.68,8267.68,8267.68,8267.68,8267.68,8267.68,8267.68,8267.68,8267.68,8267.68,8267.68,8267.68,8267.68,8267.68,8267.68,8267.68,8267.68,8267.68,8267.68,8267.68,8267.68,496060.79999999964]
[{"$nulls":6},{"$f":"100/120/100+100/120/100","v":1.6666666666666666E-2},{"$f":"100/120/100+100/120/100","v":1.6666666666666666E-2},1.6666666666666666E-2,1.6666666666666666E-2,1.6666666666666666E-2,1.6666666666666666E-2,1.6666666666666666E-2,1.6666666666666666E-2,1.6666666666666666E-2,1.6666666666666666E-2,1.6666666666666666E-2,1.6666666666666666E-2,1.6666666666666666E-2,1.6666666666666666E-2,1.6666666666666666E-2,1.6666666666666666E-2,1.6666666666666666E-2,1.6666666666666666E-2,1.6666666666666666E-2,1.6666666666666666E-2,1.6666666666666666E-2,1.6666666666666666E-2,1.6666666666666666E-2,1.6666666666666666E-2,1.6666666666666666E-2,1.6666666666666666E-2,1.6666666666666666E-2,1.6666666666666666E-2,1.6666666666666666E-2,1.6666666666666666E-2,1.6666666666666666E-2,1.6666666666666666E-2,1.6666666666666666E-2,1.6666666666666666E-2,1.6666666666666666E-2,1.6666666666666666E-2,1.6666666666666666E-2,1.6666666666666666E-2,1.6666666666666666E-2,1.6666666666666666E-2,1.6666666666666666E-2,1.6666666666666666E-2,1.6666666666666666E-2,1.6666666666666666E-2,1.6666666666666666E-2,1.6666666666666666E-2,1.6666666666666666E-2,1.6666666666666666E-2,1.6666666666666666E-2,1.6666666666666666E-2,1.6666666666666666E-2,1.6666666666666666E-2,1.6666666666666666E-2,1.6666666666666666E-2,1.6666666666666666E-2,1.6666666666666666E-2,1.6666666666666666E-2,1.6666666666666666E-2,1.6666666666666666E-2,1.6666666666666666E-2,1.0000000000000013]
[null,"Técnico - Profissional Especial",{"$f":"PFP!K12","v":1154260.8},{"$f":"D14*$C$13","v":0},{"$f":"E14*$C$13","v":0},0,{"$f":"G14*$C$13","v":20986.560000000001},{"$f":"H14*$C$13","v":20986.560000000001},{"$f":"I14*$C$13","v":20986.560000000001},{"$f":"J14*$C$13","v":20986.560000000001},{"$f":"K14*$C$13","v":20986.560000000001},20986.560000000001,20986.560000000001,20986.560000000001,20986.560000000001,20986.560000000001,20986.560000000001,20986.560000000001,20986.560000000001,20986.560000000001,20986.560000000001,20986.560000000001,20986.560000000001,20986.560000000001,20986.560000000001,20986.560000000001,20986.560000000001,20986.560000000001,20986.560000000001,20986.560000000001,20986.560000000001,20986.560000000001,20986.560000000001,20986.560000000001,20986.560000000001,20986.560000000001,20986.560000000001,20986.560000000001,20986.560000000001,20986.560000000001,20986.560000000001,20986.560000000001,20986.560000000001,20986.560000000001,20986.560000000001,20986.560000000001,20986.560000000001,20986.560000000001,20986.560000000001,20986.560000000001,20986.560000000001,20986.560000000001,20986.560000000001,20986.560000000001,20986.560000000001,20986.560000000001,20986.560000000001,20986.560000000001,20986.560000000001,20986.560000000001,20986.560000000001,0,0,0,{"$f":"BM14*$C$13","v":0},{"$f":"BN14*$C$13","v":0},1154260.8000000017]
[{"$nulls":6},{"$f":"100/165/100+100/165/100+100/165/100","v":1.8181818181818181E-2},1.8181818181818181E-2,1.8181818181818181E-2,1.8181818181818181E-2,1.8181818181818181E-2,1.8181818181818181E-2,{"$f":"100/165/100+100/165/100+100/165/100","v":1.8181818181818181E-2},1.8181818181818181E-2,1.8181818181818181E-2,1.8181818181818181E-2,1.8181818181818181E-2,1.8181818181818181E-2,1.8181818181818181E-2,1.8181818181818181E-2,1.8181818181818181E-2,1.8181818181818181E-2,1.8181818181818181E-2,1.8181818181818181E-2,1.8181818181818181E-2,1.8181818181818181E-2,1.8181818181818181E-2,1.8181818181818181E-2,1.8181818181818181E-2,1.8181818181818181E-2,1.8181818181818181E-2,1.8181818181818181E-2,1.8181818181818181E-2,1.8181818181818181E-2,1.8181818181818181E-2,1.8181818181818181E-2,1.8181818181818181E-2,1.8181818181818181E-2,1.8181818181818181E-2,1.8181818181818181E-2,1.8181818181818181E-2,1.8181818181818181E-2,1.8181818181818181E-2,1.8181818181818181E-2,1.8181818181818181E-2,1.8181818181818181E-2,1.8181818181818181E-2,1.8181818181818181E-2,1.8181818181818181E-2,1.8181818181818181E-2,1.8181818181818181E-2,1.8181818181818181E-2,1.8181818181818181E-2,1.8181818181818181E-2,1.8181818181818181E-2,1.8181818181818181E-2,1.8181818181818181E-2,1.8181818181818181E-2,1.8181818181818181E-2,1.8181818181818181E-2,1.8181818181818181E-2,{"$nulls":5},1.0000000000000002]
[null,"Técnico Mecânico",{"$f":"PFP!K13","v":314798.40000000002},{"$f":"D16*$C$15","v":0},{"$f":"E16*$C$15","v":0},0,{"$f":"G16*$C$15","v":0},{"$f":"H16*$C$15","v":0},{"$f":"I16*$C$15","v":0},{"$f":"J16*$C$15","v":0},{"$f":"K16*$C$15","v":0},0,0,0,0,0,0,0,0,0,0,6995.52,6995.52,6995.52,6995.52,6995.52,6995.52,6995.52,6995.52,6995.52,6995.52,6995.52,6995.52,6995.52,6995.52,6995.52,6995.52,6995.52,6995.52,6995.52,6995.52,6995.52,6995.52,6995.52,6995.52,6995.52,6995.52,6995.52,6995.52,6995.52,6995.52,6995.52,6995.52,6995.52,6995.52,6995.52,6995.52,6995.52,6995.52,6995.52,6995.52,6995.52,6995.52,6995.52,{"$f":"BM16*$C$15","v":6995.52},6995.52,314798.40000000002]
[{"$nulls":21},{"$f":"100/45/100","v":2.2222222222222223E-2},2.2222222222222223E-2,2.2222222222222223E-2,2.2222222222222223E-2,2.2222222222222223E-2,2.2222222222222223E-2,2.2222222222222223E-2,2.2222222222222223E-2,2.2222222222222223E-2,2.2222222222222223E-2,2.2222222222222223E-2,2.2222222222222223E-2,2.2222222222222223E-2,2.2222222222222223E-2,2.2222222222222223E-2,2.2222222222222223E-2,2.2222222222222223E-2,2.2222222222222223E-2,2.2222222222222223E-2,2.2222222222222223E-2,2.2222222222222223E-2,2.2222222222222223E-2,2.2222222222222223E-2,2.2222222222222223E-2,2.2222222222222223E-2,2.2222222222222223E-2,2.2222222222222223E-2,2.2222222222222223E-2,2.2222222222222223E-2,2.2222222222222223E-2,2.2222222222222223E-2,2.2222222222222223E-2,2.2222222222222223E-2,2.2222222222222223E-2,2.2222222222222223E-2,2.2222222222222223E-2,2.2222222222222223E-2,2.2222222222222223E-2,2.2222222222222223E-2,2.2222222222222223E-2,2.2222222222222223E-2,2.2222222222222223E-2,2.2222222222222223E-2,2.2222222222222223E-2,2.2222222222222223E-2,1.0000000000000004]
[null,"Técnico Eletrotécnico",{"$f":"PFP!K14","v":314798.40000000002},{"$f":"D18*$C$17","v":0},{"$f":"E18*$C$17","v":0},0,{"$f":"G18*$C$17","v":0},0,0,0,0,0,0,0,0,0,0,0,0,0,0,6995.52,{"$f":"W18*$C$17","v":6995.52},6995.52,6995.52,6995.52,6995.52,6995.52,6995.52,6995.52,6995.52,6995.52,6995.52,6995.52,6995.52,6995.52,6995.52,6995.52,6995.52,6995.52,6995.52,6995.52,6995.52,6995.52,6995.52,6995.52,6995.52,6995.52,6995.52,6995.52,6995.52,6995.52,6995.52,6995.52,6995.52,6995.52,6995.52,6995.52,6995.52,6995.52,6995.52,6995.52,6995.52,6995.52,{"$f":"BM18*$C$17","v":6995.52},6995.52,314798.40000000002]
[{"$nulls":21},{"$f":"100/45/100","v":2.2222222222222223E-2},2.2222222222222223E-2,2.2222222222222223E-2,2.2222222222222223E-2,2.2222222222222223E-2,2.2222222222222223E-2,2.2222222222222223E-2,2.2222222222222223E-2,2.2222222222222223E-2,2.2222222222222223E-2,2.2222222222222223E-2,2.2222222222222223E-2,2.2222222222222223E-2,2.2222222222222223E-2,2.2222222222222223E-2,2.2222222222222223E-2,2.2222222222222223E-2,2.2222222222222223E-2,2.2222222222222223E-2,2.2222222222222223E-2,2.2222222222222223E-2,2.2222222222222223E-2,2.2222222222222223E-2,2.2222222222222223E-2,2.2222222222222223E-2,2.2222222222222223E-2,2.2222222222222223E-2,2.2222222222222223E-2,2.2222222222222223E-2,2.2222222222222223E-2,2.2222222222222223E-2,2.2222222222222223E-2,2.2222222222222223E-2,2.2222222222222223E-2,2.2222222222222223E-2,2.2222222222222223E-2,2.2222222222222223E-2,2.2222222222222223E-2,2.2222222222222223E-2,2.2222222222222223E-2,2.2222222222222223E-2,2.2222222222222223E-2,2.2222222222222223E-2,2.2222222222222223E-2,2.2222222222222223E-2,1.0000000000000004]
[null,"Topógrafo",{"$f":"PFP!K15","v":656984.4},{"$f":"D20*$C$19","v":0},{"$f":"E20*$C$19","v":0},0,{"$f":"G20*$C$19","v":10949.74},{"$f":"H20*$C$19","v":10949.74},10949.74,10949.74,10949.74,10949.74,10949.74,10949.74,10949.74,10949.74,10949.74,10949.74,10949.74,10949.74,10949.74,10949.74,10949.74,10949.74,10949.74,10949.74,10949.74,10949.74,10949.74,10949.74,10949.74,10949.74,10949.74,10949.74,10949.74,10949.74,10949.74,10949.74,10949.74,10949.74,10949.74,10949.74,10949.74,10949.74,10949.74,10949.74,10949.74,10949.74,10949.74,10949.74,10949.74,10949.74,10949.74,10949.74,10949.74,10949.74,10949.74,10949.74,10949.74,10949.74,10949.74,10949.74,10949.74,10949.74,10949.74,10949.74,656984.39999999967]
[{"$nulls":6},{"$f":"100/120/100+100/120/100","v":1.6666666666666666E-2},{"$f":"100/120/100+100/120/100","v":1.6666666666666666E-2},1.6666666666666666E-2,1.6666666666666666E-2,1.6666666666666666E-2,1.6666666666666666E-2,1.6666666666666666E-2,1.6666666666666666E-2,1.6666666666666666E-2,1.6666666666666666E-2,1.6666666666666666E-2,1.6666666666666666E-2,1.6666666666666666E-2,1.6666666666666666E-2,1.6666666666666666E-2,1.6666666666666666E-2,1.6666666666666666E-2,1.6666666666666666E-2,1.6666666666666666E-2,1.6666666666666666E-2,1.6666666666666666E-2,1.6666666666666666E-2,1.6666666666666666E-2,1.6666666666666666E-2,1.6666666666666666E-2,1.6666666666666666E-2,1.6666666666666666E-2,1.6666666666666666E-2,1.6666666666666666E-2,1.6666666666666666E-2,1.6666666666666666E-2,1.6666666666666666E-2,1.6666666666666666E-2,1.6666666666666666E-2,1.6666666666666666E-2,1.6666666666666666E-2,1.6666666666666666E-2,1.6666666666666666E-2,1.6666666666666666E-2,1.6666666666666666E-2,1.6666666666666666E-2,1.6666666666666666E-2,1.6666666666666666E-2,1.6666666666666666E-2,1.6666666666666666E-2,1.6666666666666666E-2,1.6666666666666666E-2,1.6666666666666666E-2,1.6666666666666666E-2,1.6666666666666666E-2,1.6666666666666666E-2,1.6666666666666666E-2,1.6666666666666666E-2,1.6666666666666666E-2,1.6666666666666666E-2,1.6666666666666666E-2,1.6666666666666666E-2,1.6666666666666666E-2,1.6666666666666666E-2,1.6666666666666666E-2,1.0000000000000013]
[null,"Auxiliar topografo",{"$f":"PFP!K16","v":427683.6},{"$f":"D22*$C$21","v":0},{"$f":"E22*$C$21","v":0},0,{"$f":"G22*$C$21","v":7128.0599999999995},{"$f":"H22*$C$21","v":7128.0599999999995},7128.0599999999995,7128.0599999999995,7128.0599999999995,7128.0599999999995,7128.0599999999995,7128.0599999999995,7128.0599999999995,7128.0599999999995,7128.0599999999995,7128.0599999999995,7128.0599999999995,7128.0599999999995,7128.0599999999995,7128.0599999999995,7128.0599999999995,7128.0599999999995,7128.0599999999995,7128.0599999999995,7128.0599999999995,7128.0599999999995,7128.0599999999995,7128.0599999999995,7128.0599999999995,7128.0599999999995,7128.0599999999995,7128.0599999999995,7128.0599999999995,7128.0599999999995,7128.0599999999995,7128.0599999999995,7128.0599999999995,7128.0599999999995,7128.0599999999995,7128.0599999999995,7128.0599999999995,7128.0599999999995,7128.0599999999995,7128.0599999999995,7128.0599999999995,7128.0599999999995,7128.0599999999995,7128.0599999999995,7128.0599999999995,7128.0599999999995,7128.0599999999995,7128.0599999999995,7128.0599999999995,7128.0599999999995,7128.0599999999995,7128.0599999999995,7128.0599999999995,7128.0599999999995,7128.0599999999995,7128.0599999999995,7128.0599999999995,7128.0599999999995,7128.0599999999995,7128.0599999999995,{"$f":"SUM(D21:BN21)","v":427683.59999999992}]
[{"$nulls":6},{"$f":"100/120/100+100/120/100","v":1.6666666666666666E-2},{"$f":"100/120/100+100/120/100","v":1.6666666666666666E-2},1.6666666666666666E-2,1.6666666666666666E-2,1.6666666666666666E-2,1.6666666666666666E-2,1.6666666666666666E-2,1.6666666666666666E-2,1.6666666666666666E-2,1.6666666666666666E-2,1.6666666666666666E-2,1.6666666666666666E-2,1.6666666666666666E-2,1.6666666666666666E-2,1.6666666666666666E-2,1.6666666666666666E-2,1.6666666666666666E-2,1.6666666666666666E-2,1.6666666666666666E-2,1.6666666666666666E-2,1.6666666666666666E-2,1.6666666666666666E-2,1.6666666666666666E-2,1.6666666666666666E-2,1.6666666666666666E-2,1.6666666666666666E-2,1.6666666666666666E-2,1.6666666666666666E-2,1.6666666666666666E-2,1.6666666666666666E-2,1.6666666666666666E-2,1.6666666666666666E-2,1.6666666666666666E-2,1.6666666666666666E-2,1.6666666666666666E-2,1.6666666666666666E-2,1.6666666666666666E-2,1.6666666666666666E-2,1.6666666666666666E-2,1.6666666666666666E-2,1.6666666666666666E-2,1.6666666666666666E-2,1.6666666666666666E-2,1.6666666666666666E-2,1.6666666666666666E-2,1.6666666666666666E-2,1.6666666666666666E-2,1.6666666666666666E-2,1.6666666666666666E-2,1.6666666666666666E-2,1.6666666666666666E-2,1.6666666666666666E-2,1.6666666666666666E-2,1.6666666666666666E-2,1.6666666666666666E-2,1.6666666666666666E-2,1.6666666666666666E-2,1.6666666666666666E-2,1.6666666666666666E-2,1.6666666666666666E-2,1.0000000000000013]
[null,"Técnico de Edificações",{"$f":"PFP!K17","v":769507.2},{"$f":"D24*$C$23","v":0},{"$f":"E24*$C$23","v":0},0,{"$f":"G24*$C$23","v":13991.039999999999},{"$f":"H24*$C$23","v":13991.039999999999},13991.039999999999,13991.039999999999,13991.039999999999,13991.039999999999,13991.039999999999,13991.039999999999,13991.039999999999,13991.039999999999,13991.039999999999,13991.039999999999,13991.039999999999,13991.039999999999,13991.039999999999,13991.039999999999,13991.039999999999,13991.039999999999,13991.039999999999,13991.039999999999,13991.039999999999,13991.039999999999,13991.039999999999,13991.039999999999,13991.039999999999,13991.039999999999,13991.039999999999,13991.039999999999,13991.039999999999,13991.039999999999,13991.039999999999,13991.039999999999,13991.039999999999,13991.039999999999,13991.039999999999,13991.039999999999,13991.039999999999,13991.039999999999,13991.039999999999,13991.039999999999,13991.039999999999,13991.039999999999,13991.039999999999,13991.039999999999,13991.039999999999,13991.039999999999,13991.039999999999,13991.039999999999,13991.039999999999,13991.039999999999,13991.039999999999,13991.039999999999,13991.039999999999,13991.039999999999,13991.039999999999,0,0,0,0,0,{"$f":"SUM(D23:BN23)","v":769507.2000000003}]
[{"$nulls":6},{"$f":"100/110/100+100/110/100","v":1.8181818181818181E-2},1.8181818181818181E-2,1.8181818181818181E-2,1.8181818181818181E-2,1.8181818181818181E-2,1.8181818181818181E-2,1.8181818181818181E-2,1.8181818181818181E-2,1.8181818181818181E-2,1.8181818181818181E-2,1.8181818181818181E-2,1.8181818181818181E-2,{"$f":"100/110/100+100/110/100","v":1.8181818181818181E-2},{"$f":"100/110/100+100/110/100","v":1.8181818181818181E-2},1.8181818181818181E-2,1.8181818181818181E-2,1.8181818181818181E-2,1.8181818181818181E-2,1.8181818181818181E-2,1.8181818181818181E-2,1.8181818181818181E-2,1.8181818181818181E-2,1.8181818181818181E-2,1.8181818181818181E-2,1.8181818181818181E-2,1.8181818181818181E-2,1.8181818181818181E-2,1.8181818181818181E-2,1.8181818181818181E-2,1.8181818181818181E-2,1.8181818181818181E-2,1.8181818181818181E-2,1.8181818181818181E-2,1.8181818181818181E-2,1.8181818181818181E-2,1.8181818181818181E-2,1.8181818181818181E-2,1.8181818181818181E-2,1.8181818181818181E-2,1.8181818181818181E-2,1.8181818181818181E-2,1.8181818181818181E-2,1.8181818181818181E-2,1.8181818181818181E-2,1.8181818181818181E-2,1.8181818181818181E-2,1.8181818181818181E-2,1.8181818181818181E-2,1.8181818181818181E-2,1.8181818181818181E-2,1.8181818181818181E-2,1.8181818181818181E-2,1.8181818181818181E-2,1.8181818181818181E-2,1.8181818181818181E-2,{"$nulls":5},1.0000000000000002]
[null,"Técnico de Edificações (Cadista)",{"$f":"PFP!K18","v":419731.20000000001},{"$f":"D26*$C$25","v":0},{"$f":"E26*$C$25","v":0},0,{"$f":"G26*$C$25","v":6995.52},{"$f":"H26*$C$25","v":6995.52},6995.52,6995.52,6995.52,6995.52,6995.52,6995.52,6995.52,6995.52,6995.52,6995.52,6995.52,6995.52,6995.52,6995.52,6995.52,6995.52,6995.52,6995.52,6995.52,6995.52,6995.52,6995.52,6995.52,6995.52,6995.52,6995.52,6995.52,6995.52,6995.52,6995.52,6995.52,6995.52,6995.52,6995.52,6995.52,6995.52,6995.52,6995.52,6995.52,6995.52,6995.52,6995.52,6995.52,6995.52,6995.52,6995.52,6995.52,6995.52,6995.52,6995.52,6995.52,6995.52,6995.52,6995.52,6995.52,6995.52,6995.52,6995.52,419731.2000000003]
[{"$nulls":6},{"$f":"100/60/100","v":1.6666666666666666E-2},{"$f":"100/60/100","v":1.6666666666666666E-2},1.6666666666666666E-2,1.6666666666666666E-2,1.6666666666666666E-2,1.6666666666666666E-2,1.6666666666666666E-2,1.6666666666666666E-2,1.6666666666666666E-2,1.6666666666666666E-2,1.6666666666666666E-2,1.6666666666666666E-2,1.6666666666666666E-2,1.6666666666666666E-2,1.6666666666666666E-2,1.6666666666666666E-2,1.6666666666666666E-2,1.6666666666666666E-2,1.6666666666666666E-2,1.6666666666666666E-2,1.6666666666666666E-2,1.6666666666666666E-2,1.6666666666666666E-2,1.6666666666666666E-2,1.6666666666666666E-2,1.6666666666666666E-2,1.6666666666666666E-2,1.6666666666666666E-2,1.6666666666666666E-2,1.6666666666666666E-2,1.6666666666666666E-2,1.6666666666666666E-2,1.6666666666666666E-2,1.6666666666666666E-2,1.6666666666666666E-2,1.6666666666666666E-2,1.6666666666666666E-2,1.6666666666666666E-2,1.6666666666666666E-2,1.6666666666666666E-2,1.6666666666666666E-2,1.6666666666666666E-2,1.6666666666666666E-2,1.6666666666666666E-2,1.6666666666666666E-2,1.6666666666666666E-2,1.6666666666666666E-2,1.6666666666666666E-2,1.6666666666666666E-2,1.6666666666666666E-2,1.6666666666666666E-2,1.6666666666666666E-2,1.6666666666666666E-2,1.6666666666666666E-2,1.6666666666666666E-2,1.6666666666666666E-2,1.6666666666666666E-2,1.6666666666666666E-2,1.6666666666666666E-2,1.6666666666666666E-2,1.0000000000000013]
[null,"Assistente Social",{"$f":"PFP!K19","v":973323},{"$f":"D28*$C$27","v":0},{"$f":"E28*$C$27","v":0},0,{"$f":"G28*$C$27","v":16222.05},{"$f":"H28*$C$27","v":16222.05},16222.05,16222.05,16222.05,16222.05,16222.05,16222.05,16222.05,16222.05,16222.05,16222.05,16222.05,16222.05,16222.05,16222.05,16222.05,16222.05,16222.05,16222.05,16222.05,16222.05,16222.05,16222.05,16222.05,16222.05,16222.05,16222.05,16222.05,16222.05,16222.05,16222.05,16222.05,16222.05,16222.05,16222.05,16222.05,16222.05,16222.05,16222.05,16222.05,16222.05,16222.05,16222.05,16222.05,16222.05,16222.05,16222.05,16222.05,16222.05,16222.05,16222.05,16222.05,16222.05,16222.05,16222.05,16222.05,16222.05,16222.05,16222.05,973323.00000000105]
[{"$nulls":6},{"$f":"100/60/100","v":1.6666666666666666E-2},1.6666666666666666E-2,1.6666666666666666E-2,1.6666666666666666E-2,1.6666666666666666E-2,1.6666666666666666E-2,1.6666666666666666E-2,1.6666666666666666E-2,1.6666666666666666E-2,1.6666666666666666E-2,1.6666666666666666E-2,1.6666666666666666E-2,1.6666666666666666E-2,1.6666666666666666E-2,1.6666666666666666E-2,1.6666666666666666E-2,1.6666666666666666E-2,1.6666666666666666E-2,1.6666666666666666E-2,1.6666666666666666E-2,1.6666666666666666E-2,1.6666666666666666E-2,1.6666666666666666E-2,1.6666666666666666E-2,1.6666666666666666E-2,1.6666666666666666E-2,1.6666666666666666E-2,1.6666666666666666E-2,1.6666666666666666E-2,1.6666666666666666E-2,1.6666666666666666E-2,1.6666666666666666E-2,1.6666666666666666E-2,1.6666666666666666E-2,1.6666666666666666E-2,1.6666666666666666E-2,1.6666666666666666E-2,1.6666666666666666E-2,1.6666666666666666E-2,1.6666666666666666E-2,1.6666666666666666E-2,1.6666666666666666E-2,1.6666666666666666E-2,1.6666666666666666E-2,1.6666666666666666E-2,1.6666666666666666E-2,1.6666666666666666E-2,1.6666666666666666E-2,1.6666666666666666E-2,1.6666666666666666E-2,1.6666666666666666E-2,1.6666666666666666E-2,1.6666666666666666E-2,1.6666666666666666E-2,1.6666666666666666E-2,1.6666666666666666E-2,1.6666666666666666E-2,1.6666666666666666E-2,1.6666666666666666E-2,1.6666666666666666E-2,1.0000000000000013]
[null,"Técnico Auxiliar (Laboratorista)",{"$f":"PFP!K20","v":629041.19999999995},{"$f":"D30*$C$29","v":0},{"$f":"E30*$C$29","v":0},0,{"$f":"G30*$C$29","v":10484.019999999999},{"$f":"H30*$C$29","v":10484.019999999999},10484.019999999999,10484.019999999999,10484.019999999999,10484.019999999999,10484.019999999999,10484.019999999999,10484.019999999999,10484.019999999999,10484.019999999999,10484.019999999999,10484.019999999999,10484.019999999999,10484.019999999999,10484.019999999999,10484.019999999999,10484.019999999999,10484.019999999999,10484.019999999999,10484.019999999999,10484.019999999999,10484.019999999999,10484.019999999999,10484.019999999999,10484.019999999999,10484.019999999999,10484.019999999999,10484.019999999999,10484.019999999999,10484.019999999999,10484.019999999999,10484.019999999999,10484.019999999999,10484.019999999999,10484.019999999999,10484.019999999999,10484.019999999999,10484.019999999999,10484.019999999999,10484.019999999999,10484.019999999999,10484.019999999999,10484.019999999999,10484.019999999999,10484.019999999999,10484.019999999999,10484.019999999999,10484.019999999999,10484.019999999999,10484.019999999999,10484.019999999999,10484.019999999999,10484.019999999999,10484.019999999999,10484.019999999999,10484.019999999999,10484.019999999999,10484.019999999999,10484.019999999999,629041.20000000054]
[{"$nulls":6},{"$f":"100/120/100+100/120/100","v":1.6666666666666666E-2},{"$f":"100/120/100+100/120/100","v":1.6666666666666666E-2},1.6666666666666666E-2,1.6666666666666666E-2,1.6666666666666666E-2,1.6666666666666666E-2,1.6666666666666666E-2,1.6666666666666666E-2,1.6666666666666666E-2,1.6666666666666666E-2,1.6666666666666666E-2,1.6666666666666666E-2,1.6666666666666666E-2,1.6666666666666666E-2,1.6666666666666666E-2,1.6666666666666666E-2,1.6666666666666666E-2,1.6666666666666666E-2,1.6666666666666666E-2,1.6666666666666666E-2,1.6666666666666666E-2,1.6666666666666666E-2,1.6666666666666666E-2,1.6666666666666666E-2,1.6666666666666666E-2,1.6666666666666666E-2,1.6666666666666666E-2,1.6666666666666666E-2,1.6666666666666666E-2,1.6666666666666666E-2,1.6666666666666666E-2,1.6666666666666666E-2,1.6666666666666666E-2,1.6666666666666666E-2,1.6666666666666666E-2,1.6666666666666666E-2,1.6666666666666666E-2,1.6666666666666666E-2,1.6666666666666666E-2,1.6666666666666666E-2,1.6666666666666666E-2,1.6666666666666666E-2,1.6666666666666666E-2,1.6666666666666666E-2,1.6666666666666666E-2,1.6666666666666666E-2,1.6666666666666666E-2,1.6666666666666666E-2,1.6666666666666666E-2,1.6666666666666666E-2,1.6666666666666666E-2,1.6666666666666666E-2,1.6666666666666666E-2,1.6666666666666666E-2,1.6666666666666666E-2,1.6666666666666666E-2,1.6666666666666666E-2,1.6666666666666666E-2,1.6666666666666666E-2,1.6666666666666666E-2,1.0000000000000013]
[null,"Servente Contínuo (Auxiliar de Laboratório)",{"$f":"PFP!K21","v":471783.6},{"$f":"D32*$C$31","v":0},{"$f":"E32*$C$31","v":0},0,{"$f":"G32*$C$31","v":7863.0599999999995},{"$f":"H32*$C$31","v":7863.0599999999995},7863.0599999999995,7863.0599999999995,7863.0599999999995,7863.0599999999995,7863.0599999999995,7863.0599999999995,7863.0599999999995,7863.0599999999995,7863.0599999999995,7863.0599999999995,7863.0599999999995,7863.0599999999995,7863.0599999999995,7863.0599999999995,7863.0599999999995,7863.0599999999995,7863.0599999999995,7863.0599999999995,7863.0599999999995,7863.0599999999995,7863.0599999999995,7863.0599999999995,7863.0599999999995,7863.0599999999995,7863.0599999999995,7863.0599999999995,7863.0599999999995,7863.0599999999995,7863.0599999999995,7863.0599999999995,7863.0599999999995,7863.0599999999995,7863.0599999999995,7863.0599999999995,7863.0599999999995,7863.0599999999995,7863.0599999999995,7863.0599999999995,7863.0599999999995,7863.0599999999995,7863.0599999999995,7863.0599999999995,7863.0599999999995,7863.0599999999995,7863.0599999999995,7863.0599999999995,7863.0599999999995,7863.0599999999995,7863.0599999999995,7863.0599999999995,7863.0599999999995,7863.0599999999995,7863.0599999999995,7863.0599999999995,7863.0599999999995,7863.0599999999995,7863.0599999999995,7863.0599999999995,471783.59999999992]
[{"$nulls":6},{"$f":"100/120/100+100/120/100","v":1.6666666666666666E-2},{"$f":"100/120/100+100/120/100","v":1.6666666666666666E-2},1.6666666666666666E-2,1.6666666666666666E-2,1.6666666666666666E-2,1.6666666666666666E-2,1.6666666666666666E-2,1.6666666666666666E-2,1.6666666666666666E-2,1.6666666666666666E-2,1.6666666666666666E-2,1.6666666666666666E-2,1.6666666666666666E-2,1.6666666666666666E-2,1.6666666666666666E-2,1.6666666666666666E-2,1.6666666666666666E-2,1.6666666666666666E-2,1.6666666666666666E-2,1.6666666666666666E-2,1.6666666666666666E-2,1.6666666666666666E-2,1.6666666666666666E-2,1.6666666666666666E-2,1.6666666666666666E-2,1.6666666666666666E-2,1.6666666666666666E-2,1.6666666666666666E-2,1.6666666666666666E-2,1.6666666666666666E-2,1.6666666666666666E-2,1.6666666666666666E-2,1.6666666666666666E-2,1.6666666666666666E-2,1.6666666666666666E-2,1.6666666666666666E-2,1.6666666666666666E-2,1.6666666666666666E-2,1.6666666666666666E-2,1.6666666666666666E-2,1.6666666666666666E-2,1.6666666666666666E-2,1.6666666666666666E-2,1.6666666666666666E-2,1.6666666666666666E-2,1.6666666666666666E-2,1.6666666666666666E-2,1.6666666666666666E-2,1.6666666666666666E-2,1.6666666666666666E-2,1.6666666666666666E-2,1.6666666666666666E-2,1.6666666666666666E-2,1.6666666666666666E-2,1.6666666666666666E-2,1.6666666666666666E-2,1.6666666666666666E-2,1.6666666666666666E-2,1.6666666666666666E-2,1.6666666666666666E-2,1.0000000000000013]
[null,"Técnico Ambiental",{"$f":"PFP!K22","v":383590.8},{"$f":"D34*$C$33","v":0},{"$f":"E34*$C$33","v":0},0,{"$f":"G34*$C$33","v":6393.1799999999994},{"$f":"H34*$C$33","v":6393.1799999999994},6393.1799999999994,6393.1799999999994,6393.1799999999994,6393.1799999999994,6393.1799999999994,6393.1799999999994,6393.1799999999994,6393.1799999999994,6393.1799999999994,6393.1799999999994,6393.1799999999994,6393.1799999999994,6393.1799999999994,6393.1799999999994,6393.1799999999994,6393.1799999999994,6393.1799999999994,6393.1799999999994,6393.1799999999994,6393.1799999999994,6393.1799999999994,6393.1799999999994,6393.1799999999994,6393.1799999999994,6393.1799999999994,6393.1799999999994,6393.1799999999994,6393.1799999999994,6393.1799999999994,6393.1799999999994,6393.1799999999994,6393.1799999999994,6393.1799999999994,6393.1799999999994,6393.1799999999994,6393.1799999999994,6393.1799999999994,6393.1799999999994,6393.1799999999994,6393.1799999999994,6393.1799999999994,6393.1799999999994,6393.1799999999994,6393.1799999999994,6393.1799999999994,6393.1799999999994,6393.1799999999994,6393.1799999999994,6393.1799999999994,6393.1799999999994,6393.1799999999994,6393.1799999999994,6393.1799999999994,6393.1799999999994,6393.1799999999994,6393.1799999999994,6393.1799999999994,6393.1799999999994,383590.7999999997]
[{"$nulls":6},{"$f":"100/60/100","v":1.6666666666666666E-2},{"$f":"100/60/100","v":1.6666666666666666E-2},1.6666666666666666E-2,1.6666666666666666E-2,1.6666666666666666E-2,1.6666666666666666E-2,1.6666666666666666E-2,1.6666666666666666E-2,1.6666666666666666E-2,1.6666666666666666E-2,1.6666666666666666E-2,1.6666666666666666E-2,1.6666666666666666E-2,1.6666666666666666E-2,1.6666666666666666E-2,1.6666666666666666E-2,1.6666666666666666E-2,1.6666666666666666E-2,1.6666666666666666E-2,1.6666666666666666E-2,1.6666666666666666E-2,1.6666666666666666E-2,1.6666666666666666E-2,1.6666666666666666E-2,1.6666666666666666E-2,1.6666666666666666E-2,1.6666666666666666E-2,1.6666666666666666E-2,1.6666666666666666E-2,1.6666666666666666E-2,1.6666666666666666E-2,1.6666666666666666E-2,1.6666666666666666E-2,1.6666666666666666E-2,1.6666666666666666E-2,1.6666666666666666E-2,1.6666666666666666E-2,1.6666666666666666E-2,1.6666666666666666E-2,1.6666666666666666E-2,1.6666666666666666E-2,1.6666666666666666E-2,1.6666666666666666E-2,1.6666666666666666E-2,1.6666666666666666E-2,1.6666666666666666E-2,1.6666666666666666E-2,1.6666666666666666E-2,1.6666666666666666E-2,1.6666666666666666E-2,1.6666666666666666E-2,1.6666666666666666E-2,1.6666666666666666E-2,1.6666666666666666E-2,1.6666666666666666E-2,1.6666666666666666E-2,1.6666666666666666E-2,1.6666666666666666E-2,1.6666666666666666E-2,1.6666666666666666E-2,1.0000000000000013]
[null,"Tecnico Segurança do Trabalho",{"$f":"PFP!K23","v":590930.4},{"$f":"D36*$C$35","v":0},{"$f":"E36*$C$35","v":0},0,{"$f":"G36*$C$35","v":9848.84},{"$f":"H36*$C$35","v":9848.84},9848.84,9848.84,9848.84,9848.84,9848.84,9848.84,9848.84,9848.84,9848.84,9848.84,9848.84,9848.84,9848.84,9848.84,9848.84,9848.84,9848.84,9848.84,9848.84,9848.84,9848.84,9848.84,9848.84,9848.84,9848.84,9848.84,9848.84,9848.84,9848.84,9848.84,9848.84,9848.84,9848.84,9848.84,9848.84,9848.84,9848.84,9848.84,9848.84,9848.84,9848.84,9848.84,9848.84,9848.84,9848.84,9848.84,9848.84,9848.84,9848.84,9848.84,9848.84,9848.84,9848.84,9848.84,9848.84,9848.84,9848.84,9848.84,590930.40000000037]
[{"$nulls":6},{"$f":"100/60/100","v":1.6666666666666666E-2},{"$f":"100/60/100","v":1.6666666666666666E-2},1.6666666666666666E-2,1.6666666666666666E-2,1.6666666666666666E-2,1.6666666666666666E-2,1.6666666666666666E-2,1.6666666666666666E-2,1.6666666666666666E-2,1.6666666666666666E-2,1.6666666666666666E-2,1.6666666666666666E-2,1.6666666666666666E-2,1.6666666666666666E-2,1.6666666666666666E-2,1.6666666666666666E-2,1.6666666666666666E-2,1.6666666666666666E-2,1.6666666666666666E-2,1.6666666666666666E-2,1.6666666666666666E-2,1.6666666666666666E-2,1.6666666666666666E-2,1.6666666666666666E-2,1.6666666666666666E-2,1.6666666666666666E-2,1.6666666666666666E-2,1.6666666666666666E-2,1.6666666666666666E-2,1.6666666666666666E-2,1.6666666666666666E-2,1.6666666666666666E-2,1.6666666666666666E-2,1.6666666666666666E-2,1.6666666666666666E-2,1.6666666666666666E-2,1.6666666666666666E-2,1.6666666666666666E-2,1.6666666666666666E-2,1.6666666666666666E-2,1.6666666666666666E-2,1.6666666666666666E-2,1.6666666666666666E-2,1.6666666666666666E-2,1.6666666666666666E-2,1.6666666666666666E-2,1.6666666666666666E-2,1.6666666666666666E-2,1.6666666666666666E-2,1.6666666666666666E-2,1.6666666666666666E-2,1.6666666666666666E-2,1.6666666666666666E-2,1.6666666666666666E-2,1.6666666666666666E-2,1.6666666666666666E-2,1.6666666666666666E-2,1.6666666666666666E-2,1.6666666666666666E-2,1.6666666666666666E-2,1.0000000000000013]
[null,"Consultoria Engenheiro Consultor - \nConcreto Armado",{"$f":"PFP!K24","v":79644.45},{"$f":"D38*$C$37","v":0},{"$f":"E38*$C$37","v":31857.78},0,0,0,0,0,0,0,0,0,0,15928.89,0,0,0,0,0,0,0,0,0,15928.89,0,0,0,0,0,0,0,0,0,0,0,0,0,0,0,0,0,15928.89,0,0,0,0,0,0,0,0,0,0,0,0,0,0,0,0,0,0,0,0,0,0,{"$f":"SUM(D37:BN37)","v":79644.45}]
[{"$nulls":4},{"$f":"0.2+0.2","v":0.4},{"$nulls":10},{"$f":"0.2","v":0.2},{"$nulls":9},{"$f":"0.2","v":0.2},{"$nulls":17},{"$f":"0.2","v":0.2},{"$nulls":22},{"$f":"SUM(D38:BN38)","v":1}]
[null,"Consultoria Engenheiro Consultor \n- Transiente Hidráulico",{"$f":"PFP!K25","v":79644.45},{"$f":"D40*$C$39","v":0},{"$f":"E40*$C$39","v":31857.78},0,0,0,0,0,0,0,0,0,15928.89,0,0,0,0,0,0,0,0,0,0,0,15928.89,0,0,0,0,0,0,0,0,0,0,0,0,0,0,15928.89,0,0,0,0,0,0,0,0,0,0,0,0,0,0,0,0,0,0,0,0,0,0,0,0,{"$f":"SUM(D39:BN39)","v":79644.45}]
[{"$nulls":4},{"$f":"0.2+0.2","v":0.4},{"$nulls":9},{"$f":"0.2","v":0.2},{"$nulls":11},{"$f":"0.2","v":0.2},{"$nulls":14},{"$f":"0.2","v":0.2},{"$nulls":24},{"$f":"SUM(D38:BN38)","v":1}]
[null,"Consultoria Geólogo",{"$f":"PFP!K26","v":79644.45},{"$f":"D42*$C$41","v":0},{"$f":"E42*$C$41","v":31857.78},0,0,0,0,0,0,0,15928.89,0,0,0,0,0,0,0,0,0,0,15928.89,0,0,0,0,0,0,0,0,0,0,0,0,0,0,0,15928.89,0,0,0,0,0,0,0,0,0,0,0,0,0,0,0,0,0,0,0,0,0,0,0,0,0,0,{"$f":"SUM(D41:BN41)","v":79644.45}]
[{"$nulls":4},{"$f":"0.2+0.2","v":0.4},{"$nulls":7},{"$f":"0.2","v":0.2},{"$nulls":10},{"$f":"0.2","v":0.2},{"$nulls":15},{"$f":"0.2","v":0.2},{"$nulls":26},{"$f":"SUM(D42:BN42)","v":1}]
[null,"Cesta de Instalações Topografia",{"$f":"PFP!K27","v":747880.8},{"$f":"D44*$C$43","v":0},{"$f":"E44*$C$43","v":0},0,12464.68,12464.68,12464.68,12464.68,12464.68,12464.68,12464.68,12464.68,12464.68,12464.68,12464.68,12464.68,12464.68,12464.68,12464.68,12464.68,12464.68,12464.68,12464.68,12464.68,12464.68,12464.68,12464.68,12464.68,12464.68,12464.68,12464.68,12464.68,12464.68,12464.68,12464.68,12464.68,12464.68,12464.68,12464.68,12464.68,12464.68,12464.68,12464.68,12464.68,12464.68,12464.68,12464.68,12464.68,12464.68,12464.68,12464.68,12464.68,12464.68,12464.68,12464.68,12464.68,12464.68,12464.68,12464.68,12464.68,12464.68,12464.68,12464.68,12464.68,{"$f":"SUM(D43:BN43)","v":747880.80000000063}]
[{"$nulls":6},{"$f":"100/60/100","v":1.6666666666666666E-2},1.6666666666666666E-2,1.6666666666666666E-2,1.6666666666666666E-2,1.6666666666666666E-2,1.6666666666666666E-2,1.6666666666666666E-2,1.6666666666666666E-2,1.6666666666666666E-2,1.6666666666666666E-2,1.6666666666666666E-2,1.6666666666666666E-2,1.6666666666666666E-2,1.6666666666666666E-2,1.6666666666666666E-2,1.6666666666666666E-2,1.6666666666666666E-2,1.6666666666666666E-2,1.6666666666666666E-2,1.6666666666666666E-2,{"$f":"100/60/100","v":1.6666666666666666E-2},1.6666666666666666E-2,1.6666666666666666E-2,1.6666666666666666E-2,1.6666666666666666E-2,1.6666666666666666E-2,1.6666666666666666E-2,1.6666666666666666E-2,1.6666666666666666E-2,1.6666666666666666E-2,1.6666666666666666E-2,1.6666666666666666E-2,1.6666666666666666E-2,1.6666666666666666E-2,1.6666666666666666E-2,1.6666666666666666E-2,1.6666666666666666E-2,1.6666666666666666E-2,1.6666666666666666E-2,1.6666666666666666E-2,1.6666666666666666E-2,1.6666666666666666E-2,1.6666666666666666E-2,1.6666666666666666E-2,1.6666666666666666E-2,1.6666666666666666E-2,1.6666666666666666E-2,1.6666666666666666E-2,1.6666666666666666E-2,1.6666666666666666E-2,1.6666666666666666E-2,1.6666666666666666E-2,1.6666666666666666E-2,1.6666666666666666E-2,1.6666666666666666E-2,1.6666666666666666E-2,1.6666666666666666E-2,1.6666666666666666E-2,1.6666666666666666E-2,1.6666666666666666E-2,{"$f":"SUM(G44:BN44)","v":1.0000000000000013}]
[null,"PICK-UP - CD 4X4 Diesel ",{"$f":"PFP!K28","v":586792.80000000005},{"$f":"D46*$C$45","v":0},{"$f":"E46*$C$45","v":0},0,9779.880000000001,9779.880000000001,9779.880000000001,9779.880000000001,9779.880000000001,9779.880000000001,9779.880000000001,9779.880000000001,9779.880000000001,9779.880000000001,9779.880000000001,9779.880000000001,9779.880000000001,9779.880000000001,9779.880000000001,9779.880000000001,9779.880000000001,9779.880000000001,9779.880000000001,9779.880000000001,9779.880000000001,9779.880000000001,9779.880000000001,9779.880000000001,9779.880000000001,9779.880000000001,9779.880000000001,9779.880000000001,9779.880000000001,9779.880000000001,9779.880000000001,9779.880000000001,9779.880000000001,9779.880000000001,9779.880000000001,9779.880000000001,9779.880000000001,9779.880000000001,9779.880000000001,9779.880000000001,9779.880000000001,9779.880000000001,9779.880000000001,9779.880000000001,9779.880000000001,9779.880000000001,9779.880000000001,9779.880000000001,9779.880000000001,9779.880000000001,9779.880000000001,9779.880000000001,9779.880000000001,9779.880000000001,9779.880000000001,9779.880000000001,9779.880000000001,9779.880000000001,9779.880000000001,9779.880000000001,{"$f":"SUM(D45:BN45)","v":586792.80000000016}]
[{"$nulls":6},{"$f":"100/60/100","v":1.6666666666666666E-2},{"$f":"100/60/100","v":1.6666666666666666E-2},1.6666666666666666E-2,1.6666666666666666E-2,1.6666666666666666E-2,1.6666666666666666E-2,1.6666666666666666E-2,1.6666666666666666E-2,1.6666666666666666E-2,1.6666666666666666E-2,1.6666666666666666E-2,1.6666666666666666E-2,1.6666666666666666E-2,1.6666666666666666E-2,1.6666666666666666E-2,1.6666666666666666E-2,1.6666666666666666E-2,1.6666666666666666E-2,1.6666666666666666E-2,1.6666666666666666E-2,1.6666666666666666E-2,1.6666666666666666E-2,1.6666666666666666E-2,1.6666666666666666E-2,1.6666666666666666E-2,1.6666666666666666E-2,1.6666666666666666E-2,1.6666666666666666E-2,1.6666666666666666E-2,1.6666666666666666E-2,1.6666666666666666E-2,1.6666666666666666E-2,1.6666666666666666E-2,1.6666666666666666E-2,1.6666666666666666E-2,1.6666666666666666E-2,1.6666666666666666E-2,1.6666666666666666E-2,1.6666666666666666E-2,1.6666666666666666E-2,1.6666666666666666E-2,1.6666666666666666E-2,1.6666666666666666E-2,1.6666666666666666E-2,1.6666666666666666E-2,1.6666666666666666E-2,1.6666666666666666E-2,1.6666666666666666E-2,1.6666666666666666E-2,1.6666666666666666E-2,1.6666666666666666E-2,1.6666666666666666E-2,1.6666666666666666E-2,1.6666666666666666E-2,1.6666666666666666E-2,1.6666666666666666E-2,1.6666666666666666E-2,1.6666666666666666E-2,1.6666666666666666E-2,1.6666666666666666E-2,{"$f":"SUM(G46:BN46)","v":1.0000000000000013}]
[null,"Veículo leve - 71 a 115 CV",{"$f":"PFP!K29","v":519924.9},{"$f":"D48*$C$47","v":8252.7761904761901},{"$f":"E48*$C$47","v":8252.7761904761901},8252.7761904761901,8252.7761904761901,8252.7761904761901,8252.7761904761901,8252.7761904761901,8252.7761904761901,8252.7761904761901,8252.7761904761901,8252.7761904761901,8252.7761904761901,8252.7761904761901,8252.7761904761901,8252.7761904761901,8252.7761904761901,8252.7761904761901,8252.7761904761901,8252.7761904761901,8252.7761904761901,8252.7761904761901,8252.7761904761901,8252.7761904761901,8252.7761904761901,8252.7761904761901,8252.7761904761901,8252.7761904761901,8252.7761904761901,8252.7761904761901,8252.7761904761901,8252.7761904761901,8252.7761904761901,8252.7761904761901,8252.7761904761901,8252.7761904761901,8252.7761904761901,8252.7761904761901,8252.7761904761901,8252.7761904761901,8252.7761904761901,8252.7761904761901,8252.7761904761901,8252.7761904761901,8252.7761904761901,8252.7761904761901,8252.7761904761901,8252.7761904761901,8252.7761904761901,8252.7761904761901,8252.7761904761901,8252.7761904761901,8252.7761904761901,8252.7761904761901,8252.7761904761901,8252.7761904761901,8252.7761904761901,8252.7761904761901,8252.7761904761901,8252.7761904761901,8252.7761904761901,8252.7761904761901,8252.7761904761901,8252.7761904761901,{"$f":"SUM(D47:BN47)","v":519924.90000000043}]
[null,null,null,{"$f":"100/63/100","v":1.5873015873015872E-2},{"$f":"100/63/100","v":1.5873015873015872E-2},1.5873015873015872E-2,1.5873015873015872E-2,1.5873015873015872E-2,1.5873015873015872E-2,1.5873015873015872E-2,1.5873015873015872E-2,1.5873015873015872E-2,1.5873015873015872E-2,1.5873015873015872E-2,1.5873015873015872E-2,1.5873015873015872E-2,1.5873015873015872E-2,1.5873015873015872E-2,1.5873015873015872E-2,1.5873015873015872E-2,1.5873015873015872E-2,1.5873015873015872E-2,1.5873015873015872E-2,1.5873015873015872E-2,1.5873015873015872E-2,1.5873015873015872E-2,1.5873015873015872E-2,1.5873015873015872E-2,1.5873015873015872E-2,1.5873015873015872E-2,1.5873015873015872E-2,1.5873015873015872E-2,1.5873015873015872E-2,1.5873015873015872E-2,1.5873015873015872E-2,1.5873015873015872E-2,1.5873015873015872E-2,1.5873015873015872E-2,1.5873015873015872E-2,1.5873015873015872E-2,1.5873015873015872E-2,1.5873015873015872E-2,1.5873015873015872E-2,1.5873015873015872E-2,1.5873015873015872E-2,1.5873015873015872E-2,1.5873015873015872E-2,1.5873015873015872E-2,1.5873015873015872E-2,1.5873015873015872E-2,1.5873015873015872E-2,1.5873015873015872E-2,1.5873015873015872E-2,1.5873015873015872E-2,1.5873015873015872E-2,1.5873015873015872E-2,1.5873015873015872E-2,1.5873015873015872E-2,1.5873015873015872E-2,1.5873015873015872E-2,1.5873015873015872E-2,1.5873015873015872E-2,1.5873015873015872E-2,1.5873015873015872E-2,1.5873015873015872E-2,1.5873015873015872E-2,0.99999999999999822]
[null,"Aquisição de GPS",{"$f":"PFP!K30","v":4708.37},{"$f":"D50*$C$49","v":0},{"$f":"E50*$C$49","v":0},0,0,0,0,0,0,4708.37,0,0,0,0,0,0,0,0,0,0,0,0,0,0,0,0,0,0,0,0,0,0,0,0,0,0,0,0,0,0,0,0,0,0,0,0,0,0,0,0,0,0,0,0,0,0,0,0,0,0,0,0,0,0,4708.37]
[{"$nulls":11},1,{"$nulls":54},1]
[null,"Passagem ida e volta",{"$f":"PFP!K31","v":33058.71},{"$f":"D52*$C$51","v":0},{"$f":"E52*$C$51","v":11667.78},0,0,0,1944.63,0,0,0,1944.63,0,1944.63,1944.63,0,0,0,0,0,0,0,1944.63,0,1944.63,1944.63,0,0,0,0,0,0,0,0,0,0,0,0,1944.63,0,1944.63,0,1944.63,0,0,0,0,0,0,0,0,0,0,0,0,0,0,0,{"$f":"BH52*$C$51","v":1944.63},0,0,0,0,0,0,33058.710000000006]
[{"$nulls":4},{"$f":"(100/17)/100*6","v":0.35294117647058826},null,null,null,{"$f":"(100/17)/100","v":5.8823529411764712E-2},null,null,null,{"$f":"(100/17)/100","v":5.8823529411764712E-2},null,{"$f":"(100/17)/100","v":5.8823529411764712E-2},{"$f":"(100/17)/100","v":5.8823529411764712E-2},{"$nulls":7},{"$f":"(100/17)/100","v":5.8823529411764712E-2},null,{"$f":"(100/17)/100","v":5.8823529411764712E-2},{"$f":"(100/17)/100","v":5.8823529411764712E-2},{"$nulls":12},{"$f":"(100/17)/100","v":5.8823529411764712E-2},null,{"$f":"(100/17)/100","v":5.8823529411764712E-2},null,{"$f":"(100/17)/100","v":5.8823529411764712E-2},{"$nulls":15},{"$f":"(100/17)/100","v":5.8823529411764712E-2},{"$nulls":6},1]
[null,"Diaria",{"$f":"PFP!K32","v":13236.2},{"$f":"D54*$C$53","v":0},{"$f":"E54*$C$53","v":4671.6000000000004},0,0,0,778.60000000000014,0,0,0,778.60000000000014,0,778.60000000000014,778.60000000000014,0,0,0,0,0,0,0,778.60000000000014,0,778.60000000000014,778.60000000000014,0,0,0,0,0,0,0,0,0,0,0,0,778.60000000000014,0,778.60000000000014,0,778.60000000000014,0,0,0,0,0,0,0,0,0,0,0,0,0,0,0,778.60000000000014,0,0,0,0,0,0,13236.200000000004]
[{"$nulls":4},{"$f":"(100/17)/100*6","v":0.35294117647058826},null,null,null,{"$f":"(100/17)/100","v":5.8823529411764712E-2},null,null,null,{"$f":"(100/17)/100","v":5.8823529411764712E-2},null,{"$f":"(100/17)/100","v":5.8823529411764712E-2},{"$f":"(100/17)/100","v":5.8823529411764712E-2},{"$nulls":7},{"$f":"(100/17)/100","v":5.8823529411764712E-2},null,{"$f":"(100/17)/100","v":5.8823529411764712E-2},{"$f":"(100/17)/100","v":5.8823529411764712E-2},{"$nulls":12},{"$f":"(100/17)/100","v":5.8823529411764712E-2},null,{"$f":"(100/17)/100","v":5.8823529411764712E-2},null,{"$f":"(100/17)/100","v":5.8823529411764712E-2},{"$nulls":15},{"$f":"(100/17)/100","v":5.8823529411764712E-2},{"$nulls":6},1]
[null,"Infraestrutura e Equipamentos de Escritório",{"$f":"PFP!K33","v":663312.41},{"$f":"D56*$C$55","v":0},{"$f":"E56*$C$55","v":0},0,11055.206833333334,11055.206833333334,11055.206833333334,11055.206833333334,11055.206833333334,11055.206833333334,11055.206833333334,11055.206833333334,11055.206833333334,11055.206833333334,11055.206833333334,11055.206833333334,11055.206833333334,11055.206833333334,11055.206833333334,11055.206833333334,11055.206833333334,11055.206833333334,11055.206833333334,11055.206833333334,11055.206833333334,11055.206833333334,11055.206833333334,11055.206833333334,11055.206833333334,11055.206833333334,11055.206833333334,11055.206833333334,11055.206833333334,11055.206833333334,11055.206833333334,11055.206833333334,11055.206833333334,11055.206833333334,11055.206833333334,11055.206833333334,11055.206833333334,11055.206833333334,11055.206833333334,11055.206833333334,11055.206833333334,11055.206833333334,11055.206833333334,11055.206833333334,11055.206833333334,11055.206833333334,11055.206833333334,11055.206833333334,11055.206833333334,11055.206833333334,11055.206833333334,11055.206833333334,11055.206833333334,11055.206833333334,11055.206833333334,11055.206833333334,11055.206833333334,11055.206833333334,11055.206833333334,11055.206833333334,663312.41000000085]
[{"$nulls":6},{"$f":"100/60/100","v":1.6666666666666666E-2},{"$f":"100/60/100","v":1.6666666666666666E-2},1.6666666666666666E-2,1.6666666666666666E-2,1.6666666666666666E-2,1.6666666666666666E-2,1.6666666666666666E-2,1.6666666666666666E-2,1.6666666666666666E-2,1.6666666666666666E-2,1.6666666666666666E-2,1.6666666666666666E-2,1.6666666666666666E-2,1.6666666666666666E-2,1.6666666666666666E-2,1.6666666666666666E-2,1.6666666666666666E-2,1.6666666666666666E-2,1.6666666666666666E-2,1.6666666666666666E-2,1.6666666666666666E-2,1.6666666666666666E-2,1.6666666666666666E-2,1.6666666666666666E-2,1.6666666666666666E-2,1.6666666666666666E-2,1.6666666666666666E-2,1.6666666666666666E-2,1.6666666666666666E-2,1.6666666666666666E-2,1.6666666666666666E-2,1.6666666666666666E-2,1.6666666666666666E-2,1.6666666666666666E-2,1.6666666666666666E-2,1.6666666666666666E-2,1.6666666666666666E-2,1.6666666666666666E-2,1.6666666666666666E-2,1.6666666666666666E-2,1.6666666666666666E-2,1.6666666666666666E-2,1.6666666666666666E-2,1.6666666666666666E-2,1.6666666666666666E-2,1.6666666666666666E-2,1.6666666666666666E-2,1.6666666666666666E-2,1.6666666666666666E-2,1.6666666666666666E-2,1.6666666666666666E-2,1.6666666666666666E-2,1.6666666666666666E-2,1.6666666666666666E-2,1.6666666666666666E-2,1.6666666666666666E-2,1.6666666666666666E-2,1.6666666666666666E-2,1.6666666666666666E-2,1.6666666666666666E-2,{"$f":"SUM(G56:BN56)","v":1.0000000000000013}]
[null,"Encargos Complementares Adicionais",{"$f":"PFP!K34","v":2106065.3199999998},{"$f":"D58*$C$57","v":33429.608253968247},{"$f":"E58*$C$57","v":33429.608253968247},33429.608253968247,33429.608253968247,33429.608253968247,33429.608253968247,33429.608253968247,33429.608253968247,33429.608253968247,33429.608253968247,33429.608253968247,33429.608253968247,33429.608253968247,33429.608253968247,33429.608253968247,33429.608253968247,33429.608253968247,33429.608253968247,33429.608253968247,33429.608253968247,33429.608253968247,33429.608253968247,33429.608253968247,33429.608253968247,33429.608253968247,33429.608253968247,33429.608253968247,33429.608253968247,33429.608253968247,33429.608253968247,33429.608253968247,33429.608253968247,33429.608253968247,33429.608253968247,33429.608253968247,33429.608253968247,33429.608253968247,33429.608253968247,33429.608253968247,33429.608253968247,33429.608253968247,33429.608253968247,33429.608253968247,33429.608253968247,33429.608253968247,33429.608253968247,33429.608253968247,33429.608253968247,33429.608253968247,33429.608253968247,33429.608253968247,33429.608253968247,33429.608253968247,33429.608253968247,33429.608253968247,33429.608253968247,33429.608253968247,33429.608253968247,33429.608253968247,33429.608253968247,33429.608253968247,33429.608253968247,33429.608253968247,{"$f":"SUM(D57:BN57)","v":2106065.3199999984}]
[null,null,null,{"$f":"100/63/100","v":1.5873015873015872E-2},{"$f":"100/63/100","v":1.5873015873015872E-2},1.5873015873015872E-2,1.5873015873015872E-2,1.5873015873015872E-2,1.5873015873015872E-2,1.5873015873015872E-2,1.5873015873015872E-2,1.5873015873015872E-2,1.5873015873015872E-2,1.5873015873015872E-2,1.5873015873015872E-2,1.5873015873015872E-2,1.5873015873015872E-2,1.5873015873015872E-2,1.5873015873015872E-2,1.5873015873015872E-2,1.5873015873015872E-2,1.5873015873015872E-2,1.5873015873015872E-2,1.5873015873015872E-2,1.5873015873015872E-2,1.5873015873015872E-2,1.5873015873015872E-2,1.5873015873015872E-2,1.5873015873015872E-2,1.5873015873015872E-2,1.5873015873015872E-2,1.5873015873015872E-2,1.5873015873015872E-2,1.5873015873015872E-2,1.5873015873015872E-2,1.5873015873015872E-2,1.5873015873015872E-2,1.5873015873015872E-2,1.5873015873015872E-2,1.5873015873015872E-2,1.5873015873015872E-2,1.5873015873015872E-2,1.5873015873015872E-2,1.5873015873015872E-2,1.5873015873015872E-2,1.5873015873015872E-2,1.5873015873015872E-2,1.5873015873015872E-2,1.5873015873015872E-2,1.5873015873015872E-2,1.5873015873015872E-2,1.5873015873015872E-2,1.5873015873015872E-2,1.5873015873015872E-2,1.5873015873015872E-2,1.5873015873015872E-2,1.5873015873015872E-2,1.5873015873015872E-2,1.5873015873015872E-2,1.5873015873015872E-2,1.5873015873015872E-2,1.5873015873015872E-2,1.5873015873015872E-2,1.5873015873015872E-2,1.5873015873015872E-2,1.5873015873015872E-2,{"$f":"SUM(D58:BN58)","v":0.99999999999999822}]
[null,null,{"$f":"SUM(C5:C58)","v":21131468.919999998},0,0,0,0,0,0,0,{"$f":"K60*$C$17","v":0},0,0,0,0,0,0,0,0,0,0,0,0,0,0,0,0,0,0,0,0,0,0,0,0,0,0,0,0,0,0,0,0,0,0,0,0,0,0,0,0,0,0,0,0,0,0,0,0,0,0,0,0,0,{"$f":"BM60*$C$17","v":0},0,0]
[{"$nulls":66},0]
[]
[null,"NO MÊS",null,{"$f":"D5+D7+D9+D11+D13+D15+D17+D19+D21+D23+D25+D27+D29+D31+D35+D59+D33+D57+D55+D53+D51+D49+D47+D45+D43+D41+D39+D37","v":73229.40444444443},{"$f":"E5+E7+E9+E11+E13+E15+E17+E19+E21+E23+E25+E27+E29+E31+E35+E59+E33+E57+E55+E53+E51+E49+E47+E45+E43+E41+E39+E37","v":185142.12444444443},73229.40444444443,336118.92127777776,336118.92127777776,338842.15127777774,336118.92127777776,336118.92127777776,340827.29127777775,354771.04127777775,336118.92127777776,354771.04127777775,354771.04127777775,336118.92127777776,336118.92127777776,336118.92127777776,336118.92127777776,336118.92127777776,350109.96127777774,350109.96127777774,368762.08127777773,350109.96127777774,368762.08127777773,368762.08127777773,350109.96127777774,350109.96127777774,350109.96127777774,350109.96127777774,350109.96127777774,350109.96127777774,350109.96127777774,350109.96127777774,350109.96127777774,350109.96127777774,350109.96127777774,350109.96127777774,368762.08127777773,350109.96127777774,368762.08127777773,350109.96127777774,368762.08127777773,350109.96127777774,350109.96127777774,350109.96127777774,350109.96127777774,350109.96127777774,350109.96127777774,350109.96127777774,350109.96127777774,350109.96127777774,350109.96127777774,350109.96127777774,350109.96127777774,350109.96127777774,350109.96127777774,350109.96127777774,352833.19127777772,350109.96127777774,315132.3612777777,315132.3612777777,315132.3612777777,315132.3612777777,315132.3612777777,{"$f":"SUM(D62:BN62)","v":21131468.919999998}]
[null,null,null,{"$f":"D62/SUM($C$5:$C$58)","v":3.4654194993106249E-3},{"$f":"E62/SUM($C$5:$C$58)","v":8.7614412961711154E-3},3.4654194993106249E-3,1.5906084075378978E-2,1.5906084075378978E-2,1.6034954908273256E-2,1.5906084075378978E-2,1.5906084075378978E-2,1.6128897265404955E-2,1.6788754374855726E-2,1.5906084075378978E-2,1.6788754374855726E-2,1.6788754374855726E-2,1.5906084075378978E-2,1.5906084075378978E-2,1.5906084075378978E-2,1.5906084075378978E-2,1.5906084075378978E-2,1.6568179079420937E-2,1.6568179079420937E-2,1.7450849378897685E-2,1.6568179079420937E-2,1.7450849378897685E-2,1.7450849378897685E-2,1.6568179079420937E-2,1.6568179079420937E-2,1.6568179079420937E-2,1.6568179079420937E-2,1.6568179079420937E-2,1.6568179079420937E-2,1.6568179079420937E-2,1.6568179079420937E-2,1.6568179079420937E-2,1.6568179079420937E-2,1.6568179079420937E-2,1.6568179079420937E-2,1.7450849378897685E-2,1.6568179079420937E-2,1.7450849378897685E-2,1.6568179079420937E-2,1.7450849378897685E-2,1.6568179079420937E-2,1.6568179079420937E-2,1.6568179079420937E-2,1.6568179079420937E-2,1.6568179079420937E-2,1.6568179079420937E-2,1.6568179079420937E-2,1.6568179079420937E-2,1.6568179079420937E-2,1.6568179079420937E-2,1.6568179079420937E-2,1.6568179079420937E-2,1.6568179079420937E-2,1.6568179079420937E-2,1.6568179079420937E-2,1.6697049912315218E-2,1.6568179079420937E-2,1.4912941569316031E-2,1.4912941569316031E-2,1.4912941569316031E-2,1.4912941569316031E-2,1.4912941569316031E-2,{"$f":"SUM(D63:BN63)","v":1.0000000000000009}]
[null,null,"DESEMBOLSO   (80% do Subproduto) ",{"$f":"D62*0.8","v":58583.523555555548},{"$f":"E62*0.8","v":148113.69955555556},{"$f":"F62*0.8","v":58583.523555555548},268895.13702222222,268895.13702222222,271073.72102222219,268895.13702222222,268895.13702222222,272661.83302222221,283816.83302222221,268895.13702222222,283816.83302222221,283816.83302222221,268895.13702222222,268895.13702222222,268895.13702222222,268895.13702222222,268895.13702222222,280087.96902222221,280087.96902222221,295009.66502222221,280087.96902222221,295009.66502222221,295009.66502222221,280087.96902222221,280087.96902222221,280087.96902222221,280087.96902222221,280087.96902222221,280087.96902222221,280087.96902222221,280087.96902222221,280087.96902222221,280087.96902222221,280087.96902222221,280087.96902222221,295009.66502222221,280087.96902222221,295009.66502222221,280087.96902222221,295009.66502222221,280087.96902222221,280087.96902222221,280087.96902222221,280087.96902222221,280087.96902222221,280087.96902222221,280087.96902222221,280087.96902222221,280087.96902222221,280087.96902222221,280087.96902222221,280087.96902222221,280087.96902222221,280087.96902222221,280087.96902222221,282266.55302222219,280087.96902222221,252105.88902222217,252105.88902222217,252105.88902222217,{"$f":"BM62*0.8","v":252105.88902222217},{"$f":"BO62-SUM(D64:BM64)","v":4478399.6730222311},{"$f":"SUM(D64:BN64)","v":21131468.919999998}]
[null,null,null,{"$f":"D64/SUM($C$5:$C$58)","v":2.7723355994485003E-3},{"$f":"E64/SUM($C$5:$C$58)","v":7.0091530369368934E-3},2.7723355994485003E-3,1.2724867260303183E-2,1.2724867260303183E-2,1.2827963926618606E-2,1.2724867260303183E-2,1.2724867260303183E-2,1.2903117812323964E-2,1.343100349988458E-2,1.2724867260303183E-2,1.343100349988458E-2,1.343100349988458E-2,1.2724867260303183E-2,1.2724867260303183E-2,1.2724867260303183E-2,1.2724867260303183E-2,1.2724867260303183E-2,1.3254543263536752E-2,1.3254543263536752E-2,1.396067950311815E-2,1.3254543263536752E-2,1.396067950311815E-2,1.396067950311815E-2,1.3254543263536752E-2,1.3254543263536752E-2,1.3254543263536752E-2,1.3254543263536752E-2,1.3254543263536752E-2,1.3254543263536752E-2,1.3254543263536752E-2,1.3254543263536752E-2,1.3254543263536752E-2,1.3254543263536752E-2,1.3254543263536752E-2,1.3254543263536752E-2,1.396067950311815E-2,1.3254543263536752E-2,1.396067950311815E-2,1.3254543263536752E-2,1.396067950311815E-2,1.3254543263536752E-2,1.3254543263536752E-2,1.3254543263536752E-2,1.3254543263536752E-2,1.3254543263536752E-2,1.3254543263536752E-2,1.3254543263536752E-2,1.3254543263536752E-2,1.3254543263536752E-2,1.3254543263536752E-2,1.3254543263536752E-2,1.3254543263536752E-2,1.3254543263536752E-2,1.3254543263536752E-2,1.3254543263536752E-2,1.3357639929852175E-2,1.3254543263536752E-2,1.1930353255452825E-2,1.1930353255452825E-2,1.1930353255452825E-2,1.1930353255452825E-2,0.21193035325545326,{"$f":"SUM(D65:BN65)","v":0.99999999999999956}]
[null,"ACUMULADO",null,{"$f":"D62","v":73229.40444444443},{"$f":"D66+E62","v":258371.52888888886},{"$f":"E66+F62","v":331600.93333333329},{"$f":"F66+G62","v":667719.85461111111},{"$f":"G66+H62","v":1003838.7758888889},1342680.9271666666,1678799.8484444444,{"$f":"J66+K62","v":2014918.7697222221},{"$f":"K66+L62","v":2355746.0609999998},{"$f":"L66+M62","v":2710517.1022777776},{"$f":"M66+N62","v":3046636.0235555554},{"$f":"N66+O62","v":3401407.0648333333},{"$f":"O66+P62","v":3756178.1061111111},{"$f":"P66+Q62","v":4092297.0273888889},{"$f":"Q66+R62","v":4428415.9486666666},{"$f":"R66+S62","v":4764534.8699444439},{"$f":"S66+T62","v":5100653.7912222221},{"$f":"T66+U62","v":5436772.7125000004},{"$f":"U66+V62","v":5786882.6737777777},{"$f":"V66+W62","v":6136992.635055555},{"$f":"W66+X62","v":6505754.7163333325},{"$f":"X66+Y62","v":6855864.6776111098},{"$f":"Y66+Z62","v":7224626.7588888872},{"$f":"Z66+AA62","v":7593388.8401666647},{"$f":"AA66+AB62","v":7943498.801444442},{"$f":"AB66+AC62","v":8293608.7627222193},{"$f":"AC66+AD62","v":8643718.7239999976},{"$f":"AD66+AE62","v":8993828.6852777749},{"$f":"AE66+AF62","v":9343938.6465555523},{"$f":"AF66+AG62","v":9694048.6078333296},{"$f":"AG66+AH62","v":10044158.569111107},{"$f":"AH66+AI62","v":10394268.530388884},{"$f":"AI66+AJ62","v":10744378.491666662},{"$f":"AJ66+AK62","v":11094488.452944439},{"$f":"AK66+AL62","v":11444598.414222216},{"$f":"AL66+AM62","v":11794708.375499994},{"$f":"AM66+AN62","v":12163470.456777772},{"$f":"AN66+AO62","v":12513580.418055549},{"$f":"AO66+AP62","v":12882342.499333328},{"$f":"AP66+AQ62","v":13232452.460611105},{"$f":"AQ66+AR62","v":13601214.541888883},{"$f":"AR66+AS62","v":13951324.503166661},{"$f":"AS66+AT62","v":14301434.464444438},{"$f":"AT66+AU62","v":14651544.425722215},{"$f":"AU66+AV62","v":15001654.386999993},{"$f":"AV66+AW62","v":15351764.34827777},{"$f":"AW66+AX62","v":15701874.309555547},{"$f":"AX66+AY62","v":16051984.270833325},{"$f":"AY66+AZ62","v":16402094.232111102},{"$f":"AZ66+BA62","v":16752204.193388879},{"$f":"BA66+BB62","v":17102314.154666658},{"$f":"BB66+BC62","v":17452424.115944438},{"$f":"BC66+BD62","v":17802534.077222217},{"$f":"BD66+BE62","v":18152644.038499996},{"$f":"BE66+BF62","v":18502753.999777775},{"$f":"BF66+BG62","v":18852863.961055554},{"$f":"BG66+BH62","v":19205697.15233333},{"$f":"BH66+BI62","v":19555807.11361111},{"$f":"BI66+BJ62","v":19870939.474888887},{"$f":"BJ66+BK62","v":20186071.836166665},{"$f":"BK66+BL62","v":20501204.197444443},{"$f":"BL66+BM62","v":20816336.55872222},{"$f":"BM66+BN62","v":21131468.919999998}]
[null,null,null,{"$f":"D63","v":3.4654194993106249E-3},{"$f":"D67+E63","v":1.222686079548174E-2},1.5692280294792367E-2,3.1598364370171342E-2,{"$f":"G67+H63","v":4.7504448445550324E-2},6.3539403353823576E-2,7.9445487429202558E-2,9.5351571504581539E-2,0.11148046876998649,0.12826922314484221,0.14417530722022118,0.1609640615950769,0.17775281596993261,0.19365890004531158,0.20956498412069055,0.22547106819606952,0.24137715227144849,0.25728323634682748,0.27385141542624841,0.29041959450566934,0.30787044388456702,0.32443862296398795,0.34188947234288564,0.35934032172178332,0.37590850080120425,0.39247667988062518,0.40904485896004611,0.42561303803946704,0.44218121711888797,0.4587493961983089,0.47531757527772983,0.49188575435715076,0.50845393343657175,0.52502211251599273,0.54159029159541372,0.55815847067483471,0.57560932005373244,0.59217749913315343,0.60962834851205117,0.62619652759147215,0.64364737697036989,0.66021555604979087,0.67678373512921186,0.69335191420863285,0.70992009328805383,0.72648827236747482,0.7430564514468958,0.75962463052631679,0.77619280960573778,0.79276098868515876,{"$f":"BA67+BB63","v":0.80932916776457975},0.82589734684400073,0.84246552592342172,0.85903370500284271,0.87560188408226369,0.89217006316168468,0.90886711307399992,0.92543529215342091,{"$f":"BI67+BJ63","v":0.9403482337227369},{"$f":"BJ67+BK63","v":0.9552611752920529},{"$f":"BK67+BL63","v":0.9701741168613689},{"$f":"BL67+BM63","v":0.98508705843068489},{"$f":"BM67+BN63","v":1.0000000000000009}]

{"sheet":"CPU ESCRIT. CONTAINER","index":9,"n_rows":17,"n_cols":4,"rows_kept":17,"cut":false,"hidden":false,"merged":[[2,1,2,2]]}
[]
[null,"Engenharia Consultiva da Codevasf"]
[null,"CPU - HOSPEDAGEM EQUIPE DE CAMPO (15 PESSOAS/MÊS)",null,"Código/Referencia"]
[null,"ALUGUEL CONTAINER ESCRITÓRIO C/ BANHEIRO",{"$f":"1600*4","v":6400},"4298/ORSE"]
[null,"Aquisição de Mobiliário",{"$f":"'AUX - MOBILIÁRIO'!F10","v":171.27},"B8954/DNIT"]
[null,"Material de limpeza e diarista",{"$f":"129.46+(123*8)","v":1113.46},"10563/ORSE - E200300131/EMBASA"]
[null,"Energia ",180,"10555/ORSE"]
[null,"Mobilização e Desmonilização",{"$f":"1200*2/60","v":40},"89.50.20/89.50.21/SUDECAP-MG"]
[null,"Água",394.99,"10554/ORSE"]
[null,"telefone/Internet",{"$f":"154.99+89","v":243.99},"10557/10558/ORSE"]
[]
[]
[]
[null,"Custo Mensal:",{"$f":"SUM(C4:C13)","v":8543.7100000000009}]
[null,"Custo Mensal por pessoa:",{"$f":"C14/C17","v":569.58066666666673}]
[null,"Custo diário por pessoa:",{"$f":"C15/22","v":25.890030303030304}]
[null,"número de pessoas:",15]

{"sheet":"Cotação Voos","index":10,"n_rows":106,"n_cols":6,"rows_kept":106,"cut":false,"hidden":false,"merged":[]}
["COTAÇÕES - IDA DIA 06/10/2025 E VOLTA DIA 10/10/2025"]
["Localidade:","Natal/RN"]
[]
["Origem","Destino"]
["BSB ",{"$f":"B2","v":"Natal/RN"},"Cia 1","Cia 2","Cia 3","Média"]
[null,null,1518,1518,1671,{"$f":"AVERAGE(C6:E6)","v":1569}]
{"$rows_empty":24}
["SP",{"$f":"B2","v":"Natal/RN"},"Cia 1","Cia 2","Cia 3","Média"]
[null,null,1369,1518,1948,{"$f":"AVERAGE(C32:E32)","v":1611.6666666666667}]
{"$rows_empty":24}
["Curitiba",{"$f":"B2","v":"Natal/RN"},"Cia 1","Cia 2","Cia 3","Média"]
[null,null,1000,1146,1649,{"$f":"AVERAGE(C58:E58)","v":1265}]
{"$rows_empty":23}
["Recife",{"$f":"B2","v":"Natal/RN"},"Cia 1","Cia 2","Cia 3","Média"]
[null,null,1654,1654,2639,{"$f":"AVERAGE(C83:E83)","v":1982.3333333333333}]
{"$rows_empty":22}
["VALOR ADOTADO:",null,{"$f":"AVERAGE(F6:F83)","v":1607}]

{"sheet":"CPU-VEICULO_Leve","index":11,"n_rows":84,"n_cols":34,"rows_kept":84,"cut":false,"hidden":false,"merged":[[49,22,49,29],[1,0,1,3],[3,0,3,3],[4,0,4,2],[5,0,5,3],[49,10,49,21],[5,6,5,9]]}
[]
["Composição de Preços de Locação de Veículos",{"$nulls":5},"CV","Média","Mediana"]
[null,"2023-08-23","Data de atualização:","2025-01-22",null,null,{"$f":"_xlfn.STDEV.S(G8:J8)/AVERAGE(G8:J8)","v":0.1466333998024873},{"$f":"AVERAGE(G8:J8)","v":75224.5},{"$f":"MEDIAN(G8:J8)","v":74407.5},null,null,null,"CV","Média","Mediana",{"$nulls":9},"CV","Média","Mediana"]
["CODEVASF ",{"$nulls":5},{"$f":"_xlfn.STDEV.S(G9:J9)/AVERAGE(G9:J9)","v":0.14794297888761376},{"$f":"AVERAGE(G9:J9)","v":51513.25},{"$f":"MEDIAN(G9:J9)","v":55216.5},null,null,null,{"$f":"_xlfn.STDEV.S(N6:V6)/AVERAGE(N6:V6)","v":0.15722347279585167},{"$f":"AVERAGE(N6:V6)","v":26.768888888888892},{"$f":"MEDIAN(N6:V6)","v":27.12},{"$nulls":9},{"$f":"_xlfn.STDEV.S(Z6:AH6)/AVERAGE(Z6:AH6)","v":0.16218949848342898},{"$f":"AVERAGE(Z6:AH6)","v":329.14444444444445},{"$f":"MEDIAN(Z6:AH6)","v":334.75}]
["OBS:               Preço sem BDI e sem motorista                                                           BDI=",{"$nulls":10},"PRODUTO","MENOR","COT. 1","COT. 2","COT. 3","COT. 4","COT. 5","COT. 6","COT. 7","COT. 8","COT. 9",null,"PRODUTO ","MENOR","COT. 1","COT. 2","COT. 3","COT. 4","COT. 5","COT. 6","COT. 7","COT. 8","COT. 9"]
["Veículo Leve 1.0 T. Flex 12V 5p",{"$nulls":5},"Preço FIPE",{"$nulls":4},"LUBRIFICANTE 15W40",{"$f":"SMALL(N4:O4,1)","v":26.768888888888892},27.12,19.010000000000002,28.9,23.9,28.76,33.9,29.44,24.9,24.99,null,"Pneu 185/65 R14",{"$f":"SMALL(Z4:AA4,1)","v":329.14444444444445},289.89999999999998,{"$f":"1255.8/4","v":313.95},289,{"$f":"1339/4","v":334.75},{"$f":"1519.6/4","v":379.9},231,364.9,{"$f":"718/2","v":359},{"$f":"799.8/2","v":399.9}]
[null,null,"Custo Mensal (R$):",{"$f":"D48","v":1183.6202897398389},null,null,"Renault Kwid Zen 1.0","Hyndai HB20 Sense 1.0 ","ONIX HATCH LT 1.0 12V Flex 5p Mec.","MOBI TREKKING 1.0 Flex 5p.",null,null,""]
[null,null,"Custo Diário (R$):",{"$f":"D7/30","v":39.454009657994632},null,"0 km",63868,80150,88215,68665]
[null,null,"Custo Horário (R$):",{"$f":"D7/176","v":6.7251152826127205},null,"5 anos de uso",40085,55344,55535,55089]
["A",null,"Depreciação mensal do equipamento"]
["A1",null,"Preço de Aquisição ",{"$f":"SMALL(H3:I3,1)","v":74407.5}]
["A2",null,"Tempo previsto de vida útil (meses)",72]
["A3",null,"Previsão de recup. Na venda do bem usado",0.6]
["A4",null,"Custo mensal [A1-(A3xA1)]/A2",{"$f":"(D11-(D13*D11))/D12","v":413.375}]
["B",null,"Juros pelo Capital empregado"]
["B1",null,"Taxa mensal de Juros *",{"$f":"POWER(1+D53,1/12)-1","v":1.171491691985338E-2}]
["B2",null,"Juros s/depreciação/aluguel (B1xA4)",{"$f":"D16*D14","v":4.8426537817443904}]
["C",null,"Conservação e manutenção **",0.55000000000000004]
["C1",null,"Taxa de gastos s/a deprec. Inc. seguros (%)",{"$f":"D18","v":0.55000000000000004}]
["C2",null,"Incidência mensal (C1xA4)",{"$f":"D19*D14","v":227.35625000000002}]
["D",null,"Combustível"]
["D1",null,"Média mensal de quilômetro por veículo",{"$f":"50*22","v":1100}]
["D2",null,"Preço do litro de combustível",{"$f":"G82","v":6.14}]
["D3",null,"Quilômetros rodados com um litro combustivel",{"$f":"(12.8+13.3+15.3+15)/4","v":14.100000000000001}]
["D4",null,"Combustivel    (D1/D3)*D2",{"$f":"(D22/D24)*D23","v":479.00709219858146}]
["E",null,"Lubrificantes"]
["E1",null,"Quilometragem do Contrato (D1*12)",{"$f":"D22*60","v":66000}]
["E2",null,"Franquia por troca de óleo (km)",10000]
["E3",null,"Preço do litro de óleo",{"$f":"M6","v":26.768888888888892}]
["E4",null,"Quantidade de litros de óleo por troca",4]
["E5",null,"Quantidade de dias do Contrato",{"$f":"365*3","v":1095}]
["E6",null,"Lubrificantes  E = (E1*E3*E4*30)/E2*E5",{"$f":"(D27*D29*D30*30)/(D28*D31)","v":19.361607305936076}]
["F",null,"Pneus"]
["F1",null,"Quilometragem do Contrato ",{"$f":"D27","v":66000}]
["F2",null,"Vida do Pneu em quilômetros",60000]
["F3",null,"Quantidade de pneus",4]
["F4",null,"Preço do Pneu",{"$f":"Y6","v":329.14444444444445}]
["F5",null,"Quantidade de dias do contrato ",{"$f":"D31","v":1095}]
["F6",null,"Pneus = (F1*F3*F4*30)/(F2*F5)",{"$f":"(D34*D36*D37*30)/(D35*D38)","v":39.677686453576868}]
["G",null,"Motorista"]
["G1",null,"Salário com encargos sociais",0]
["H",null,"Custo Mensal"," ",{"$nulls":7},"https://www.google.com/search?q=lubrificante+15w40+1l&sa=X&biw=1600&bih=757&tbm=shop&sxsrf=AJOqlzUezMM_9i0M4NKjKqAMycLuOygp_g%3A1677158931166&ei=E2r3Y5e2CcH31sQPsK67CA&ved=0ahUKEwjXi8vy36v9AhXBu5UCHTDXDgEQ4dUDCAg&uact=5&oq=lubrificante+15w40+1l&gs_lcp=Cgtwcm9kdWN0cy1jYxADMgsIABAWEB4Q8QQQGDoICAAQgAQQsAM6CQgAEAcQHhCwAzoJCAAQCBAeELADOgkIABAeELADEBg6DggAEAUQHhDxBBCwAxAYOgUIABCABDoGCAAQFhAeOggIABAWEB4QGEoECEEYAVDeBFi3DWD0D2gBcAB4AIABpQWIAZAIkgEHMy0xLjAuMZgBAKABAcgBCsABAQ&sclient=products-cc"]
[null,null,"Sem Motorista (A4+B2+C2+D4+E6+F6)",{"$f":"D14+D17+D20+D25+D32+D39","v":1183.6202897398389}]
[null,null,"Com Motorista (A4+B2+C2+D4+E6+F6+G1)",{"$f":"D14+D17+D20+D25+D32+D39+D41","v":1183.6202897398389}]
["I",null,"Custo Direto p/ km Rodado"]
[null,null,"Sem Motorista",{"$f":"D43/D22","v":1.0760184452180352},{"$nulls":18},"https://www.google.com/search?q=Pneu+185%2F65+R14&sa=X&hl=pt-BR&biw=1600&bih=757&tbm=shop&sxsrf=AJOqlzVJW-LYM1ZPHImwhsD-4UwyAvTluQ%3A1677158863331&ei=z2n3Y-uxE-zT1sQP0r-OmAs&ved=0ahUKEwir1Z7S36v9AhXsqZUCHdKfA7MQ4dUDCAg&uact=5&oq=Pneu+185%2F65+R14&gs_lcp=Cgtwcm9kdWN0cy1jYxADMgsIABCABBCxAxCDATIFCAAQgAQyBQgAEIAEMgUIABCABDIFCAAQgAQyBQgAEIAEMgUIABCABDIFCAAQgAQyBQgAEIAEMgUIABCABEoECEEYAFD5A1jGCWC1EGgAcAB4AIABrQmIAdcbkgEHNS0yLjAuMpgBAKABAcABAQ&sclient=products-cc"]
[null,null,"Com Motorista",{"$f":"D44/D22","v":1.0760184452180352}]
["J",null,"Preço cobrado sem BDI",{"$f":"D43*(1+D5)","v":1183.6202897398389}]
["J1",null,"Sem Motorista",{"$f":"D48","v":1183.6202897398389}]
["J2",null,"Com Motorista",{"$f":"D44","v":1183.6202897398389}]
[]
[]
["*",null,"Calculado com base na taxa SELIC JANEIRO/2025:",0.15]
[]
["**",null,"Conservação e manutenção - é calculado com o uso de um coeficiente multiplicador \"k\", conforme tabela abaixo, sobre a "]
[null,null,"depreciação mensal do equipamento (Item A da planilha de composição de preços). Os valores de K são fornecidos por"]
[null,null," fabricantes. "]
[null,null,"Metodologia conforme a bibliografia \"Como Preparar Orçamentos de Obras\", 3 edição, Aldo Dórea Mattos, 2019."]
{"$rows_empty":23}
[{"$nulls":5},"PREÇO DA GASOLINA",6.14]
[]
[{"$nulls":5},"https://precos.petrobras.com.br/sele%C3%A7%C3%A3o-de-estados-gasolina"]

{"sheet":"CPU-VEICULO_PickUp","index":12,"n_rows":61,"n_cols":34,"rows_kept":61,"cut":false,"hidden":false,"merged":[[52,20,52,27],[4,0,4,2],[6,0,6,2],[7,0,7,1],[8,0,8,2],[52,9,52,19],[8,5,8,8]]}
[]
[]
[]
[]
["Composição de Preços de Locação de Veículo tipo pick-up"]
[null,"Data de atualização:","2025-01-22",null,null,"CV ","Média ","Mediana",null,null,null,"CV","Média","Mediana",{"$nulls":8},"CV","Média","Mediana"]
["CODEVASF ",null,null,null,"0 km",{"$f":"_xlfn.STDEV.S(F11:I11)/AVERAGE(F11:I11)","v":9.4618047486117282E-2},{"$f":"AVERAGE(F11:I11)","v":200477},{"$f":"MEDIAN(F11:I11)","v":205565.5},null,null,null,{"$f":"_xlfn.STDEV.S(M9:T9)/AVERAGE(M9:T9)","v":0.20491936834598948},{"$f":"AVERAGE(M9:T9)","v":34.548571428571428},{"$f":"MEDIAN(M9:T9)","v":30.91},{"$nulls":8},{"$f":"_xlfn.STDEV.S(X9:AE9)/AVERAGE(X9:AE9)","v":0.12410235614319021},{"$f":"AVERAGE(X9:AE9)","v":499.01906250000008},{"$f":"MEDIAN(X9:AE9)","v":499.45}]
["OBS:               Preço sem BDI e sem motorista                                                                   BDI=",null,null,null,"5 anos de uso",{"$f":"_xlfn.STDEV.S(F12:I12)/AVERAGE(F12:I12)","v":6.3052970006163819E-2},{"$f":"AVERAGE(F12:I12)","v":117798},{"$f":"MEDIAN(F12:I12)","v":119744},null,null,"PRODUTO ","MENOR (MÉDIA, MEDIANA)","COT. 1","COT. 2","COT. 3","COT. 4","COT. 5","COT. 6","COT. 7","COT. 8",null,"PRODUTO","MENOR (MÉDIA, MEDIANA)","COT. 1","COT. 2","COT. 3","COT. 4","COT. 5","COT. 6","COT. 7","COT. 8"]
["Veículo tipo pick-up, cabine dupla - 2.0 16V 4x4 diesel Aut.",{"$nulls":4},"Preço FIPE ",{"$nulls":4},"LUBRIFICANTE 5W30",{"$f":"SMALL(M7:N7,1)","v":30.91},33.33,26.9,30.9,30.9,30.91,46,42.9,null,null,"Pneu 225/65 R17",{"$f":"SMALL(X7:Y7,1)","v":499.01906250000008},499,479.9,565.25,393.38,449.9,{"$f":"2059.44/4","v":514.86},{"$f":"2359.85/4","v":589.96249999999998},499.9]
[null,"Custo Mensal (R$):",{"$f":"C51","v":2693.9572961889662},null,null,"Toro Ultra 2.0 16V 4x4 TB Diesel Aut.","Toro Freedom 2.0 16V 4x4 TB Diesel Aut.","Toro Volcano 2.0 16V 4x4 TB Diesel Aut."," Toro Ranch 2.0 16V 4x4 TB Diesel Aut.\n"]
[null,"Custo Diária (R$):",{"$f":"C10/22","v":122.45260437222574},null,"0km",215525,175252,196485,214646]
[null,"Custo Horário (R$):",{"$f":"C10/176","v":15.306575546528217},null,"5 anos de uso",124305,107399,117814,121674]
["A","Depreciação mensal do equipamento"]
["A1","Preço de Aquisição ",{"$f":"SMALL(G7:H7,1)","v":200477}]
["A2","Tempo previsto de vida útil (meses)",72]
["A3","Previsão de recup. Na venda do bem usado",{"$f":"MIN(G8:H8)/C14","v":0.58758860118617096}]
["A4","Custo mensal [A1-(A3xA1)]/A2",{"$f":"(C14-(C16*C14))/C15","v":1148.3194444444443}]
["B","Juros pelo Capital empregado"]
["B1","Taxa mensal de Juros *",{"$f":"POWER(1+C56,1/12)-1","v":1.171491691985338E-2}]
["B2","Juros s/depreciação/aluguel (B1xA4)",{"$f":"C19*C17","v":13.452466889118854}]
["C","Conservação e manutenção **",0.55000000000000004]
["C1","Taxa de gastos s/a deprec. Inc. seguros (%)",{"$f":"C21","v":0.55000000000000004},{"$nulls":29},"PREÇO DO DIESEL",6.1]
["C2","Incidência mensal (C1xA4)",{"$f":"C22*C17","v":631.57569444444448},{"$nulls":29},"https://precos.petrobras.com.br/sele%C3%A7%C3%A3o-de-estados-diesel "]
["D","Combustível"]
["D1","Média mensal de quilômetro por veículo",{"$f":"60*22","v":1320}]
["D2","Preço do litro de combustível",{"$f":"AH22","v":6.1}]
["D3","Quilômetros rodados com um litro combustivel",10]
["D4","Combustivel    (D1/D3)*D2",{"$f":"(C25/C27)*C26","v":805.19999999999993}]
["E","Lubrificantes"]
["E1","Quilometragem do Contrato (D1*12)",{"$f":"C25*60","v":79200}]
["E2","Franquia por troca de óleo (km)",10000]
["E3","Preço do litro de óleo",{"$f":"L9","v":30.91}]
["E4","Quantidade de litros de óleo por troca",5]
["E5","Quantidade de dias do Contrato",{"$f":"365*3","v":1095}]
["E6","Lubrificantes  E = (E1*E3*E4*30)/E2*E5",{"$f":"(C30*C32*C33*30)/(C31*C34)","v":33.535232876712328}]
["F","Pneus"]
["F1","Quilometragem do Contrato ",{"$f":"C30","v":79200}]
["F2","Vida do Pneu em quilômetros",70000]
["F3","Quantidade de pneus",4]
["F4","Preço do Pneu",{"$f":"W9","v":499.01906250000008}]
["F5","Quantidade de dias do contrato ",{"$f":"C34","v":1095}]
["F6","Pneus = (F1*F3*F4*30)/(F2*F5)",{"$f":"(C37*C39*C40*30)/(C38*C41)","v":61.874457534246588}]
["G","Motorista"]
["G1","Salário com encargos sociais",0]
["H","Custo Mensal"," "]
[null,"Sem Motorista (A4+B2+C2+D4+E6+F6)",{"$f":"C17+C20+C23+C28+C35+C42","v":2693.9572961889662}]
[null,"Com Motorista (A4+B2+C2+D4+E6+F6+G1)",{"$f":"C17+C20+C23+C28+C35+C42+C44","v":2693.9572961889662}]
["I","Custo Direto p/ km Rodado"]
[null,"Sem Motorista",{"$f":"C46/C25","v":2.0408767395370955}]
[null,"Com Motorista",{"$f":"C47/C25","v":2.0408767395370955}]
["J","Preço cobrado sem BDI",{"$f":"C46*(1+C8)","v":2693.9572961889662}]
["J1","Sem Motorista",{"$f":"C51","v":2693.9572961889662}]
["J2","Com Motorista",{"$f":"C47","v":2693.9572961889662},{"$nulls":6},"https://www.google.com/search?q=lubrificante+5w30+1l&sa=X&sca_esv=c77f5342bf7e367a&tbm=shop&ei=e0uKZ-DcDNKp5OUPkOKj6QY&ved=0ahUKEwighoOy3_yKAxXSFLkGHRDxKG0Q4dUDCAg&uact=5&oq=lubrificante+5w30+1l&gs_lp=Egtwcm9kdWN0cy1jYyIUbHVicmlmaWNhbnRlIDV3MzAgMWxIgQ9Q4AlY8Q1wAHgAkAEAmAFroAGgA6oBAzEuM7gBA8gBAPgBAZgCAqAC0gHCAgUQABiABMICBhAAGAcYHsICBhAAGAgYHsICBhAAGBYYHpgDAIgGAZIHAzEuMaAHxQU&sclient=products-cc",{"$nulls":10},"https://www.google.com/search?q=pneu+225%2F65+R17&sa=X&biw=1600&bih=757&tbm=shop&sxsrf=AJOqlzWsb-d4PS1_OUOEhKmRc2RbtSg3RQ%3A1677092596279&ei=9Gb2Y9K5ENTa5OUPvLykGA&ved=0ahUKEwjSg9Pj6Kn9AhVULbkGHTweCQMQ4dUDCAg&uact=5&oq=pneu+225%2F65+R17&gs_lcp=Cgtwcm9kdWN0cy1jYxADMgsIABCABBCxAxCDATIFCAAQgAQyBwgAEIAEEAoyBwgAEIAEEAoyBwgAEIAEEAoyBwgAEIAEEAoyBwgAEIAEEAoyBQgAEIAEMgcIABCABBAKMgcIABCABBAKOgQIIxAnOgQIABBDSgQIQRgAUABYoTJgqUBoAHAAeACAAdIFiAGUKZIBDTAuMi42LjIuMi4yLjGYAQCgAQHAAQE&sclient=products-cc"]
[]
[null,"OBSERVAÇÕES:"]
["*","Calculado com base na taxa SELIC JANEIRO/2025:",0.15]
[null," Taxa de Juros Selic — Português (Brasil) (www.gov.br) "]
["**","Conservação e manutenção - é calculado com o uso de um coeficiente multiplicador \"k\", conforme tabela abaixo, sobre a "]
[null,"depreciação mensal do equipamento (Item A da planilha de composição de preços). Os valores de K são fornecidos por"]
[null," fabricantes. "]
[null,"Metodologia conforme a bibliografia \"Como Preparar Orçamentos de Obras\", 3 edição, Aldo Dórea Mattos, 2019."]

{"sheet":"CPU HOSPEDAGEM","index":13,"n_rows":19,"n_cols":4,"rows_kept":19,"cut":false,"hidden":false,"merged":[[2,1,2,2]]}
[]
[null,"Engenharia Consultiva da Codevasf"]
[null,"CPU - HOSPEDAGEM EQUIPE DE CAMPO (4 PESSOAS/MÊS)",null,"Código/Referencia"]
[null,"ALUGUEL ",3074.56,"F020003334/EMBASA insumo"]
[null,"Aquisição de Mobiliário",{"$f":"42.11*C16","v":168.44},"B8954/DNIT"]
[null,"Material de limpeza e diarista",{"$f":"129.46+(123*8)","v":1113.46},"10563/ORSE - E200300131/EMBASA"]
[null,"manutenção da casa alugada - Serviços Gerais/Vigia ","2.659,21\t","41096/SINAPI"]
[null,"Energia ",180,"10555/ORSE"]
[null,"Água",394.99,"10554/ORSE"]
[null,"telefone/Internet",{"$f":"154.99+89","v":243.99},"10557/10558/ORSE"]
[null,"IPTU (mês)",{"$f":"(C4*0.5)/12","v":128.10666666666665}]
[]
[null,"Custo Mensal:",{"$f":"SUM(C4:C12)","v":5303.5466666666662}]
[null,"Custo Mensal por pessoa:",{"$f":"C13/C16","v":1325.8866666666665}]
[null,"Custo diário por pessoa:",{"$f":"C14/22","v":60.267575757575749}]
[null,"número de pessoas:",4]
[null,"Alimentação:",100.59,"Tabela Diária Codevasf 2024"]
[]
[null,"Diária Total (alimentação + hospedagem):",{"$f":"C15+C17","v":160.85757575757575}]

{"sheet":"MDO - DNIT","index":14,"n_rows":101,"n_cols":26,"rows_kept":101,"cut":false,"hidden":false,"merged":[[1,20,1,21],[0,16,0,21],[0,22,1,23],[0,24,1,24],[1,6,1,7],[1,8,1,9],[1,10,1,11],[1,12,1,13],[1,14,1,15],[1,16,1,17],[1,18,1,19],[0,6,0,15],[0,0,2,0],[0,1,2,1],[0,2,2,2],[0,3,1,3],[0,4,1,5]]}
["Código","Categoria","Unid.","Salário","Encargos Sociais",null,"Encargos Complementares",{"$nulls":9},"Encargos Adicionais",{"$nulls":5},"Encargos Totais",null,"Valor Total"]
[{"$nulls":6},"Alimentação",null,"EPI",null,"Ferramenta",null,"Transporte",null,"Exame Ocupacional",null,"Cesta Básica",null,"Assistência Médica",null,"Seguro de Vida"]
[null,null,null,"R$","%","R$","%","R$","%","R$","%","R$","%","R$","%","R$","%","R$","%","R$","%","R$","%","R$","R$"]
["P8001","Advogado júnior","mês",4939.72,79.39,3921.65,14.91,736.74,0.54999999999999993,27.13,0,0,0,0,0.06,3.02,0,0,6.36,314.2,0.2,9.98,101.47999999999999,5012.72,9952.44,{"$f":"Y4-F4-D4","v":1091.0700000000006}]
["P8002","Advogado pleno","mês",6586.3,79.39,5228.8599999999997,11.19,736.74,0.41000000000000003,27.13,0,0,0,0,0.05,3.02,0,0,4.7699999999999996,314.2,0.15,9.98,95.960000000000008,6319.94,12906.23,{"$f":"Y5-F5-D5","v":1091.0699999999997}]
["P8003","Advogado sênior","mês",12088.9,79.39,9597.3799999999992,6.09,736.74,0.22,27.13,0,0,0,0,0.02,3.02,0,0,2.6,314.2,0.08,9.98,88.42,10688.45,22777.35,1091.0699999999997]
["P8007","Analista de desenvolvimento de sistemas júnior","mês",4251.21,79.59,3383.54,17.330000000000002,736.74,0,0,0,0,0,0,0.08,3.27,0,0,7.39,314.2,0.22999999999999998,9.98,104.62,4447.7299999999996,8698.9500000000007,1064.2000000000007]
["P8008","Analista de desenvolvimento de sistemas pleno","mês",5668.29,79.59,4511.3900000000003,13,736.74,0,0,0,0,0,0,0.06,3.27,0,0,5.54,314.2,0.18,9.98,98.36,5575.58,11243.87,1064.1900000000005]
["P8009","Analista de desenvolvimento de sistemas sênior","mês",10092,79.59,8032.22,7.3,736.74,0,0,0,0,0,0,0.03,3.27,0,0,3.11,314.2,0.1,9.98,90.13,9096.41,19188.41,1064.1899999999987]
["P8013","Arquiteto júnior","mês",12903,79.430000000000007,10248.85,5.71,736.74,0.21,27.13,0,0,0,0,0.02,2.8,0,0,2.44,314.2,0.08,9.98,87.88,11339.71,24242.71,1090.8599999999988]
["P8014","Arquiteto pleno","mês",14712.81,79.430000000000007,11686.39,5.01,736.74,0.18,27.13,0,0,0,0,0.02,2.8,0,0,2.1399999999999997,314.2,6.9999999999999993E-2,9.98,86.839999999999989,12777.24,27490.05,1090.8500000000004]
["P8015","Arquiteto sênior","mês",16522.62,79.430000000000007,13123.92,4.46,736.74,0.16,27.13,0,0,0,0,0.02,2.8,0,0,1.9,314.2,0.06,9.98,86.03,14214.77,30737.39,1090.8500000000022]
["P8019","Assistente social júnior","mês",3362.83,80.12,2694.3,21.91,736.74,0.80999999999999994,27.13,0,0,1.4000000000000001,47.13,0.13,4.22,0,0,9.34,314.2,0.3,9.98,113.99999999999999,3833.7,7196.53,1139.3999999999996]
["P8020","Assistente social pleno","mês",4483.7700000000004,80.12,3592.4,16.43,736.74,0.61,27.13,0,0,0,0,0.09,4.22,0,0,7.01,314.2,0.22,9.98,104.47999999999999,4684.67,9168.44,1092.2700000000004]
["P8021","Assistente social sênior","mês",7579.69,80.12,6072.85,9.7199999999999989,736.74,0.36,27.13,0,0,0,0,0.06,4.22,0,0,4.1500000000000004,314.2,0.13,9.98,94.53,7165.12,14744.81,1092.2699999999995]
["P8025","Auxiliar","mês",1665.28,81.72,1360.86,44.24,736.74,1.9800000000000002,33.03,0.1,1.69,8.9499999999999993,148.97999999999999,0.33999999999999997,5.64,0,0,18.87,314.2,0.6,9.98,156.80000000000001,2611.13,4276.41,1250.2700000000002]
["P8026","Auxiliar administrativo","mês",1931.52,80.33,1551.59,38.14,736.74,0,0,0,0,6.8900000000000006,133.01,0.24,4.6500000000000004,0,0,16.27,314.2,0.52,9.98,142.38,2750.17,4681.6899999999996,1198.5799999999995]
["P8027","Auxiliar de laboratório","mês",1836.99,80.41,1477.12,40.11,736.74,1.7999999999999998,33.03,0.19,3.49,7.55,138.68,0.21,3.86,0,0,17.100000000000001,314.2,0.54,9.98,147.91,2717.1,4554.09,1239.9800000000002]
["P8028","Auxiliar de topografia","mês",1665.28,80.600000000000009,1342.21,44.24,736.74,1.9800000000000002,33.03,0.09,1.47,8.9499999999999993,148.97999999999999,0.24,4.0599999999999996,0,0,18.87,314.2,0.6,9.98,155.57000000000002,2590.6799999999998,4255.96,1248.47]
["P8032","Biólogo júnior","mês",3225.03,79.75,2571.96,22.84,736.74,0.84,27.13,0,0,1.72,55.4,0.11,3.47,0,0,9.74,314.2,0.31,9.98,115.31,3718.88,6943.91,1146.9199999999996]
["P8033","Biólogo pleno","mês",4300.04,79.75,3429.28,17.130000000000003,736.74,0.63,27.13,0,0,0,0,0.08,3.47,0,0,7.31,314.2,0.22999999999999998,9.98,105.13,4520.8100000000004,8820.85,1091.5299999999997]
["P8034","Biólogo sênior","mês",7780.45,79.75,6204.91,9.4700000000000006,736.74,0.35000000000000003,27.13,0,0,0,0,0.04,3.47,0,0,4.04,314.2,0.13,9.98,93.78,7296.43,15076.89,1091.5299999999997]
["P8038","Chefe de escritório","mês",3574.77,79.5,2841.94,20.61,736.74,0,0,0,0,0.96,34.409999999999997,6.9999999999999993E-2,2.5499999999999998,0,0,8.7900000000000009,314.2,0.27999999999999997,9.98,110.21000000000001,3939.83,7514.6,1097.8899999999999]
["P8040","Contador júnior","mês",4357.59,79.5,3464.28,16.91,736.74,0,0,0,0,0,0,0.06,2.6,0,0,7.21,314.2,0.22999999999999998,9.98,103.91,4527.8,8885.39,1063.5199999999986]
["P8041","Contador pleno","mês",5810.11,79.5,4619.04,12.68,736.74,0,0,0,0,0,0,0.04,2.6,0,0,5.41,314.2,0.16999999999999998,9.98,97.8,5682.56,11492.68,1063.5300000000007]
["P8042","Contador sênior","mês",11135.61,79.5,8852.81,6.6199999999999992,736.74,0,0,0,0,0,0,0.02,2.6,0,0,2.82,314.2,0.09,9.98,89.05,9916.34,21051.95,1063.5300000000007]
["P8044","Coordenador ambiental","mês",18152.96,79.92,14507.85,4.0599999999999996,736.74,0.13999999999999999,24.78,0,0,0,0,0.02,4.08,0,0,1.73,314.2,0.05,9.98,85.92,15597.62,33750.589999999997,1089.7799999999988]
["P8045","Economista júnior","mês",4833.4799999999996,78.7,3803.95,15.24,736.74,0,0,0,0,0,0,0.04,1.84,0,0,6.5,314.2,0.21,9.98,100.69,4866.71,9700.18,1062.7500000000009]
["P8046","Economista pleno","mês",6444.64,78.7,5071.93,11.43,736.74,0,0,0,0,0,0,0.03,1.84,0,0,4.88,314.2,0.15,9.98,95.19,6134.69,12579.32,1062.7499999999991]
["P8047","Economista sênior","mês",9829.99,78.7,7736.2,7.4899999999999993,736.74,0,0,0,0,0,0,0.02,1.84,0,0,3.2,314.2,0.1,9.98,89.51,8798.9599999999991,18628.95,1062.7600000000002]
["P8054","Engenheiro agrônomo júnior","mês",12903,79.36,10239.82,5.71,736.74,0.21,27.13,0,0,0,0,0.02,3.02,0,0,2.44,314.2,0.08,9.98,87.82,11330.9,24233.9,1091.0800000000017]
["P8055","Engenheiro agrônomo pleno","mês",13740.95,79.36,10904.81,5.36,736.74,0.2,27.13,0,0,0,0,0.02,3.02,0,0,2.29,314.2,6.9999999999999993E-2,9.98,87.3,11995.89,25736.84,1091.08]
["P8056","Engenheiro agrônomo sênior","mês",14578.89,79.36,11569.81,5.0500000000000007,736.74,0.19,27.13,0,0,0,0,0.02,3.02,0,0,2.16,314.2,6.9999999999999993E-2,9.98,86.839999999999989,12660.88,27239.78,1091.08]
["P8057","Engenheiro ambiental júnior","mês",12903,80.28,10358.530000000001,5.71,736.74,0.21,27.13,0,0,0,0,0.04,4.63,0,0,2.44,314.2,0.08,9.98,88.75,11451.21,24354.21,1092.6799999999985]
["P8058","Engenheiro ambiental pleno","mês",14125.9,80.28,11340.28,5.2200000000000006,736.74,0.19,27.13,0,0,0,0,0.03,4.63,0,0,2.2200000000000002,314.2,6.9999999999999993E-2,9.98,88.02,12432.96,26558.86,1092.6800000000003]
["P8059","Engenheiro ambiental sênior","mês",15348.81,80.28,12322.02,4.8,736.74,0.18,27.13,0,0,0,0,0.03,4.63,0,0,2.0500000000000003,314.2,6.9999999999999993E-2,9.98,87.4,13414.7,28763.51,1092.6799999999985]
["P8060","Engenheiro consultor especial","mês",22750.26,79.78,18150.16,3.2399999999999998,736.74,0.11,24.78,0,0,0,0,0.02,3.75,0,0,1.38,314.2,0.04,9.98,84.570000000000007,19239.61,41989.87,1089.4500000000044]
["P8061","Engenheiro coordenador","mês",18958.55,79.78,15125.13,3.8899999999999997,736.74,0.13,24.78,0,0,0,0,0.02,3.75,0,0,1.66,314.2,0.05,9.98,85.53,16214.58,35173.129999999997,1089.4500000000007]
["P8062","Engenheiro de pesca júnior","mês",12903,80.150000000000006,10341.75,5.71,736.74,0.21,27.13,0,0,0,0,0.03,3.5,0,0,2.44,314.2,0.08,9.98,88.61,11433.3,24336.3,1091.5499999999993]
["P8063","Engenheiro de pesca pleno","mês",13978.87,80.150000000000006,11204.06,5.27,736.74,0.19,27.13,0,0,0,0,0.03,3.5,0,0,2.25,314.2,6.9999999999999993E-2,9.98,87.960000000000008,12295.61,26274.48,1091.5499999999993]
["P8064","Engenheiro de pesca sênior","mês",15054.74,80.150000000000006,12066.37,4.8899999999999997,736.74,0.18,27.13,0,0,0,0,0.02,3.5,0,0,2.09,314.2,6.9999999999999993E-2,9.98,87.4,13157.92,28212.66,1091.5499999999993]
["P8065","Engenheiro de projetos júnior","mês",12903,79.78,10294.01,5.71,736.74,0.21,27.13,0,0,0,0,0.03,3.75,0,0,2.44,314.2,0.08,9.98,88.24,11385.81,24288.81,1091.8000000000011]
["P8066","Engenheiro de projetos pleno","mês",14740.22,79.78,11759.75,5,736.74,0.18,27.13,0,0,0,0,0.03,3.75,0,0,2.13,314.2,6.9999999999999993E-2,9.98,87.19,12851.55,27591.759999999998,1091.7899999999991]
["P8067","Engenheiro de projetos sênior","mês",16577.43,79.78,13225.48,4.4400000000000004,736.74,0.16,27.13,0,0,0,0,0.02,3.75,0,0,1.9,314.2,0.06,9.98,86.37,14317.28,30894.71,1091.7999999999993]
["P8068","Engenheiro florestal júnior","mês",12903,80.150000000000006,10341.75,5.71,736.74,0.21,27.13,0,0,0,0,0.03,3.5,0,0,2.44,314.2,0.08,9.98,88.61,11433.3,24336.3,1091.5499999999993]
["P8069","Engenheiro florestal pleno","mês",13978.87,80.150000000000006,11204.06,5.27,736.74,0.19,27.13,0,0,0,0,0.03,3.5,0,0,2.25,314.2,6.9999999999999993E-2,9.98,87.960000000000008,12295.61,26274.48,1091.5499999999993]
["P8070","Engenheiro florestal sênior","mês",15054.74,80.150000000000006,12066.37,4.8899999999999997,736.74,0.18,27.13,0,0,0,0,0.02,3.5,0,0,2.09,314.2,6.9999999999999993E-2,9.98,87.4,13157.92,28212.66,1091.5499999999993]
["P8080","Geólogo júnior","mês",12903,80.239999999999995,10353.370000000001,5.5,709.66,0.21,27.13,0,0,0,0,0.03,3.76,0,0,2.44,314.2,0.08,9.98,88.490000000000009,11418.09,24321.09,1064.7199999999993]
["P8081","Geólogo pleno","mês",13712.52,80.239999999999995,11002.93,5.18,709.66,0.2,27.13,0,0,0,0,0.03,3.76,0,0,2.29,314.2,6.9999999999999993E-2,9.98,88,12067.66,25780.18,1064.7299999999996]
["P8082","Geólogo sênior","mês",14522.05,80.239999999999995,11652.49,4.8899999999999997,709.66,0.19,27.13,0,0,0,0,0.03,3.76,0,0,2.16,314.2,6.9999999999999993E-2,9.98,87.570000000000007,12717.22,27239.27,1064.7300000000014]
["P8092","Jornalista júnior","mês",3280.26,79.600000000000009,2611.09,22.46,736.74,0.83,27.13,0,0,1.59,52.08,0.08,2.4900000000000002,0,0,9.58,314.2,0.3,9.98,114.43,3753.72,7033.98,1142.6299999999992]
["P8093","Jornalista pleno","mês",4373.6899999999996,79.600000000000009,3481.45,16.84,736.74,0.62,27.13,0,0,0,0,0.06,2.4900000000000002,0,0,7.1800000000000006,314.2,0.22999999999999998,9.98,104.52999999999999,4572,8945.68,1090.5400000000009]
["P8094","Jornalista sênior","mês",8312.6200000000008,79.600000000000009,6616.84,8.86,736.74,0.33,27.13,0,0,0,0,0.03,2.4900000000000002,0,0,3.7800000000000002,314.2,0.12,9.98,92.72,7707.39,16020,1090.5399999999991]
["P8098","Laboratorista","mês",2449.31,80.41,1969.49,30.080000000000002,736.74,1.24,30.41,0,0,4.16,101.94,0.16,3.86,0,0,12.83,314.2,0.41000000000000003,9.98,129.29,3166.63,5615.95,1197.1500000000001]
["P8102","Médico veterinário","mês",12903,79.12,10208.85,5.71,736.74,0.21,27.13,0,0,0,0,0.02,2.68,0,0,2.44,314.2,0.08,9.98,87.570000000000007,11299.58,24202.58,1090.7300000000014]
["P8106","Meteorologista júnior","mês",5337.05,79.75,4256.3,13.8,736.74,0.51,27.13,0,0,0,0,0.05,2.68,0,0,5.89,314.2,0.19,9.98,100.19,5347.03,10684.08,1090.7299999999996]
["P8107","Meteorologista pleno","mês",7116.07,79.75,5675.07,10.35,736.74,0.38,27.13,0,0,0,0,0.04,2.68,0,0,4.42,314.2,0.13999999999999999,9.98,95.08,6765.8,13881.87,1090.7300000000014]
["P8108","Meteorologista sênior","mês",11704.98,79.75,9334.7199999999993,6.29,736.74,0.22999999999999998,27.13,0,0,0,0,0.02,2.68,0,0,2.68,314.2,0.09,9.98,89.070000000000007,10425.450000000001,22130.43,1090.7300000000014]
["P8112","Motorista de caminhão","mês",2472.4699999999998,80.569999999999993,1992.07,29.799999999999997,736.74,1.34,33.03,0,0,4.07,100.55,0.16,3.97,0,0,12.709999999999999,314.2,0.4,9.98,129.04,3190.54,5663,1198.4600000000005]
["P8113","Motorista de veículo leve","mês",2160.31,80.11,1730.63,34.1,736.74,1.53,33.03,0,0,5.52,119.28,0.16,3.48,0,0,14.540000000000001,314.2,0.45999999999999996,9.98,136.43,2947.34,5107.6499999999996,1216.7099999999996]
["P8117","Oceanógrafo júnior","mês",4764.92,82.55,3933.44,15.459999999999999,736.74,0.57000000000000006,27.13,0,0,0,0,0.12,5.7,0,0,6.59,314.2,0.21,9.98,105.5,5027.1899999999996,9792.1200000000008,1093.7600000000002]
["P8118","Oceanógrafo pleno","mês",6353.23,82.55,5244.59,11.600000000000001,736.74,0.43,27.13,0,0,0,0,0.09,5.7,0,0,4.95,314.2,0.16,9.98,99.77000000000001,6338.34,12691.57,1093.75]
["P8119","Oceanógrafo sênior","mês",11634.21,82.55,9604.0400000000009,6.3299999999999992,736.74,0.22999999999999998,27.13,0,0,0,0,0.05,5.7,0,0,2.7,314.2,0.09,9.98,91.95,10697.79,22332,1093.75]
["P8129","Pedagogo júnior","mês",2518.27,97.740000000000009,2461.35,29.26,736.74,1.08,27.13,0,0,3.88,97.8,0.16,4.1399999999999997,0,0,12.479999999999999,314.2,0.4,9.98,144.99,3651.35,6169.62,1190]
["P8130","Pedagogo pleno","mês",3357.69,97.740000000000009,3281.81,21.94,736.74,0.80999999999999994,27.13,0,0,1.41,47.44,0.12,4.1399999999999997,0,0,9.36,314.2,0.3,9.98,131.68,4421.4399999999996,7779.13,1139.6299999999997]
["P8131","Pedagogo sênior","mês",4447.62,97.740000000000009,4347.1099999999997,16.559999999999999,736.74,0.61,27.13,0,0,0,0,0.09,4.1399999999999997,0,0,7.06,314.2,0.22,9.98,122.30000000000001,5439.3,9886.92,1092.1900000000005]
["P8135","Secretária","mês",2841.65,80.430000000000007,2285.54,25.929999999999996,736.74,0,0,0,0,2.76,78.400000000000006,0.16,4.47,0,0,11.06,314.2,0.35000000000000003,9.98,120.68,3429.33,6270.98,1143.7899999999995]
["P8139","Sondador","mês",2149.64,80.12,1722.29,34.270000000000003,736.74,1.41,30.41,0,0,5.58,119.92,0.21,4.58,0,0,14.62,314.2,0.45999999999999996,9.98,136.68,2938.13,5087.7700000000004,1215.8400000000006]
["P8143","Técnico ambiental","mês",2987.19,80.75,2412.15,24.66,736.74,1.02,30.41,0,0,2.33,69.67,0.16,4.7,0,0,10.52,314.2,0.33,9.98,119.77,3577.85,6565.04,{"$f":"Y69-F69-D69","v":1165.6999999999994}]
["P8147","Técnico de obras","mês",3268.63,80.27,2623.73,22.54,736.74,0.92999999999999994,30.41,0,0,1.6099999999999999,52.78,0.11,3.67,0,0,9.6100000000000012,314.2,0.31,9.98,115.38999999999999,3771.51,7040.14,1147.7799999999997]
["P8151","Técnico de segurança do trabalho","mês",4601.83,80.95,3725.18,16.009999999999998,736.74,0.66,30.41,0,0,0,0,0.1,4.4000000000000004,0,0,6.83,314.2,0.22,9.98,104.76,4820.92,9422.75,1095.7399999999998]
["P8155","Técnico em geoprocessamento","mês",2908.72,79.52,2313.0100000000002,25.330000000000002,736.74,1.05,30.41,0,0,2.56,74.38,0.11,3.2,0,0,10.8,314.2,0.33999999999999997,9.98,119.71000000000001,3481.93,6390.65,1168.9199999999996]
["P8163","Topógrafo","mês",2558.11,80.600000000000009,2061.84,28.799999999999997,736.74,1.1900000000000002,30.41,0,0,3.73,95.41,0.16,4.0599999999999996,0,0,12.280000000000001,314.2,0.38999999999999996,9.98,127.15,3252.65,5810.76,1190.81]
["P8167","Arquivista júnior","mês",2646.43,80.13,2120.58,27.839999999999996,736.74,0,0,0,0,3.4099999999999997,90.11,0.15,4.01,0,0,11.87,314.2,0.38,9.98,123.78,3275.63,5922.06,1155.0500000000006]
["P8168","Arquivista pleno","mês",3528.57,80.13,2827.44,20.880000000000003,736.74,0,0,0,0,1.05,37.19,0.11,4.01,0,0,8.9,314.2,0.27999999999999997,9.98,111.35999999999999,3929.57,7458.14,1102.1300000000006]
["P8169","Arquivista sênior","mês",5691.23,80.13,4560.3900000000003,12.950000000000001,736.74,0,0,0,0,0,0,6.9999999999999993E-2,4.01,0,0,5.52,314.2,0.18,9.98,98.839999999999989,5625.33,11316.56,1064.9399999999996]
["P8173","Administrador júnior","mês",3537.16,79.7,2819.12,20.830000000000002,736.74,0,0,0,0,1.04,36.67,0.1,3.42,0,0,8.8800000000000008,314.2,0.27999999999999997,9.98,110.83000000000001,3920.13,7457.29,1101.0100000000002]
["P8174","Administrador pleno","mês",4716.22,79.7,3758.82,15.620000000000001,736.74,0,0,0,0,0,0,6.9999999999999993E-2,3.42,0,0,6.660000000000001,314.2,0.21,9.98,102.27,4823.17,9539.3799999999992,1064.3399999999992]
["P8175","Administrador sênior","mês",8501.66,79.7,6775.82,8.67,736.74,0,0,0,0,0,0,0.04,3.42,0,0,3.6999999999999997,314.2,0.12,9.98,92.22,7840.17,16341.82,1064.3400000000001]
["P8180","Engenheiro agrimensor júnior","mês",12903,80.06,10330.14,5.71,736.74,0.21,27.13,0,0,0,0,0.04,4.83,0,0,2.44,314.2,0.08,9.98,88.53,11423.03,24326.03,1092.8899999999994]
["P8181","Engenheiro agrimensor pleno","mês",13824.31,80.06,11067.74,5.33,736.74,0.2,27.13,0,0,0,0,0.03,4.83,0,0,2.27,314.2,6.9999999999999993E-2,9.98,87.97,12160.63,25984.93,1092.880000000001]
["P8182","Engenheiro agrimensor sênior","mês",14745.61,80.06,11805.34,5,736.74,0.18,27.13,0,0,0,0,0.03,4.83,0,0,2.13,314.2,6.9999999999999993E-2,9.98,87.47,12898.22,27643.84,1092.8899999999994]
["P8183","Geógrafo júnior","mês",4048.9,79.759999999999991,3229.4,18.2,736.74,0.67,27.13,0,0,0.15,5.97,0.09,3.52,0,0,7.76,314.2,0.25,9.98,106.87,4326.9399999999996,8375.83,1097.5300000000002]
["P8184","Geógrafo pleno","mês",5398.53,79.759999999999991,4305.87,13.65,736.74,0.5,27.13,0,0,0,0,6.9999999999999993E-2,3.52,0,0,5.82,314.2,0.18,9.98,99.98,5397.44,10795.97,1091.5699999999997]
["P8185","Geógrafo sênior","mês",10648.45,79.759999999999991,8493.2099999999991,6.92,736.74,0.25,27.13,0,0,0,0,0.03,3.52,0,0,2.9499999999999997,314.2,0.09,9.98,90.01,9584.7800000000007,20233.23,1091.5699999999997]
["P8186","Antropólogo júnior","mês",3475.42,86.22999999999999,2996.85,21.2,736.74,0.77999999999999992,27.13,0,0,1.1599999999999999,40.369999999999997,0.27,9.4,0,0,9.0399999999999991,314.2,0.28999999999999998,9.98,118.97,4134.68,7610.1,1137.83]
["P8187","Antropólogo pleno","mês",4633.8900000000003,86.22999999999999,3995.8,15.9,736.74,0.59,27.13,0,0,0,0,0.2,9.4,0,0,6.78,314.2,0.22,9.98,109.91,5093.26,9727.15,1097.4599999999991]
["P8188","Antropólogo sênior","mês",7387.64,86.22999999999999,6370.36,9.9699999999999989,736.74,0.37,27.13,0,0,0,0,0.13,9.4,0,0,4.25,314.2,0.13999999999999999,9.98,101.08999999999999,7467.81,14855.45,1097.4499999999998]
["P8189","Arqueólogo júnior","mês",2929.4,84.6,2478.27,25.15,736.74,0.92999999999999994,27.13,0,0,2.5,73.14,0.27999999999999997,8.16,0,0,10.73,314.2,0.33999999999999997,9.98,124.52000000000001,3647.61,6577.01,1169.3399999999997]
["P8190","Arqueólogo pleno","mês",3905.86,84.6,3304.36,18.86,736.74,0.69,27.13,0,0,0.37,14.55,0.21,8.16,0,0,8.0399999999999991,314.2,0.26,9.98,113.04,4415.12,8320.98,1110.7599999999989]
["P8191","Arqueólogo sênior","mês",5849.34,84.6,4948.54,12.6,736.74,0.45999999999999996,27.13,0,0,0,0,0.13999999999999999,8.16,0,0,5.37,314.2,0.16999999999999998,9.98,103.34,6044.75,11894.09,1096.21]
["P8192","Historiador júnior","mês",4159.21,81.910000000000011,3406.81,17.71,736.74,0.65,27.13,0,0,0,0,0.16999999999999998,7.01,0,0,7.55,314.2,0.24,9.98,108.24000000000001,4501.87,8661.08,1095.0600000000004]
["P8193","Historiador pleno","mês",5545.62,81.910000000000011,4542.41,13.29,736.74,0.49,27.13,0,0,0,0,0.13,7.01,0,0,5.67,314.2,0.18,9.98,101.66,5637.47,11183.09,1095.0600000000004]
["P8194","Historiador sênior","mês",8859.16,81.910000000000011,7256.54,8.32,736.74,0.31,27.13,0,0,0,0,0.08,7.01,0,0,3.55,314.2,0.11,9.98,94.27,8351.59,17210.75,1095.0499999999993]
["P8195","Paleontólogo júnior","mês",3475.42,86.22999999999999,2996.85,21.2,736.74,0.77999999999999992,27.13,0,0,1.1599999999999999,40.369999999999997,0.27,9.4,0,0,9.0399999999999991,314.2,0.28999999999999998,9.98,118.97,4134.68,7610.1,1137.83]
["P8196","Paleontólogo pleno","mês",4633.8900000000003,86.22999999999999,3995.8,15.9,736.74,0.59,27.13,0,0,0,0,0.2,9.4,0,0,6.78,314.2,0.22,9.98,109.91,5093.26,9727.15,1097.4599999999991]
["P8197","Paleontólogo sênior","mês",7387.64,86.22999999999999,6370.36,9.9699999999999989,736.74,0.37,27.13,0,0,0,0,0.13,9.4,0,0,4.25,314.2,0.13999999999999999,9.98,101.08999999999999,7467.81,14855.45,1097.4499999999998]
["P8198","Sociólogo júnior","mês",4336.84,81.89,3551.44,16.989999999999998,736.74,0.63,27.13,0,0,0,0,0.16,7.01,0,0,7.24,314.2,0.22999999999999998,9.98,107.13999999999999,4646.49,8983.33,1095.0499999999993]
["P8199","Sociólogo pleno","mês",5782.45,81.89,4735.25,12.740000000000002,736.74,0.47000000000000003,27.13,0,0,0,0,0.12,7.01,0,0,5.43,314.2,0.16999999999999998,9.98,100.83,5830.31,11612.76,1095.0600000000004]
["P8200","Sociólogo sênior","mês",8917.4699999999993,81.89,7302.52,8.2600000000000016,736.74,0.3,27.13,0,0,0,0,0.08,7.01,0,0,3.52,314.2,0.11,9.98,94.17,8397.57,17315.04,1095.0500000000011]
["P8264","Motorista de veículo leve - horista","h",9.82,113.26,11.12,41.11,4.04,1.8399999999999999,0.18,0,0,6.660000000000001,0.65,0.19,0.02,0,0,17.53,1.72,0.55999999999999994,0.05,181.16,17.79,27.61,6.6700000000000017]

{"sheet":"C.G - DNIT","index":15,"n_rows":27,"n_cols":8,"rows_kept":27,"cut":false,"hidden":false,"merged":[[3,5,3,6],[24,1,25,1],[24,3,24,4],[25,3,25,4],[14,3,14,4],[15,1,16,1],[15,3,15,4],[16,3,16,4],[17,1,18,1],[17,3,17,4],[18,3,18,4],[19,1,23,1],[19,3,19,4],[20,3,20,4],[21,3,21,4],[22,3,22,4],[23,3,23,4],[5,1,9,1],[3,1,4,1],[3,2,4,2],[3,3,4,3],[3,4,4,4],[9,3,9,4]]}
[null,"2025-04-01"]
[null,"Tabela 1 - Custos de veículos "]
[null,{"$f":"\"Tabela de Preços de Consultoria - mês de referência: \"&TEXT(B1,\"MMMM\")&\" de \"&TEXT(B1,\"AAAA\")","v":"Tabela de Preços de Consultoria - mês de referência: abril de 2025"}]
[null,"Item","Código","Tipo","Unidade","Custo unitário (R$ / un)",null,"S"]
[{"$nulls":5},"Produtivo","Improdutivo"]
[null,"Veículos","E8889","Veículo leve - 53 kW (sem motorista)",null,36.69,6.57]
[null,null,"E8890","Veículo leve - 53 kW (com motorista)",null,64.3,34.18]
[null,null,"E8891","Veículo leve picape 4 x 4 com capacidade de 1,10 t - 147 kW (sem motorista)",null,79.599999999999994,22.89]
[null,null,"E8888","Veículo tipo van furgão com capacidade de 1,38 t - 100 kW (sem motorista)",null,56.35,17.21]
[null,null,"E8887","Veículo tipo van furgão com capacidade de 1,38 t - 100 kW (com motorista)",null,83.96,44.82]
[null,"Fonte: FGV IBRE"]
[]
[null,"Tabela 2 - Custos de imóveis, mobiliário, cestas de instalações e custos diversos"]
[null,{"$f":"\"Tabela de Preços de Consultoria - mês de referência: \"&TEXT(B1,\"MMMM\")&\" de \"&TEXT(B1,\"AAAA\")","v":"Tabela de Preços de Consultoria - mês de referência: abril de 2025"}]
[null,"Item","Código","Tipo",null,"Unidade","Custo unitário \n(R$ / un)"]
[null,"Imóveis","B8951","Comercial (2,55% do CMCC - SINAPI)",null,"m² x mês",49.4]
[null,null,"B8952","Residencial (2,45% do CMCC - SINAPI)",null,"m² x mês",47.46]
[null,"Mobiliário","B8953","Escritório",null,"ocupante x mês",467.45]
[null,null,"B8954","Residência",null,"ocupante x mês",42.11]
[null,"Cesta das Instalações","B8955","Laboratório de asfalto",null,"mês",5952.38]
[null,null,"B8956","Laboratório de concreto",null,"mês",4642.5600000000004]
[null,null,"B8957","Laboratório de solos",null,"mês",3520.5]
[null,null,"B8958","Topografia",null,"mês",5150.2700000000004]
[null,null,"B8961","Topografia por VANT",null,"mês",866.31]
[null,"Custos Diversos","B8959","Escritório",null,"ocupante x mês",137.55000000000001]
[null,null,"B8960","Residência",null,"ocupante x mês",204.08]
[null,"Fonte: FGV IBRE"]

{"sheet":"AUX - NOTEBOOK","index":16,"n_rows":47,"n_cols":10,"rows_kept":47,"cut":false,"hidden":false,"merged":[[46,0,46,8],[72,0,72,8],[0,0,3,7],[4,0,5,7],[7,0,8,0],[7,1,7,4],[7,5,7,6],[7,7,8,7]]}
[]
[]
[]
[]
["COMPOSIÇÃO DO PREÇO UNITÁRIO MENSAL PARA ALUGUEL DE NOTEBOOK"]
[]
[]
[" AQUISIÇÃO DE EQUIPAMENTO","VALOR DA DEPRECIAÇÃO",null,null,null,"MANUTENÇÃO",null,"VALOR MENSAL TOTAL (R$)"]
[null,"Tempo de Utilização (Anos)","Meses p/Ano de Uso","Percentual Residual (%)","Depreciação        Mensal - R$","Percentual Anual (%)","Valor Mensal (R$)"]
[{"$f":"SUM(E13:E18)","v":2599.0571428571429},5,12,0.25,{"$f":"ROUND((A10*(100%-D10))/(B10*C10),2)","v":32.49},0.05,{"$f":"ROUND((F10*A10)/12,2)","v":10.83},{"$f":"E10+G10","v":43.32}]
[]
["Item","Código","Preço Un.","Quantidade","Custo de Aquisição"]
["Notebook 16 GB RAM, 500 GB HDD, Tela 14\" e processador 2,8 GHz","Cotação",{"$f":"J44","v":2599.0571428571429},1,{"$f":"C13*D13","v":2599.0571428571429}]
{"$rows_empty":9}
["Notebook 16 Gb RAM, 500 GB HDD"]
{"$rows_empty":17}
["Cotação 1","Cotação 2","Cotação 3","Cotação 4","Cotação 5","Cotação 6","Cotação 7",null,"CV=",{"$f":"_xlfn.STDEV.S(A42:G42)/AVERAGE(A42:G42)","v":0.16603472259908722}]
[2990,2179,2950,1999.02,2276.39,2999.99,2799,null,"Média=",{"$f":"AVERAGE(A42:G42)","v":2599.0571428571429}]
[{"$nulls":8},"Mediana=",{"$f":"MEDIAN(A42:G42)","v":2799}]
[{"$nulls":8},"Menor=",{"$f":"SMALL(J42:J43,1)","v":2599.0571428571429}]
[]
["Data da Pesquisa: 20/01/2025"]
["https://www.google.com/search?sca_esv=3c12e2eb7b7f70e3&tbm=shop&q=armario+madeira+alto+escritorio&tbs=mr:1,price:1,ppr_min:500,ppr_max:700&sa=X&ved=0ahUKEwim5PCi5ISLAxW-ppUCHQnQD2QQvSsI5QYoAg&biw=1455&bih=695&dpr=1.1"]

{"sheet":"AUX - GPS","index":17,"n_rows":42,"n_cols":10,"rows_kept":42,"cut":false,"hidden":false,"merged":[[41,0,41,8],[67,0,67,8],[0,0,3,7],[4,0,5,7]]}
[]
[]
[]
[]
["COMPOSIÇÃO DO PREÇO UNITÁRIO AQUISÇÃO GPS PORTÁTIL"]
[]
["Item","Código","Preço Un.","Quantidade","Custo de Aquisição"]
["GPS com receptor GCNSS de alta precisão, 8GB e certificação IP67","Cotação",{"$f":"J39","v":3890.89},1,{"$f":"C8*D8","v":3890.89}]
{"$rows_empty":9}
["GPS Portátil, 8Gb, IP67"]
{"$rows_empty":17}
["Cotação 1","Cotação 2","Cotação 3","Cotação 4","Cotação 5","Cotação 6","Cotação 7",null,"CV=",{"$f":"_xlfn.STDEV.S(A37:G37)/AVERAGE(A37:G37)","v":0.17563521481614064}]
[3199,3890.89,5008.3,3235.42,4799,4249,3786,null,"Média=",{"$f":"AVERAGE(A37:G37)","v":4023.9442857142858}]
[{"$nulls":8},"Mediana=",{"$f":"MEDIAN(A37:G37)","v":3890.89}]
[{"$nulls":8},"Menor=",{"$f":"SMALL(J37:J38,1)","v":3890.89}]
[]
["Data da Pesquisa: 20/01/2025"]
["https://www.google.com/search?sca_esv=d31344bcc906bdee&tbm=shop&q=GPS+de+Navega%C3%A7%C3%A3o+portatil+ip67+BeiDou,+GLONASS+e+Galileo&tbs=mr:1,new:1&sa=X&ved=0ahUKEwix6cG9ooeLAxWLALkGHX78HGoQsysI7AgoAA&biw=1455&bih=695&dpr=1.1"]

{"sheet":"AUX - MOBILIÁRIO","index":18,"n_rows":72,"n_cols":7,"rows_kept":72,"cut":false,"hidden":false,"merged":[[71,0,71,6],[0,0,3,5],[4,0,5,5],[7,0,8,0],[7,1,7,4],[7,5,8,5],[45,0,45,6]]}
[]
[]
[]
[]
["COMPOSIÇÃO DO PREÇO UNITÁRIO MENSAL PARA ALUGUEL DE MOBILIÁRIO E EQUIPAMENTOS DE ESCRITÓRIO"]
[]
[]
[" AQUISIÇÃO DE MOBILIÁRIO","VALOR DA DEPRECIAÇÃO",null,null,null,"VALOR MENSAL TOTAL (R$)"]
[null,"Tempo de Utilização (Anos)","Meses p/Ano de Uso","Percentual Residual (%)","Depreciação        Mensal - R$"]
[{"$f":"SUM(E13:E18)","v":12844.97},5,12,0.2,{"$f":"ROUND((A10*(100%-D10))/(B10*C10),2)","v":171.27},{"$f":"E10","v":171.27}]
[]
["Item","Código","Preço Un.","Quantidade","Custo de Aquisição"]
["Mesa de Escritório","11548/ORSE",345,16,{"$f":"C13*D13","v":5520}]
["Cadeira Giratória","11534/ORSE",280,20,{"$f":"C14*D14","v":5600}]
["Armário Escritório","Cotação",{"$f":"G43","v":574.99},3,{"$f":"C15*D15","v":1724.97}]
["Aparelho Telefone","Cotação",{"$f":"G69","v":151.95999999999998},0,{"$f":"C16*D16","v":0}]
[]
[]
[]
[]
[]
[]
["Armário para Escritório"]
{"$rows_empty":16}
["Cotação 1","Cotação 2","Cotação 3","Cotação 4","Cotação 5","CV=",{"$f":"_xlfn.STDEV.S(A41:E41)/AVERAGE(A41:A41)","v":6.2800886844130668E-2}]
[541.5,620.76,541.5,591.20000000000005,579.99,"Média=",{"$f":"AVERAGE(A41:E41)","v":574.99}]
[{"$nulls":5},"Mediana=",{"$f":"MEDIAN(A41:E41)","v":579.99}]
[{"$nulls":5},"Menor=",{"$f":"SMALL(G41:G42,1)","v":574.99}]
[]
["Data da Pesquisa: 20/01/2025"]
["https://www.google.com/search?sca_esv=3c12e2eb7b7f70e3&tbm=shop&q=armario+madeira+alto+escritorio&tbs=mr:1,price:1,ppr_min:500,ppr_max:700&sa=X&ved=0ahUKEwim5PCi5ISLAxW-ppUCHQnQD2QQvSsI5QYoAg&biw=1455&bih=695&dpr=1.1"]
["Aparelho Telefone"]
{"$rows_empty":18}
["Cotação 1","Cotação 2","Cotação 3","Cotação 4","Cotação 5","CV=",{"$f":"_xlfn.STDEV.S(A67:E67)/AVERAGE(A67:A67)","v":0.1742305327838734}]
[122,159.99,138.88,175,163.93,"Média=",{"$f":"AVERAGE(A67:E67)","v":151.95999999999998}]
[{"$nulls":5},"Mediana=",{"$f":"MEDIAN(A67:E67)","v":159.99}]
[{"$nulls":5},"Menor=",{"$f":"SMALL(G67:G68,1)","v":151.95999999999998}]
["Data da Pesquisa: 20/01/2025"]
[]
["https://www.google.com/search?sca_esv=3c12e2eb7b7f70e3&tbm=shop&q=telefone+com+identificador+de+chamadas&tbs=mr:1,price:1,ppr_min:150,ppr_max:300&sa=X&ved=0ahUKEwjRubuz9ISLAxUtBbkGHaiyFkQQvSsIrwkoAQ&biw=1455&bih=695&dpr=1.1"]

{"sheet":"AUX - IMPRESSORA","index":19,"n_rows":47,"n_cols":8,"rows_kept":47,"cut":false,"hidden":false,"merged":[[46,0,46,8],[72,0,72,8],[0,0,3,7],[4,0,5,7],[7,0,8,0],[7,1,7,4],[7,5,7,6],[7,7,8,7]]}
[]
[]
[]
[]
["COMPOSIÇÃO DO PREÇO UNITÁRIO MENSAL PARA ALUGUEL DE IMPRESSORA"]
[]
[]
[" AQUISIÇÃO DE EQUIPAMENTO","VALOR DA DEPRECIAÇÃO",null,null,null,"MANUTENÇÃO",null,"VALOR MENSAL TOTAL (R$)"]
[null,"Tempo de Utilização (Anos)","Meses p/Ano de Uso","Percentual Residual (%)","Depreciação        Mensal - R$","Percentual Anual (%)","Valor Mensal (R$)"]
[{"$f":"SUM(E13:E18)","v":1528.2280000000003},5,12,0.25,{"$f":"ROUND((A10*(100%-D10))/(B10*C10),2)","v":19.100000000000001},0.05,{"$f":"ROUND((F10*A10)/12,2)","v":6.37},{"$f":"E10+G10","v":25.470000000000002}]
[]
["Item","Código","Preço Un.","Quantidade","Custo de Aquisição"]
["Impressora Laser Colorida Multifuncional","Cotação",{"$f":"G43","v":1528.2280000000003},1,{"$f":"C13*D13","v":1528.2280000000003}]
{"$rows_empty":9}
["Impressora Laser Multifuncional"]
{"$rows_empty":16}
[{"$nulls":5},"CV=",{"$f":"_xlfn.STDEV.S(A42:E42)/AVERAGE(A42:E42)","v":0.13105129699165202}]
["Cotação 1","Cotação 2","Cotação 3","Cotação 4","Cotação 5","Média=",{"$f":"AVERAGE(A42:E42)","v":1528.2280000000003}]
[1349.1,1597,1299,1779.94,1616.1,"Mediana=",{"$f":"MEDIAN(A42:E42)","v":1597}]
[{"$nulls":5},"Menor=",{"$f":"SMALL(G41:G42,1)","v":1528.2280000000003}]
[]
[]
["Data da Pesquisa: 20/01/2025"]
["https://www.google.com/search?sca_esv=3c12e2eb7b7f70e3&tbm=shop&q=armario+madeira+alto+escritorio&tbs=mr:1,price:1,ppr_min:500,ppr_max:700&sa=X&ved=0ahUKEwim5PCi5ISLAxW-ppUCHQnQD2QQvSsI5QYoAg&biw=1455&bih=695&dpr=1.1"]